{"text_format":"3","workbook":"xlsx","n_sheets":13,"sheets":["工程项目造价汇总表","单项工程造价汇总表","单位工程造价汇总表","分部分项工程量清单与计价表","总价措施项目清单与计价表(含分项)","单价措施项目清单与计价表","其他项目清单与计价汇总表","暂列金额明细表","专业工程暂估价明细表","总承包服务费计价表","分部分项工程量清单综合单价分析表","单价措施项目清单综合单价分析表","人工、材料设备、机械汇总表"],"read":"whole","date_system":"1900"}

{"sheet":"工程项目造价汇总表","index":0,"n_rows":7,"n_cols":4,"rows_kept":7,"merged":[[2,0,2,3],[3,0,3,2],[6,0,6,1]]}
["","","",""]
["","","",""]
["工程项目造价汇总表"]
["工程名称:柘荣汽车站“三旧改造”(新财富广场)项目-智能化工程",null,null,"第1页 共1页"]
["序号","单项工程名称","金额(元)","其中:\n安全文明施工费(元)"]
["1","单项工程",{"v":456275,"d":"456275.00"},{"v":3718,"d":"3718.00"}]
["合  计",null,{"v":456275,"d":"456275.00"},{"v":3718,"d":"3718.00"}]

{"sheet":"单项工程造价汇总表","index":1,"n_rows":9,"n_cols":5,"rows_kept":9,"merged":[[1,0,1,4],[2,0,2,4],[3,0,3,3],[4,2,4,3],[5,2,5,3],[6,2,6,3],[7,2,7,3],[8,0,8,1],[8,2,8,3]]}
["","","","",""]
["单项工程造价汇总表"]
[""]
["工程名称：柘荣汽车站“三旧改造”(新财富广场)项目-智能化工程  单项工程",{"$nulls":3},"第1页 共1页"]
["序号","单位工程名称","金额(元)",null," 其中:\n安全文明施工费(元)"]
["1","安装工程",{"v":280235,"d":"280235.00"},null,{"v":3202,"d":"3202.00"}]
["2","室外工程",{"v":156040,"d":"156040.00"},null,{"v":516,"d":"516.00"}]
["3","暂列金",{"v":20000,"d":"20000.00"}]
["合        计",null,{"v":456275,"d":"456275.00"},null,{"v":3718,"d":"3718.00"}]

{"sheet":"单位工程造价汇总表","index":2,"n_rows":59,"n_cols":4,"rows_kept":59,"merged":[[0,0,0,3],[1,0,1,3],[2,0,2,2],[3,2,3,3],[4,2,4,3],[5,2,5,3],[6,2,6,3],[7,2,7,3],[8,2,8,3],[9,2,9,3],[10,2,10,3],[11,2,11,3],[12,2,12,3],[13,2,13,3],[14,2,14,3],[15,2,15,3],[16,2,16,3],[17,2,17,3],[18,2,18,3],[19,2,19,3],[20,0,20,1],[20,2,20,3],[21,0,21,3],[22,0,22,3],[23,0,23,2],[24,2,24,3],[25,2,25,3],[26,2,26,3],[27,2,27,3],[28,2,28,3],[29,2,29,3],[30,2,30,3],[31,2,31,3],[32,2,32,3],[33,2,33,3],[34,2,34,3],[35,2,35,3],[36,2,36,3],[37,2,37,3],[38,2,38,3],[39,2,39,3],[40,2,40,3],[41,0,41,1],[41,2,41,3],[42,0,42,3],[43,0,43,3],[44,0,44,2],[45,2,45,3],[46,2,46,3],[47,2,47,3],[48,2,48,3],[49,2,49,3],[50,2,50,3],[51,2,51,3],[52,2,52,3],[53,2,53,3],[54,2,54,3],[55,2,55,3],[56,2,56,3],[57,2,57,3],[58,0,58,1],[58,2,58,3]]}
["单位工程造价汇总表"]
[""]
["工程名称：柘荣汽车站“三旧改造”(新财富广场)项目-智能化工程  单项工程  安装工程",null,null,"第1页 共3页"]
["序号","汇 总 内 容","金 额(元)"]
["1","分部分项工程费",{"v":275862,"d":"275862.00"}]
["1.1","视频监控系统",{"v":67260,"d":"67260.00"}]
["1.2","UPS配电系统",{"v":976,"d":"976.00"}]
["1.3","综合布线系统",{"v":83489,"d":"83489.00"}]
["1.4","五方通话系统",{"v":470,"d":"470.00"}]
["1.5","消控室",{"v":123667,"d":"123667.00"}]
["2","措施项目费",{"v":4373,"d":"4373.00"}]
["2.1","总价措施项目费",{"v":4251,"d":"4251.00"}]
["2.1.1","安全文明施工费",{"v":3202,"d":"3202.00"}]
["2.1.2","其他总价措施费",{"v":658,"d":"658.00"}]
["2.1.3","扬尘防治措施费",{"v":391,"d":"391.00"}]
["2.2","单价措施项目费",{"v":122,"d":"122.00"}]
["3","其他项目费"]
["3.1","暂列金额"]
["3.2","专业工程暂估价"]
["3.3","总承包服务费"]
["合  计=1+2+3",null,{"v":280235,"d":"280235.00"}]
["单位工程造价汇总表"]
[""]
["工程名称：柘荣汽车站“三旧改造”(新财富广场)项目-智能化工程  单项工程  室外工程",null,null,"第2页 共3页"]
["序号","汇 总 内 容","金 额(元)"]
["1","分部分项工程费",{"v":155104,"d":"155104.00"}]
["1.1","视频监控系统",{"v":34169,"d":"34169.00"}]
["1.2","UPS配电系统",{"v":862,"d":"862.00"}]
["1.3","综合布线系统",{"v":11639,"d":"11639.00"}]
["1.4","停车场管理系统",{"v":95156,"d":"95156.00"}]
["1.5","综合管网",{"v":13278,"d":"13278.00"}]
["2","措施项目费",{"v":936,"d":"936.00"}]
["2.1","总价措施项目费",{"v":790,"d":"790.00"}]
["2.1.1","安全文明施工费",{"v":516,"d":"516.00"}]
["2.1.2","其他总价措施费",{"v":212,"d":"212.00"}]
["2.1.3","扬尘防治措施费",{"v":62,"d":"62.00"}]
["2.2","单价措施项目费",{"v":146,"d":"146.00"}]
["3","其他项目费"]
["3.1","暂列金额"]
["3.2","专业工程暂估价"]
["3.3","总承包服务费"]
["合  计=1+2+3",null,{"v":156040,"d":"156040.00"}]
["单位工程造价汇总表"]
[""]
["工程名称：柘荣汽车站“三旧改造”(新财富广场)项目-智能化工程  单项工程  暂列金",null,null,"第3页 共3页"]
["序号","汇 总 内 容","金 额(元)"]
["1","分部分项工程费"]
["1.1","暂列金"]
["2","措施项目费"]
["2.1","总价措施项目费"]
["2.1.1","安全文明施工费"]
["2.1.2","其他总价措施费"]
["2.1.3","扬尘防治措施费"]
["2.2","单价措施项目费"]
["3","其他项目费",{"v":20000,"d":"20000.00"}]
["3.1","暂列金额",{"v":20000,"d":"20000.00"}]
["3.2","专业工程暂估价"]
["3.3","总承包服务费"]
["合  计=1+2+3",null,{"v":20000,"d":"20000.00"}]

{"sheet":"分部分项工程量清单与计价表","index":3,"n_rows":235,"n_cols":11,"rows_kept":235,"merged":[[0,0,0,9],[1,0,1,9],[2,0,2,7],[2,8,2,9],[3,0,4,1],[3,2,4,2],[3,3,4,3],[3,4,4,4],[3,5,4,5],[3,6,4,6],[3,7,3,9],[4,7,4,8],[5,0,5,9],[6,0,6,9],[7,0,7,9],[8,0,8,1],[8,7,8,8],[9,0,9,1],[9,7,9,8],[10,0,10,1],[10,7,10,8],[11,0,11,1],[11,7,11,8],[12,0,12,1],[12,7,12,8],[13,0,13,1],[13,7,13,8],[14,0,14,1],[14,7,14,8],[15,0,15,1],[15,7,15,8],[16,0,16,9],[17,0,17,9],[18,0,18,7],[18,8,18,9],[19,0,20,1],[19,2,20,2],[19,3,20,3],[19,4,20,4],[19,5,20,5],[19,6,20,6],[19,7,19,9],[20,7,20,8],[21,0,21,1],[21,7,21,8],[22,0,22,1],[22,7,22,8],[23,0,23,1],[23,7,23,8],[24,0,24,9],[25,0,25,9],[26,0,26,7],[26,8,26,9],[27,0,28,1],[27,2,28,2],[27,3,28,3],[27,4,28,4],[27,5,28,5],[27,6,28,6],[27,7,27,9],[28,7,28,8],[29,0,29,1],[29,7,29,8],[30,0,30,1],[30,7,30,8],[31,0,31,9],[32,0,32,9],[33,0,33,7],[33,8,33,9],[34,0,35,1],[34,2,35,2],[34,3,35,3],[34,4,35,4],[34,5,35,5],[34,6,35,6],[34,7,34,9],[35,7,35,8],[36,0,36,1],[36,7,36,8],[37,0,37,1],[37,7,37,8],[38,0,38,9],[39,0,39,1],[39,7,39,8],[40,0,40,1],[40,7,40,8],[41,0,41,9],[42,0,42,1],[42,7,42,8],[43,0,43,1],[43,7,43,8],[44,0,44,9],[45,0,45,9],[46,0,46,7],[46,8,46,9],[47,0,48,1],[47,2,48,2],[47,3,48,3],[47,4,48,4],[47,5,48,5],[47,6,48,6],[47,7,47,9],[48,7,48,8],[49,0,49,1],[49,7,49,8],[50,0,50,1],[50,7,50,8],[51,0,51,1],[51,7,51,8],[52,0,52,9],[53,0,53,9],[54,0,54,7],[54,8,54,9],[55,0,56,1],[55,2,56,2],[55,3,56,3],[55,4,56,4],[55,5,56,5],[55,6,56,6],[55,7,55,9],[56,7,56,8],[57,0,57,1],[57,7,57,8],[58,0,58,1],[58,7,58,8],[59,0,59,9],[60,0,60,9],[61,0,61,7],[61,8,61,9],[62,0,63,1],[62,2,63,2],[62,3,63,3],[62,4,63,4],[62,5,63,5],[62,6,63,6],[62,7,62,9],[63,7,63,8],[64,0,64,1],[64,7,64,8],[65,0,65,1],[65,7,65,8],[66,0,66,9],[67,0,67,1],[67,7,67,8],[68,0,68,1],[68,7,68,8],[69,0,69,1],[69,7,69,8],[70,0,70,9],[71,0,71,1],[71,7,71,8],[72,0,72,1],[72,7,72,8],[73,0,73,9],[74,0,74,9],[75,0,75,7],[75,8,75,9],[76,0,77,1],[76,2,77,2],[76,3,77,3],[76,4,77,4],[76,5,77,5],[76,6,77,6],[76,7,76,9],[77,7,77,8],[78,0,78,1],[78,7,78,8],[79,0,79,1],[79,7,79,8],[80,0,80,9],[81,0,81,9],[82,0,82,7],[82,8,82,9],[83,0,84,1],[83,2,84,2],[83,3,84,3],[83,4,84,4],[83,5,84,5],[83,6,84,6],[83,7,83,9],[84,7,84,8],[85,0,85,1],[85,7,85,8],[86,0,86,1],[86,7,86,8],[87,0,87,9],[88,0,88,9],[89,0,89,7],[89,8,89,9],[90,0,91,1],[90,2,91,2],[90,3,91,3],[90,4,91,4],[90,5,91,5],[90,6,91,6],[90,7,90,9],[91,7,91,8],[92,0,92,1],[92,7,92,8],[93,0,93,9],[94,0,94,9],[95,0,95,7],[95,8,95,9],[96,0,97,1],[96,2,97,2],[96,3,97,3],[96,4,97,4],[96,5,97,5],[96,6,97,6],[96,7,96,9],[97,7,97,8],[98,0,98,1],[98,7,98,8],[99,0,99,1],[99,7,99,8],[100,0,100,1],[100,7,100,8],[101,0,101,1],[101,7,101,8],[102,0,102,9],[103,0,103,9],[104,0,104,7],[104,8,104,9],[105,0,106,1],[105,2,106,2],[105,3,106,3],[105,4,106,4],[105,5,106,5],[105,6,106,6],[105,7,105,9],[106,7,106,8],[107,0,107,1],[107,7,107,8],[108,0,108,9],[109,0,109,9],[110,0,110,7],[110,8,110,9],[111,0,112,1],[111,2,112,2],[111,3,112,3],[111,4,112,4],[111,5,112,5],[111,6,112,6],[111,7,111,9],[112,7,112,8],[113,0,113,1],[113,7,113,8],[114,0,114,9],[115,0,115,9],[116,0,116,7],[116,8,116,9],[117,0,118,1],[117,2,118,2],[117,3,118,3],[117,4,118,4],[117,5,118,5],[117,6,118,6],[117,7,117,9],[118,7,118,8],[119,0,119,1],[119,7,119,8],[120,0,120,1],[120,7,120,8],[121,0,121,1],[121,7,121,8],[122,0,122,1],[122,7,122,8],[123,0,123,1],[123,7,123,8],[124,0,124,9],[125,0,125,9],[126,0,126,7],[126,8,126,9],[127,0,128,1],[127,2,128,2],[127,3,128,3],[127,4,128,4],[127,5,128,5],[127,6,128,6],[127,7,127,9],[128,7,128,8],[129,0,129,1],[129,7,129,8],[130,0,130,9],[131,0,131,9],[132,0,132,1],[132,7,132,8],[133,0,133,1],[133,7,133,8],[134,0,134,9],[135,0,135,9],[136,0,136,7],[136,8,136,9],[137,0,138,1],[137,2,138,2],[137,3,138,3],[137,4,138,4],[137,5,138,5],[137,6,138,6],[137,7,137,9],[138,7,138,8],[139,0,139,1],[139,7,139,8],[140,0,140,1],[140,7,140,8],[141,0,141,9],[142,0,142,9],[143,0,143,7],[143,8,143,9],[144,0,145,1],[144,2,145,2],[144,3,145,3],[144,4,145,4],[144,5,145,5],[144,6,145,6],[144,7,144,9],[145,7,145,8],[146,0,146,1],[146,7,146,8],[147,0,147,1],[147,7,147,8],[148,0,148,1],[148,7,148,8],[149,0,149,1],[149,7,149,8],[150,0,150,1],[150,7,150,8],[151,0,151,9],[152,0,152,9],[153,0,153,7],[153,8,153,9],[154,0,155,1],[154,2,155,2],[154,3,155,3],[154,4,155,4],[154,5,155,5],[154,6,155,6],[154,7,154,9],[155,7,155,8],[156,0,156,1],[156,7,156,8],[157,0,157,9],[158,0,158,1],[158,7,158,8],[159,0,159,1],[159,7,159,8],[160,0,160,9],[161,0,161,1],[161,7,161,8],[162,0,162,1],[162,7,162,8],[163,0,163,1],[163,7,163,8],[164,0,164,9],[165,0,165,9],[166,0,166,9],[167,0,167,7],[167,8,167,9],[168,0,169,1],[168,2,169,2],[168,3,169,3],[168,4,169,4],[168,5,169,5],[168,6,169,6],[168,7,168,9],[169,7,169,8],[170,0,170,1],[170,7,170,8],[171,0,171,1],[171,7,171,8],[172,0,172,1],[172,7,172,8],[173,0,173,1],[173,7,173,8],[174,0,174,1],[174,7,174,8],[175,0,175,1],[175,7,175,8],[176,0,176,1],[176,7,176,8],[177,0,177,1],[177,7,177,8],[178,0,178,9],[179,0,179,9],[180,0,180,7],[180,8,180,9],[181,0,182,1],[181,2,182,2],[181,3,182,3],[181,4,182,4],[181,5,182,5],[181,6,182,6],[181,7,181,9],[182,7,182,8],[183,0,183,1],[183,7,183,8],[184,0,184,9],[185,0,185,9],[186,0,186,7],[186,8,186,9],[187,0,188,1],[187,2,188,2],[187,3,188,3],[187,4,188,4],[187,5,188,5],[187,6,188,6],[187,7,187,9],[188,7,188,8],[189,0,189,1],[189,7,189,8],[190,0,190,1],[190,7,190,8],[191,0,191,1],[191,7,191,8],[192,0,192,1],[192,7,192,8],[193,0,193,1],[193,7,193,8],[194,0,194,9],[195,0,195,9],[196,0,196,7],[196,8,196,9],[197,0,198,1],[197,2,198,2],[197,3,198,3],[197,4,198,4],[197,5,198,5],[197,6,198,6],[197,7,197,9],[198,7,198,8],[199,0,199,1],[199,7,199,8],[200,0,200,9],[201,0,201,9],[202,0,202,7],[202,8,202,9],[203,0,204,1],[203,2,204,2],[203,3,204,3],[203,4,204,4],[203,5,204,5],[203,6,204,6],[203,7,203,9],[204,7,204,8],[205,0,205,1],[205,7,205,8],[206,0,206,1],[206,7,206,8],[207,0,207,1],[207,7,207,8],[208,0,208,9],[209,0,209,9],[210,0,210,7],[210,8,210,9],[211,0,212,1],[211,2,212,2],[211,3,212,3],[211,4,212,4],[211,5,212,5],[211,6,212,6],[211,7,211,9],[212,7,212,8],[213,0,213,1],[213,7,213,8],[214,0,214,1],[214,7,214,8],[215,0,215,9],[216,0,216,1],[216,7,216,8],[217,0,217,1],[217,7,217,8],[218,0,218,1],[218,7,218,8],[219,0,219,9],[220,0,220,9],[221,0,221,7],[221,8,221,9],[222,0,223,1],[222,2,223,2],[222,3,223,3],[222,4,223,4],[222,5,223,5],[222,6,223,6],[222,7,222,9],[223,7,223,8],[224,0,224,1],[224,7,224,8],[225,0,225,1],[225,7,225,8],[226,0,226,1],[226,7,226,8],[227,0,227,1],[227,7,227,8],[228,0,228,1],[228,7,228,8],[229,0,229,1],[229,7,229,8],[230,0,230,1],[230,7,230,8],[231,0,231,1],[231,7,231,8],[232,0,232,9],[233,0,233,9],[234,0,234,8]]}
["分部分项工程量清单与计价表",{"$nulls":9},""]
["",{"$nulls":9},""]
["工程名称：柘荣汽车站“三旧改造”(新财富广场)项目-智能化工程",{"$nulls":7},"第1页 共25页",null,""]
["序号",null,"项目编码","项目名称","项目特征描述","计量单位","工程量","金    额(元)",null,null,""]
[{"$nulls":7},"综合单价",null,"合价",""]
["单项工程",{"$nulls":9},"单项工程(17安装)"]
["安装工程",{"$nulls":9},"单位工程(17安装)"]
["视频监控系统",{"$nulls":9},"分项工程(17安装)"]
["1",null,"030411001001","配管","(1)JDG管\n(2)DN20\n(3)电力配管\n(4)暗配","m",{"v":266.76,"d":"266.760"},15.75,null,4201.47,""]
["",null,"","分部小计","","",{"v":266.76,"d":"266.760"},null,null,4201.47,""]
["2",null,"030502005001","双绞线缆","(1)UTP6\n(2)双绞线缆\n(3)管内穿线\n(4)≤4","m",{"v":618.11,"d":"618.110"},{"v":7.5,"d":"7.50"},null,4635.83,""]
["3",null,"030502005002","双绞线缆","(1)UTP6\n(2)双绞线缆\n(3)桥架内布线\n(4)≤4","m",{"v":852.29,"d":"852.290"},7.16,null,{"v":6102.4,"d":"6102.40"},""]
["4",null,"030411004001","配线","(1)铜芯\n(2)3*1.5mm2\n(3)多芯软导线\n(4)RYY\n(5)暗配\n(6)管内","m",{"v":12.6,"d":"12.600"},9.27,null,{"v":116.8,"d":"116.80"},""]
["5",null,"030411004002","配线","(1)铜芯\n(2)3*1.5mm2\n(3)多芯软导线\n(4)RYY\n(5)暗配\n(6)线槽配线","m",{"v":50.06,"d":"50.060"},8.43,null,422.01,""]
["",null,"","分部小计","","",{"v":1533.06,"d":"1533.060"},null,null,11277.04,""]
["6",null,"030507008001","监控摄像设备","(1)400万网络枪式摄像机\n(2)采用≥400万1/3英寸CMOS图像传感器\n(3)设备内置≥4颗混合补光灯,可同时开启≥4颗红外补光灯或≥4颗白光补光灯\n(4)补光灯表面为磨砂面,灯珠朝向与样机照射方向一致\n(5)补光灯开启后,正面不可见补光灯灯珠\n(6)▲支持对人、机动车、全部(人或机动车)进行检测,当小狗、树叶等非人或车辆目标经过检测区域时,不会触发报警（提供首页具有CMA或CNAS标识的第三方检测报告复印件并加盖投标人公章做为依据，至少包含报告首页及对应功能测试页）\n(7)▲设备可同时采用","台",{"v":19,"d":"19.000"},1049.13,null,19933.47,""]
["分部分项工程量清单与计价表",{"$nulls":9},""]
["",{"$nulls":9},""]
["工程名称：柘荣汽车站“三旧改造”(新财富广场)项目-智能化工程",{"$nulls":7},"第2页 共25页",null,""]
["序号",null,"项目编码","项目名称","项目特征描述","计量单位","工程量","金    额(元)",null,null,""]
[{"$nulls":7},"综合单价",null,"合价",""]
["",null,"","","DC12V电源与POE供电,当一路电源停止供电后,设备可正常工作（提供首页具有CMA或CNAS标识的第三方检测报告复印件并加盖投标人公章做为依据，至少包含报告首页及对应功能测试页）\n(8)内置≥1个麦克风\n(9)支持DC12V/PoE供电方式\n(10)支持≥IP67防护等级","",{"$nulls":4},""]
["7",null,"030507008002","监控摄像设备","(1)400万网络半球摄像机\n(2)采用不低于400万1/3英寸CMOS图像传感器\n(3)支持对人、机动车、全部(人或机动车)进行检测,当小狗、树叶等非人或车辆目标经过检测区域时,不会触发报警\n(4)设备内置≥2颗混合补光灯,可同时开启≥2颗红外补光灯或≥2颗白光补光灯\n(5)设备可同时采用DC12V电源与POE供电,当一路电源停止供电后,设备可正常工作\n(6)支持数字宽动态，3D降噪，强光抑制，背光补偿，数字水印，适用不同监控环境\n(7)内置≥1个麦克风\n(8)支持DC12V/PoE供电方式\n(9)支持IP67防护等级","台",{"v":15,"d":"15.000"},1070.93,null,16063.95,""]
["8",null,"030507008003","监控摄像设备","(1)智能高清球型摄像机\n(2)传感器类型≥1/2.8英寸CMOS；\n(3)像素：≥400万；最大分辨率：2560×1440；\n(4)最低照度：彩色：0.005lux@F1.6；黑白：0.0005lux@F1.6；0lux(红外灯开启)；\n(5)最大补光距离：≥150m（红外）；≥30m（白光）；补光类型：红外+白光；\n(6)支持雨刷功能；\n(7)镜头焦距：4.8mm～154mm；光学变倍：32倍；","台",{"v":1,"d":"1.000"},6155.78,null,6155.78,""]
["分部分项工程量清单与计价表",{"$nulls":9},""]
["",{"$nulls":9},""]
["工程名称：柘荣汽车站“三旧改造”(新财富广场)项目-智能化工程",{"$nulls":7},"第3页 共25页",null,""]
["序号",null,"项目编码","项目名称","项目特征描述","计量单位","工程量","金    额(元)",null,null,""]
[{"$nulls":7},"综合单价",null,"合价",""]
["",null,"","","(8)周界防范：支持绊线入侵；支持区域入侵；支持穿越围栏；支持徘徊检测；支持物品遗留；支持物品搬移；支持快速移动；支持停车检测；支持人员聚集；支持人车分类报警；支持联动跟踪；\n(9)人脸检测：支持人脸检测；支持人脸轨迹框；支持优选；支持抓拍；支持上报最优的人脸抓图；支持人脸增强；支持人脸属性提取，支持6种属性8种表情，支持实时抓拍，优选抓拍，质量优先三种抓拍策略；\n(10)声警戒：≥16条语音报警内容，支持自定义语音内容导入；声音：高/中/低；持续时间可设置：5-30秒；\n(11)防抖功能：陀螺仪防抖；\n(12)音频输入：≥1路；音频输出：≥1路；\n(13)报警输入：≥2路，开关量输入（0～5V DC）；报警输出：≥1路；\n(14)防护等级：≥IP66；TVS 6000V防雷、防浪涌和防突波保护；","",{"$nulls":4},""]
["9",null,"030501012001","交换机","(1)8口POE交换机\n(2)千兆POE电口≥8个， 千兆 SFP光口≥2个，Console口≥1个\n(3)交换性能≥256Gbps，包转发率≥27Mpps\n(4)支持IEEE 802.3af/at供电标准，单端口最大输出功率≥30W，整机最大输出功率≥140W\n(5)支持MAC地址≥8K，支持4K个VLAN，ARP表≥2046\n(6)支持交换机端口设置为信任端口或非信任端口，非信任端口也可设置白名单响应DHCP报文\n(7)支持防网关ARP欺骗，支持端口保护、","台",{"v":4,"d":"4.000"},2407.09,null,9628.36,""]
["分部分项工程量清单与计价表",{"$nulls":9},""]
["",{"$nulls":9},""]
["工程名称：柘荣汽车站“三旧改造”(新财富广场)项目-智能化工程",{"$nulls":7},"第4页 共25页",null,""]
["序号",null,"项目编码","项目名称","项目特征描述","计量单位","工程量","金    额(元)",null,null,""]
[{"$nulls":7},"综合单价",null,"合价",""]
["",null,"","","隔离，支持防止ARP攻击功能，支持HTTPS\n(8)支持SNMPv1/v2c/v3，支持WEB网管特性\n(9)支持IEEE 802.3az 标准的 EEE节能技术：当EEE使能时，从而大幅度的减小端口在该阶段的功耗，达到了节能的目的。","",{"$nulls":4},""]
["",null,"","分部小计","","",{"v":39,"d":"39.000"},null,null,51781.56,""]
["UPS配电系统",{"$nulls":9},"分项工程(17安装)"]
["10",null,"030502003002","分线接线箱(盒)","(1)UPS楼层配电箱\n(2)机柜内安装","个",{"v":4,"d":"4.000"},138.52,null,554.08,""]
["11",null,"030411004003","配线","(1)铜芯\n(2)3*2.5mm2\n(3)多芯软导线\n(4)RYY\n(5)暗配\n(6)管内","m",{"v":41.2,"d":"41.200"},10.25,null,{"v":422.3,"d":"422.30"},""]
["综合布线系统",{"$nulls":9},"分项工程(17安装)"]
["12",null,"030502003003","分线接线箱(盒)","(1)12U网络机柜\n(2)1、12U标准机架，尺寸：650*600*600\n(3)2、符合国际标准：ANSI/EIA RS-310-C、DIN 41494 Partl、IEC297-2、BS5954，进口高硬度粉面（BS6497）                    \n(4)3、带锁钢化玻璃前门，置顶散热排气风扇壹个，四输出万能电源插座壹个 ，钢质拆装式侧门，固定层板 壹块","个",{"v":8,"d":"8.000"},1190.71,null,9525.68,""]
["13",null,"030502003004","分线接线箱(盒)","(1)42U网络机柜\n(2)1、42\" 活动标准机架，尺寸：2000*600*800                                                                                             \n(3)2、符合国际标准：ANSI/EIA RS-310-C、DIN 41494 Partl、IEC297-2、BS5954，进口高硬度粉面（BS6497）                                                    \n(4)3、带锁钢化玻璃前门，置顶散热排气风扇壹个，四输出万","个",{"v":4,"d":"4.000"},2958.66,null,11834.64,""]
["分部分项工程量清单与计价表",{"$nulls":9},""]
["",{"$nulls":9},""]
["工程名称：柘荣汽车站“三旧改造”(新财富广场)项目-智能化工程",{"$nulls":7},"第5页 共25页",null,""]
["序号",null,"项目编码","项目名称","项目特征描述","计量单位","工程量","金    额(元)",null,null,""]
[{"$nulls":7},"综合单价",null,"合价",""]
["",null,"","","能电源插座壹个 ，钢质拆装式侧门，固定层板 壹块","",{"$nulls":4},""]
["14",null,"030502010001","配线架","(1)12口光纤配线架\n(2)1、标准：YD/T778；\n(3)2、安装方式：19″机架式安装；\n(4)3、标配1个光纤熔接盘，2个光缆进线口，2个固定PG头，2个光缆护套固定装置，2个光缆加强件固定装置；\n(5)4、端口通用型设计，共3个4口支架，可兼容：LC双工、SC单工、FC、ST适配器，一个支架仅需一颗螺丝，便于安装和拆卸；\n(6)5、进出光纤方便灵活，有充裕的光纤盘存空间，光纤和尾纤弯曲半径不小于30mm；\n(7)6、端口数量：12口，空余端口可安装空白功能件（标配），安装LC双工、SC单工耦合器时安装支架的空隙可安装封堵功能件（标配）；\n(8)7、外壳材料：优质冷轧钢板；\n(9)8、外壳表面处理：静电喷塑黑色；\n(10)9、产品尺寸：宽度:482.6×深度:220×高度:44mm（高度1U）；\n(11)10、工作温度：-25℃~+60℃，相对湿度：≤85%（+30℃），非凝结；\n(12)11、配置说明：含满配耦合器及尾纤","架",{"v":8,"d":"8.000"},706.61,null,5652.88,""]
["15",null,"030502010002","配线架","(1)48口光纤配线架\n(2)1、标准：YD/T778，ISO/IEC 11801，ANSI/TIA -568-C.3\n(3)2、安装方式：19″机架式安装\n(4)3、4个光缆进线口，带固定PG头，盒内配置光缆护套固定装置，光缆加强件固定装置\n(5)4、通用型设计，可兼容：LC双工、SC","架",{"v":4,"d":"4.000"},2228.51,null,8914.04,""]
["分部分项工程量清单与计价表",{"$nulls":9},""]
["",{"$nulls":9},""]
["工程名称：柘荣汽车站“三旧改造”(新财富广场)项目-智能化工程",{"$nulls":7},"第6页 共25页",null,""]
["序号",null,"项目编码","项目名称","项目特征描述","计量单位","工程量","金    额(元)",null,null,""]
[{"$nulls":7},"综合单价",null,"合价",""]
["",null,"","","单工、FC、ST适配器，一个4口支架仅需一颗螺丝，便于安装和拆卸\n(6)5、进出光纤方便灵活，有充裕的光纤盘存空间，光纤和尾纤弯曲半径不小于30mm\n(7)6、端口数量： 24口，空余端口可安装空白功能件，高度：1U\n(8)7、表面处理：静电喷塑\n(9)8、材料：优质冷扎钢板\n(10)9、表面颜色：黑色\n(11)10、工作温度：-5℃~+40℃，相对湿度：≤85%（+30℃），非凝结；\n(12)11、配置说明：含满配耦合器及尾纤","",{"$nulls":4},""]
["16",null,"030502009001","跳线","(1)光纤跳线LC-LC\n(2)1、标准：YD/T1272，ISO/IEC 11801，ANSI/TIA-568-C.3\n(3)2、依据标准出厂前100%光学测试，性能优于国内和国际标准\n(4)3、高质量陶瓷插芯，插入损耗低，耐久性好\n(5)4、重复性，互换性，光学特性稳定\n(6)5、光纤类型：B1.3\n(7)6、光纤芯数：双芯\n(8)7、光纤插头：SC-LC\n(9)8、长度：3m\n(10)9、单芯光缆护套外径：2.8mm\n(11)10、护套颜色：黄色（B1.3）\n(12)11、插入损耗（含重复性）：≤0.2dB\n(13)12、互换性：≤0.2dB\n(14)13、回波损耗：≥50dB（单模）,≥35dB（多模）\n(15)14、重复性≥1000次\n(16)15、工作温度：-20℃~+60℃","条",{"v":25,"d":"25.000"},66.58,null,{"v":1664.5,"d":"1664.50"},""]
["分部分项工程量清单与计价表",{"$nulls":9},""]
["",{"$nulls":9},""]
["工程名称：柘荣汽车站“三旧改造”(新财富广场)项目-智能化工程",{"$nulls":7},"第7页 共25页",null,""]
["序号",null,"项目编码","项目名称","项目特征描述","计量单位","工程量","金    额(元)",null,null,""]
[{"$nulls":7},"综合单价",null,"合价",""]
["17",null,"030502014001","光纤连接","(1)熔接\n(2)单模","芯",{"v":328,"d":"328.000"},137.99,null,45260.72,""]
["18",null,"030502007001","光缆","(1)12芯\n(2)光纤\n(3)管内","m",{"v":82.4,"d":"82.400"},7.73,null,636.95,""]
["五方通话系统",{"$nulls":9},"分项工程(17安装)"]
["19",null,"030411006001","接线盒","(1)五方通话预留\n(2)86型\n(3)接线盒\n(4)暗装","个",{"v":2,"d":"2.000"},7.75,null,{"v":15.5,"d":"15.50"},""]
["20",null,"030408002001","控制电缆","(1)每个口按10m预留\n(2)WDZB1-RYYP\n(3)6*1.0mm2\n(4)铜芯\n(5)控制电缆\n(6)管内","m",{"v":20,"d":"20.000"},{"v":16,"d":"16.00"},null,{"v":320,"d":"320.00"},""]
["21",null,"030408007001","控制电缆头","(1)6*1.0mm2\n(2)控制电缆头\n(3)预留口内\n(4)WDZB1-RYYP\n(5)铜芯电控制电缆头","个",{"v":2,"d":"2.000"},67.07,null,134.14,""]
["消控室",{"$nulls":9},"分项工程(17安装)"]
["22",null,"030507014001","显示设备","(1)55英寸液晶拼接显示单元 \n(2)产品尺寸：55寸\n(3)双边拼缝：3.5mm\n(4)分辨率：1920*1080\n(5)亮度：500cd/m2\n(6)对比度：1200:1\n(7)色彩范围：8bit\n(8)刷新率：60Hz\n(9)功耗：155W\n(10)视角：178°(水平)/ 178°\n(11)供电方式：100–240VAC，50/60Hz\n(12)工作温度：0℃～+50℃\n(13)工作湿度：20%～90%RH（无凝结）\n(14)储存温度：–20℃～+55℃\n(15)储存湿度：5%～95%RH（无凝结）\n(16)输入接口：VGA(D-Sub)*1、CVBS(BNC)*2、DVI-D*1、HDMI*1、RS232(RJ45)*1、USB（升级和多媒体）*1\n(17)输出接口：CVBS(BNC)*2、RS232(RJ45)*1","台",{"v":4,"d":"4.000"},6958.41,null,27833.64,""]
["23",null,"030507014002","显示设备","(1)55寸液晶拼接前维护支架\n(2)尺寸：55英寸\n(3)材质：方钢（黑漆","台",{"v":4,"d":"4.000"},1902.57,null,7610.28,""]
["分部分项工程量清单与计价表",{"$nulls":9},""]
["",{"$nulls":9},""]
["工程名称：柘荣汽车站“三旧改造”(新财富广场)项目-智能化工程",{"$nulls":7},"第8页 共25页",null,""]
["序号",null,"项目编码","项目名称","项目特征描述","计量单位","工程量","金    额(元)",null,null,""]
[{"$nulls":7},"综合单价",null,"合价",""]
["",null,"","","）","",{"$nulls":4},""]
["24",null,"03B001","解码器","(1)4路超高清解码器\n(2)采用1U机箱，支持≥4路HDMI接口输出；  \n(3)支持MPEG2/MPEG4/H.264/H.265/SVAC/MJPEG标准网络视频流解码；\n(4)最大可支持2路32MP@25fps/7路12MP@25fps/10路8MP@25fps/14路6MP@25fps/18路5MP@25fps/28路3MP@25fps/36路1080p@30fps/144路D1@30fps同时解码\n(5)单屏支持1/4/6/8/9/16/25/36固定分割，支持M×N自定义分割，M×N≤36；\n(6)支持将电视墙背景设置成蓝色或黑色，支持屏号叠加；\n(7)HDMI 输出口支持 1024×768,1280×720,1280×1024,1920×1080,3840×2160五种分辨率设置，奇数口支持 3840×2160 分辨率设置；\n(8)▲支持输出口资源复制借用，使每个输出口同时实现 36 路 1920×1080、30 帧/秒的视频画面分割显示。（提供首页具有CMA或CNAS标识的第三方检测报告复印件并加盖投标人公章做为依据，至少包含报告首页及对应功能测试页）\n(9)支持网络数据抓包、录像和日志文件，并下载到本地电脑 \n(10)▲通过网络抓屏软件，可将远程电脑桌面实时解码上墙显示；可对桌面整屏、单窗口、自定义区域抓屏上墙；单机可同时支持多个抓屏任务；（提供首页具有CMA或CNAS标识的第三方检测报告复印件并加盖投标人公章做为依据，至少包含报告首页及对应功能测试页）","台",{"v":1,"d":"1.000"},9662.11,null,9662.11,""]
["分部分项工程量清单与计价表",{"$nulls":9},""]
["",{"$nulls":9},""]
["工程名称：柘荣汽车站“三旧改造”(新财富广场)项目-智能化工程",{"$nulls":7},"第9页 共25页",null,""]
["序号",null,"项目编码","项目名称","项目特征描述","计量单位","工程量","金    额(元)",null,null,""]
[{"$nulls":7},"综合单价",null,"合价",""]
["",null,"","","(11)▲设备控制兼容鸿蒙、麒麟操作系统。（提供首页具有CMA或CNAS标识的第三方检测报告复印件并加盖投标人公章做为依据，至少包含报告首页及对应功能测试页）\n(12)▲支持设置指定电脑允许的接管范围和窗口，除此之外的电脑内容不予以显示。（提供首页具有CMA或CNAS标识的第三方检测报告复印件并加盖投标人公章做为依据，至少包含报告首页及对应功能测试页）\n(13)▲支持在大屏上对事件的视频录像进行回放，支持暂停和播放操作。（提供首页具有CMA或CNAS标识的第三方检测报告复印件并加盖投标人公章做为依据，至少包含报告首页及对应功能测试页）\n(14)▲支持事件消息在大屏 UI 上实时显示； （提供首页具有CMA或CNAS标识的第三方检测报告复印件并加盖投标人公章做为依据，至少包含报告首页及对应功能测试页）\n(15)通讯接口支持≥2个232接口，≥3个USB接口，≥1个485接口，≥1个RJ-45 10M/100M/1000M自适应以太网口。","",{"$nulls":4},""]
["25",null,"030501012002","交换机","(1)24口汇聚交换机\n(2)千兆POE电口≥24个， 1G/2.5G光口≥4个；Console口≥1个；\n(3)交换容量≥672Gbps/6.72Tbps；包转发率≥156Mpps/219Mpps；\n(4)支持IEEE 802.3af/at供电标准，整机最大输出功率≥370W\n(5)支持IGMP v1/v2/v3 Snooping，支持STP、RSTP、MSTP协议，","台",{"v":1,"d":"1.000"},4532.59,null,4532.59,""]
["分部分项工程量清单与计价表",{"$nulls":9},""]
["",{"$nulls":9},""]
["工程名称：柘荣汽车站“三旧改造”(新财富广场)项目-智能化工程",{"$nulls":7},"第10页 共25页",null,""]
["序号",null,"项目编码","项目名称","项目特征描述","计量单位","工程量","金    额(元)",null,null,""]
[{"$nulls":7},"综合单价",null,"合价",""]
["",null,"","","支持端口聚合，支持手工和静态LACP；\n(6)支持防网关ARP欺骗，支持端口保护、隔离、防止ARP泛洪攻击功能，支持DHCP Snooping，支持交换机端口设置为信任端口或非信任端口，非信任端口也可设置白名单响应DHCP报文；\n(7)支持M-LAG技术，跨设备链路聚合（非堆叠技术实现），要求配对的设备有独立的控制平面；\n(8)▲支持通过网管中心平台一键替换“按钮”即可完成故障设备替换（提供首页具有CMA或CNAS标识的第三方检测报告复印件并加盖投标人公章做为依据，至少包含报告首页及对应功能测试页）；\n(9)▲支持通过APP进行远程管理，并且可以修改交换机网络配置（提供首页具有CMA或CNAS标识的第三方检测报告复印件并加盖投标人公章做为依据，至少包含报告首页及对应功能测试页）；\n(10)▲支持终端类型库，基于指纹终端识别库自动识别PC、路由器、摄像头设备、无线AP等（提供首页具有CMA或CNAS标识的第三方检测报告复印件并加盖投标人公章做为依据，至少包含报告首页及对应功能测试页）；\n(11)▲交换机支持与外部安全感知平台联动，且联动实现从系统及接入层交换机对风险终端MAC地址进行封堵；交换机支持与外部防火墙联动，且联动实现从系统及接入层交换机对风险终端MAC地址进行封堵（提供首页具有CMA或CNAS标识的第三方检测报告复印件并加盖投标人公章做为依据，","",{"$nulls":4},""]
["分部分项工程量清单与计价表",{"$nulls":9},""]
["",{"$nulls":9},""]
["工程名称：柘荣汽车站“三旧改造”(新财富广场)项目-智能化工程",{"$nulls":7},"第11页 共25页",null,""]
["序号",null,"项目编码","项目名称","项目特征描述","计量单位","工程量","金    额(元)",null,null,""]
[{"$nulls":7},"综合单价",null,"合价",""]
["",null,"","","至少包含报告首页及对应功能测试页）；\n(12)▲支持在交换机上创建东西向安全策略，实现全网安全风险拦截；并支持各个区域/角色流量互访记录并呈现，支持攻击源定位，检测到攻击源后根据策略将终端拉黑，防止终端持续攻击（提供首页具有CMA或CNAS标识的第三方检测报告复印件并加盖投标人公章做为依据，至少包含报告首页及对应功能测试页）；","",{"$nulls":4},""]
["26",null,"080904002001","工作站","(1)管理电脑\n(2)第12代英特尔酷睿i5 台式电脑整机（ 8G 1T Win10 ）27英寸显示屏","台",{"v":2,"d":"2.000"},6328.31,null,12656.62,""]
["27",null,"030501017001","软件","(1)提供监控点位分类结构树，可以通过分类筛选查找和定位监控点位，支持检索功能；快速调取监控点位实时画面，支持全屏播放；\n(2)提供监控实时预览视图功能，可以自定义设置多路监控在视图中，方便切换和展示查看，支持视图新增、编辑、删除；提供多路画面展示功能；\n(3)提供符合GB28181（支持RTSP）协议的摄像头历史视频回放功能，对摄像头进行分组管理，通过分组或者检索快速定位摄像头，可以查询和回放指 定时间段内的历史视频；","套",{"v":1,"d":"1.000"},1021.45,null,1021.45,""]
["28",null,"030507013001","录像设备","(1)64路NVR\n(2)设备应采用嵌入式Linux操作系统；\n(3)支持接入≥9块接口为SATA的硬盘，每个SATA口可接入最大16TB容量的硬盘； \n(4)最大支持64路摄像机接入，总码流≥384Mbps；最大存储码流≥384Mbps；最大转发码流≥384Mbps； \n(5)可自适应接入H.26","台",{"v":1,"d":"1.000"},{"v":8872.8,"d":"8872.80"},null,{"v":8872.8,"d":"8872.80"},""]
["分部分项工程量清单与计价表",{"$nulls":9},""]
["",{"$nulls":9},""]
["工程名称：柘荣汽车站“三旧改造”(新财富广场)项目-智能化工程",{"$nulls":7},"第12页 共25页",null,""]
["序号",null,"项目编码","项目名称","项目特征描述","计量单位","工程量","金    额(元)",null,null,""]
[{"$nulls":7},"综合单价",null,"合价",""]
["",null,"","","5、H.264、MPEG4、MJPE、SmartH.264、SmartH.265、SVAC编码格式的网络视频并解码支持≥2路分辨率为8192×3840、帧率为25fps或5路分辨率为4000×3000、帧率为25fps或8路分辨率为4096×2160、帧率为25fps或16路分辨率为2560×1440、帧率为30fps或32路分辨率为1920*1080、帧率为30fps的视频；（提供首页具有CMA或CNAS标识的第三方检测报告复印件并加盖投标人公章做为依据，至少包含报告首页及对应功能测试页）；\n(6)支持≥2路H.265编码、25fps、8192×3840分辨率的拼接摄像机视频实时预览功能；（提供首页具有CMA或CNAS标识的第三方检测报告复印件并加盖投标人公章做为依据，至少包含报告首页及对应功能测试页）； \n(7)可同时正放或倒放≥16路H.265或H.264编码1920X1080P分辨率的视频图像；或者≥16路H.265或H.264编码、2560×1440分辨率的视频图像；或≥8路H.265或H.264编码、4096×2160分辨率的视频图像；或≥2路H.265或H.264编码、8192×3840分辨率的视频图像；（提供首页具有CMA或CNAS标识的第三方检测报告复印件并加盖投标人公章做为依据，至少包含报告首页及对应功能测试页）；\n(8)支持码流采用AES256加密技术加密后在网络中传输，支持码流采用TLS通道加密技术加密后在网络中传输，后台配置数据、帐户数据和密钥数据均采用AES256加密技术加密存储；（提供首页具有CMA或CNAS标","",{"$nulls":4},""]
["分部分项工程量清单与计价表",{"$nulls":9},""]
["",{"$nulls":9},""]
["工程名称：柘荣汽车站“三旧改造”(新财富广场)项目-智能化工程",{"$nulls":7},"第13页 共25页",null,""]
["序号",null,"项目编码","项目名称","项目特征描述","计量单位","工程量","金    额(元)",null,null,""]
[{"$nulls":7},"综合单价",null,"合价",""]
["",null,"","","识的第三方检测报告复印件并加盖投标人公章做为依据，至少包含报告首页及对应功能测试页）；\n(9)支持同时接入≥2路普通的网络摄像机，触发人脸检测报警时，可联动录像、抓拍图片、弹出报警画面、语音提示、上传中心、发送邮件、蜂鸣报警、轮巡、云台联动以及日志记录；（提供首页具有CMA或CNAS标识的第三方检测报告复印件并加盖投标人公章做为依据，至少包含报告首页及对应功能测试页）；\n(10)可检测视频中异常音频，出现干扰信号和声音变化幅度过大时，进行报警提示（提供首页具有CMA或CNAS标识的第三方检测报告复印件并加盖投标人公章做为依据，至少包含报告首页及对应功能测试页）；\n(11)设备应自动记录与设备信息安全相关的日志信息，作为独立的安全日志,内容包括用户登录/登出、重要和敏感操作、安全事件等,并划分独立的记录空间存储安全日志,其它日志信息不能覆盖安全日志；（提供首页具有CMA或CNAS标识的第三方检测报告复印件并加盖投标人公章做为依据，至少包含报告首页及对应功能测试页）；\n(12)支持摄像头属性调节页面直接展示视频效果，调节效果随参数调整实时展现；\n(13)可对指定网卡设置多个路由表信息，可访问多个不同局域网网段的网络环境设备；（提供首页具有CMA或CNAS标识的第三方检测报告复印件并加盖投标人公章做为依据，至少包含报告","",{"$nulls":4},""]
["分部分项工程量清单与计价表",{"$nulls":9},""]
["",{"$nulls":9},""]
["工程名称：柘荣汽车站“三旧改造”(新财富广场)项目-智能化工程",{"$nulls":7},"第14页 共25页",null,""]
["序号",null,"项目编码","项目名称","项目特征描述","计量单位","工程量","金    额(元)",null,null,""]
[{"$nulls":7},"综合单价",null,"合价",""]
["",null,"","","首页及对应功能测试页）；\n(14)支持硬盘状态监测功能，包括硬盘温度、磁盘振动、链路稳定性，并支持状态信息报警提示。支持查看最近≥7天的硬盘状态信息\n(15)视频接口：≥2个VGA接口、≥2个HDMI接口；\n(16)网络接口：≥2个千兆以太网口；\n(17)音频接口：≥1个音频输入≥2个音频输出；\n(18)报警接口：≥16路报警输入，≥8路报警输出","",{"$nulls":4},""]
["29",null,"030501004001","存储设备","(1)存储硬盘\n(2)8T","台",{"v":8,"d":"8.000"},3607.67,null,28861.36,""]
["30",null,"080805003001","工作站、工作台","(1)操作台\n(2)操作台规格为2400宽*(700+300)深*750高mm\n(3)操作台柜体采用1.0-1.5mm优质冷轧钢板制作，具有良好美观性和舒适度。\n(4)操作台表面进行脱脂、酸洗、防锈磷化后再防静电喷涂处理,颜色为灰白。\n(5)操作台全套采用优质冷轧钢板制造,达到国际IP23级安全保护标准。\n(6)配置:3块固定层板,3把高速排风扇,3个键盘抽屉.3个五位电源插座。\n(7)操作台底部为标准19寸机架式结构,可装电脑主机等设备。每位设备层之间相通,方便走线。\n(8)操作台主体为焊结式结构.\n(9)1.4mm冷轧钢板,表面喷塑\n(10)底部机柜分隔,隔板应能承受录像机等设备的重量;后部面板可拆卸","台",{"v":1,"d":"1.000"},6042.22,null,6042.22,""]
["31",null,"030505005001","敷设射频同轴电缆","","m",{"v":30,"d":"30.000"},334.72,null,{"v":10041.6,"d":"10041.60"},""]
["32",null,"080608003001","UPS不间断电源设备","(1)功率10KVA（单进单出）后备30分钟\n(2)输入电压范围：16","台",{"v":1,"d":"1.000"},6532.17,null,6532.17,""]
["分部分项工程量清单与计价表",{"$nulls":9},""]
["",{"$nulls":9},""]
["工程名称：柘荣汽车站“三旧改造”(新财富广场)项目-智能化工程",{"$nulls":7},"第15页 共25页",null,""]
["序号",null,"项目编码","项目名称","项目特征描述","计量单位","工程量","金    额(元)",null,null,""]
[{"$nulls":7},"综合单价",null,"合价",""]
["",null,"","","5-275V\n(3)频率范围：45-66HZ\n(4)满载功率因数： ≥0.98\n(5)输出电压：220±2%\n(6)电池模式输出频率： 50±0.2%\n(7)过载能力：105%～125%维持10分钟后旁路；126%～150%维持1 分钟后旁路；＞150%以上维持1秒后旁路\n(8)报警功能：电池低压，市电异常，过载，UPS故障、过温保护\n(9)保护功能：输入过压保护、电池欠压保护、过载保护、短路保护、过温保护\n(10)为了便于维护,主机与电池同一厂家","",{"$nulls":4},""]
["室外工程",{"$nulls":9},"单位工程(17安装)"]
["视频监控系统",{"$nulls":9},"分项工程(17安装)"]
["33",null,"030507008004","监控摄像设备","(1)400万网络枪式摄像机\n(2)采用≥400万1/3英寸CMOS图像传感器\n(3)设备内置≥4颗混合补光灯,可同时开启≥4颗红外补光灯或≥4颗白光补光灯\n(4)补光灯表面为磨砂面,灯珠朝向与样机照射方向一致\n(5)补光灯开启后,正面不可见补光灯灯珠\n(6)支持对人、机动车、全部(人或机动车)进行检测,当小狗、树叶等非人或车辆目标经过检测区域时,不会触发报警\n(7)设备可同时采用DC12V电源与POE供电,当一路电源停止供电后,设备可正常工作\n(8)内置≥1个麦克风\n(9)支持DC12V/PoE供电方式\n(10)支持≥IP67防护等级","台",{"v":12,"d":"12.000"},1044.87,null,12538.44,""]
["34",null,"030507008005","监控摄像设备","(1)智能高清球型摄像机\n(2)传感器类型≥1/2.8英寸CMOS；\n(3)像素：≥400万；最大分辨率：2560×1","台",{"v":1,"d":"1.000"},6151.52,null,6151.52,""]
["分部分项工程量清单与计价表",{"$nulls":9},""]
["",{"$nulls":9},""]
["工程名称：柘荣汽车站“三旧改造”(新财富广场)项目-智能化工程",{"$nulls":7},"第16页 共25页",null,""]
["序号",null,"项目编码","项目名称","项目特征描述","计量单位","工程量","金    额(元)",null,null,""]
[{"$nulls":7},"综合单价",null,"合价",""]
["",null,"","","440；\n(4)最低照度：彩色：0.005lux@F1.6；黑白：0.0005lux@F1.6；0lux(红外灯开启)；\n(5)最大补光距离：≥150m（红外）；≥30m（白光）；补光类型：红外+白光；\n(6)支持雨刷功能；\n(7)镜头焦距：4.8mm～154mm；光学变倍：32倍；\n(8)周界防范：支持绊线入侵；支持区域入侵；支持穿越围栏；支持徘徊检测；支持物品遗留；支持物品搬移；支持快速移动；支持停车检测；支持人员聚集；支持人车分类报警；支持联动跟踪；\n(9)人脸检测：支持人脸检测；支持人脸轨迹框；支持优选；支持抓拍；支持上报最优的人脸抓图；支持人脸增强；支持人脸属性提取，支持6种属性8种表情，支持实时抓拍，优选抓拍，质量优先三种抓拍策略；\n(10)声警戒：≥16条语音报警内容，支持自定义语音内容导入；声音：高/中/低；持续时间可设置：5-30秒；\n(11)防抖功能：陀螺仪防抖；\n(12)音频输入：≥1路；音频输出：≥1路；\n(13)报警输入：≥2路，开关量输入（0～5V DC）；报警输出：≥1路；\n(14)防护等级：≥IP66；TVS 6000V防雷、防浪涌和防突波保护；","",{"$nulls":4},""]
["35",null,"030507008006","监控摄像设备","(1)摄像机支架 4m\n(2)金属壁装支架\n(3)压铸纯铝合金材质，表面做喷塑处理\n(4)支架带出线孔，安装更加美观\n(5)摄像机安装座表面有海绵垫，保证和摄","台",{"v":3,"d":"3.000"},1190.19,null,3570.57,""]
["分部分项工程量清单与计价表",{"$nulls":9},""]
["",{"$nulls":9},""]
["工程名称：柘荣汽车站“三旧改造”(新财富广场)项目-智能化工程",{"$nulls":7},"第17页 共25页",null,""]
["序号",null,"项目编码","项目名称","项目特征描述","计量单位","工程量","金    额(元)",null,null,""]
[{"$nulls":7},"综合单价",null,"合价",""]
["",null,"","","像机底座结合更紧密\n(6)摄像机安装座可旋转，方便摄像机角度调整","",{"$nulls":4},""]
["36",null,"030502003005","分线接线箱(盒)","(1)300*500*150\n(2)室外安防箱\n(3)室外落地安装","个",{"v":3,"d":"3.000"},807.19,null,2421.57,""]
["37",null,"030501012003","交换机","(1)8口POE交换机\n(2)千兆POE电口≥8个， 千兆 SFP光口≥2个，Console口≥1个\n(3)交换性能≥256Gbps，包转发率≥27Mpps\n(4)支持IEEE 802.3af/at供电标准，单端口最大输出功率≥30W，整机最大输出功率≥140W\n(5)支持MAC地址≥8K，支持4K个VLAN，ARP表≥2046\n(6)支持交换机端口设置为信任端口或非信任端口，非信任端口也可设置白名单响应DHCP报文\n(7)支持防网关ARP欺骗，支持端口保护、隔离，支持防止ARP攻击功能，支持HTTPS\n(8)支持SNMPv1/v2c/v3，支持WEB网管特性\n(9)支持IEEE 802.3az 标准的 EEE节能技术：当EEE使能时，从而大幅度的减小端口在该阶段的功耗，达到了节能的目的。","台",{"v":3,"d":"3.000"},2393.89,null,7181.67,""]
["38",null,"030502005003","双绞线缆","(1)UTP6\n(2)双绞线缆\n(3)管内穿线\n(4)≤4","m",{"v":289.15,"d":"289.150"},{"v":7.3,"d":"7.30"},null,{"v":2110.8,"d":"2110.80"},""]
["39",null,"030502009002","跳线","(1)光纤跳线LC-LC\n(2)标准：YD/T1272，ISO/IEC 11801，ANSI/TIA-568-C.3\n(3)依据标准出厂前100%光学测试，性能优于国内和国际标准\n(4)高质量陶瓷插芯，插入损耗低，耐久性好\n(5)重复性，互换性，光学特性稳定\n(6)光纤类型：B1.3\n(7)光纤芯数：双芯\n(8)光纤插头：SC-LC\n(9)长度：3m\n(10)单芯光缆护套外","条",{"v":3,"d":"3.000"},64.82,null,194.46,""]
["分部分项工程量清单与计价表",{"$nulls":9},""]
["",{"$nulls":9},""]
["工程名称：柘荣汽车站“三旧改造”(新财富广场)项目-智能化工程",{"$nulls":7},"第18页 共25页",null,""]
["序号",null,"项目编码","项目名称","项目特征描述","计量单位","工程量","金    额(元)",null,null,""]
[{"$nulls":7},"综合单价",null,"合价",""]
["",null,"","","径：2.8mm\n(11)护套颜色：黄色（B1.3）\n(12)插入损耗（含重复性）：≤0.2dB\n(13)互换性：≤0.2dB\n(14)回波损耗：≥50dB（单模）,≥35dB（多模）\n(15)重复性≥1000次\n(16)工作温度：-20℃~+60℃","",{"$nulls":4},""]
["UPS配电系统",{"$nulls":9},"分项工程(17安装)"]
["40",null,"030502003006","分线接线箱(盒)","(1)UPS楼层配电箱\n(2)机柜内安装","个",{"v":3,"d":"3.000"},134.85,null,404.55,""]
["41",null,"030411004004","配线","(1)铜芯\n(2)3*2.5mm2\n(3)多芯软导线\n(4)RYY\n(5)暗配\n(6)管内","m",{"v":45.79,"d":"45.790"},9.98,null,456.98,""]
["综合布线系统",{"$nulls":9},"分项工程(17安装)"]
["42",null,"030502007002","光缆","(1)4芯\n(2)光纤\n(3)管内穿线","m",{"v":1293.2,"d":"1293.200"},5.66,null,7319.51,""]
["43",null,"030502009003","跳线","(1)光纤跳线LC-LC\n(2)标准：YD/T1272，ISO/IEC 11801，ANSI/TIA-568-C.3\n(3)依据标准出厂前100%光学测试，性能优于国内和国际标准\n(4)高质量陶瓷插芯，插入损耗低，耐久性好\n(5)重复性，互换性，光学特性稳定\n(6)光纤类型：B1.3\n(7)光纤芯数：双芯\n(8)光纤插头：SC-LC\n(9)长度：3m\n(10)单芯光缆护套外径：2.8mm\n(11)护套颜色：黄色（B1.3）\n(12)插入损耗（含重复性）：≤0.2dB\n(13)互换性：≤0.2dB\n(14)回波损耗：≥50dB（单模）,≥35dB（多模）\n(15)重复性≥1000次\n(16)工作温度：-20℃~+60℃","条",{"v":40,"d":"40.000"},66.58,null,{"v":2663.2,"d":"2663.20"},""]
["44",null,"030502014002","光纤连接","(1)熔接\n(2)单模","芯",{"v":12,"d":"12.000"},137.99,null,1655.88,""]
["停车场管理系统",{"$nulls":9},"分项工程(17安装)"]
["分部分项工程量清单与计价表",{"$nulls":9},""]
["",{"$nulls":9},""]
["工程名称：柘荣汽车站“三旧改造”(新财富广场)项目-智能化工程",{"$nulls":7},"第19页 共25页",null,""]
["序号",null,"项目编码","项目名称","项目特征描述","计量单位","工程量","金    额(元)",null,null,""]
[{"$nulls":7},"综合单价",null,"合价",""]
["45",null,"030411004006","配线","(1)铜芯\n(2)3*1mm2\n(3)多芯软导线\n(4)RYY\n(5)暗配\n(6)管内穿线","m",{"v":65.33,"d":"65.330"},6.59,null,430.52,""]
["46",null,"030411004005","配线","(1)铜芯\n(2)3*4mm2\n(3)多芯软导线\n(4)RYY\n(5)暗配\n(6)管内穿线","m",{"v":159.65,"d":"159.650"},11.42,null,{"v":1823.2,"d":"1823.20"},""]
["47",null,"030411004007","配线","(1)铜芯\n(2)3*2.5mm2\n(3)电线\n(4)BYJ\n(5)暗配\n(6)管内穿线","m",{"v":206.46,"d":"206.460"},3.51,null,724.67,""]
["48",null,"030502005004","双绞线缆","(1)UTP6\n(2)双绞线缆\n(3)管内穿线\n(4)≤4","m",{"v":134.15,"d":"134.150"},{"v":7.3,"d":"7.30"},null,{"v":979.3,"d":"979.30"},""]
["49",null,"030502007003","光缆","(1)6芯\n(2)光纤\n(3)管内穿线","m",{"v":159.65,"d":"159.650"},6.33,null,1010.58,""]
["50",null,"030408001001","电力电缆","(1)YJV\n(2)3*4mm2\n(3)铜芯\n(4)电力电缆\n(5)室外管内穿线","m",46.935,26.54,null,1245.65,""]
["",null,"","分部小计","","",772.175,null,null,6213.92,""]
["51",null,"030507016002","停车场管理设备","(1)标准道闸\n(2)▲道闸需能执行“开、光、停”控制，从遥控机发出执行输出控制信号的响应时间＜2秒，遥控距离≥30M（提供国家认监委认可的检验检测机构出具的测试报告佐证或政府相关部门颁发的佐证材料）；\n(3)▲道闸升降时间2-6S，具备变频调速功能，可实现起落杆加减速调整，如高速起杆、慢速落杆，且起落杆速度不少于三挡可调；栏杆臂起落角度范围在0°-90°、偏差在±3°；且运行噪音＜60dB（提供国家认监委认可的检验检测机构出具的测试报告佐证或政府相关部门颁发的佐证材料）；\n(4)杆体表面要求有反","台",{"v":3,"d":"3.000"},9065.04,null,27195.12,""]
["分部分项工程量清单与计价表",{"$nulls":9},""]
["",{"$nulls":9},""]
["工程名称：柘荣汽车站“三旧改造”(新财富广场)项目-智能化工程",{"$nulls":7},"第20页 共25页",null,""]
["序号",null,"项目编码","项目名称","项目特征描述","计量单位","工程量","金    额(元)",null,null,""]
[{"$nulls":7},"综合单价",null,"合价",""]
["",null,"","","光性能，杆体可选直杆、长椭圆杆、折臂杆、栅栏杆；\n(5)物理防砸：闸杆配带有橡胶胶条或外层包裹泡沫珍珠棉，可以减轻因为意外而造成的损失。 \n(6)3D车检防砸功能，闸杆在下落过程中若接收到3D车检输入触发信号则立即抬杠，触发期间不会落杆，待红外线输入恢复后自动落杆；\n(7)自检功能：运行中自动刷新检测电路出现的异常并报警；\n(8)防冻功能：机构需采用航空专用防冻润滑脂,在北方寒冷地区机构不会冻结，道闸能正常运行；\n(9)闸杆防撞功能：汽车以15公里/小时的速度撞击闸杆后，闸杆被撞出，道闸主轴等其他结构件不会变形、损坏，闸杆重新安装后，道闸能正常运行。（铝合金圆杆，碳纤维圆杆选配功能）\n(10)▲道闸具有上电自锁，停电时能解脱自锁，实现手动控制；具有断电自动抬杠功能（选配）、过流保护功能、防砸功能、遇阻反弹功能（提供国家认监委认可的检验检测机构出具的测试报告佐证或政府相关部门颁发的佐证材料）；\n(11)▲设备通过GB/T 2423.1、GB/T 2423.2、GB/T 4208检验要求；通过温度循环试验（-30℃~70℃，16小时），结构正常、工作正常；设备内无进水，防水等级≥IPX4；且通过防电击测试，配置有接地端子或连接件（提供国家认监委认可的检验检测机构出具的测试报告佐证或政府相关部门颁发的佐证材料）。\n(12)工作温度：-30℃","",{"$nulls":4},""]
["分部分项工程量清单与计价表",{"$nulls":9},""]
["",{"$nulls":9},""]
["工程名称：柘荣汽车站“三旧改造”(新财富广场)项目-智能化工程",{"$nulls":7},"第21页 共25页",null,""]
["序号",null,"项目编码","项目名称","项目特征描述","计量单位","工程量","金    额(元)",null,null,""]
[{"$nulls":7},"综合单价",null,"合价",""]
["",null,"","","至70 ℃\n(13)安装方式：立式\n(14)运行噪音：≤60Db\n(15)挡杆起杆时间：2-6S可选；\n(16)档杆落杆时间：2-6S可选；\n(17)闸杆支持：直杆、长椭圆杆、折臂杆、栅栏杆（选择）；\n(18)闸杆方向：左/右\n(19)过载保护，过载自动起杆\n(20)使用次数：≥800万次(循环次数）\n(21)遥控距离: ≥30米\n(22)防护等级：≥IPX4\n(23)外观材质：钣金烤漆+银色水漆","",{"$nulls":4},""]
["52",null,"030507016001","停车场管理设备","(1)车辆检测器\n(2)工作电压： AC220V±15% /50HZ \n(3)功率： <5W\n(4)反应时间： 10ms \n(5)继电器输出： 240V/5 A  AC\n(6)频率范围： 4级可调：低频/中低频/中高频/高频 \n(7)灵敏度： 4级可调：高/中高/中低/低\n(8)连接类型： 11针插脚，DIN导轨  \n(9)探测环电感量： 50-1000 uH，（推荐100～300 uH） \n(10)探测环引线： ≤10米，总电阻小于10Ω，每米至少双绞20次\n(11)工作温度： -30~+70℃ \n(12)相对湿度 ：<95% 无冷凝\n(13)防护等级： IP50","台",{"v":7,"d":"7.000"},1171.15,null,8198.05,""]
["53",null,"030507016003","停车场管理设备","(1)同进同出控制器","台",{"v":1,"d":"1.000"},3111.05,null,3111.05,""]
["54",null,"030507016004","停车场管理设备","(1)地感线圈\n(2)绝缘体 FEP 导体 镀锡铜线\n(3)额定温度 -55℃～200℃ 性能 耐磨、防腐蚀\n(4)长度 50m","套",{"v":7,"d":"7.000"},640.72,null,4485.04,""]
["55",null,"030507016005","停车场管理设备","(1)卡口专用高速摄像机（主机）\n(2)车牌识别摄像机需","台",{"v":4,"d":"4.000"},10979.07,null,43916.28,""]
["分部分项工程量清单与计价表",{"$nulls":9},""]
["",{"$nulls":9},""]
["工程名称：柘荣汽车站“三旧改造”(新财富广场)项目-智能化工程",{"$nulls":7},"第22页 共25页",null,""]
["序号",null,"项目编码","项目名称","项目特征描述","计量单位","工程量","金    额(元)",null,null,""]
[{"$nulls":7},"综合单价",null,"合价",""]
["",null,"","","具有良好的防护性及稳定性，车牌识别摄像机需采用内置摄像机、补光灯及控制模块的工业级一体式设计；\n(3)▲车牌识别摄像机镜头抓拍图片分辨率≥2560*1944，且符合GA/T 833-2016检验要求；且支持机动车，非机动车抓拍，支持真车检测、车牌防伪功能；支持OSD叠加功能，叠加内容至少包括时间、日期、自定义文本内容（提供国家认监委认可的检验检测机构出具的测试报告佐证或政府相关部门颁发的佐证材料）；\n(4)▲车牌识别摄像机需支持对蓝、黄、白、黑、绿色车牌颜色识别；平均识别时间≤80ms；车辆号牌识别准确率≥99.99%（提供国家认监委认可的检验检测机构出具的测试报告佐证或政府相关部门颁发的佐证材料）；\n(5)触发抓拍：有3种模式，分别为视频触发和车检触发及混合触发。\n(6)▲车牌识别摄像机屏幕需配置≥80*40全彩LED点阵屏；车辆入场或者出场，屏幕可显示二维码、时间等；支持语音播报功能（提供国家认监委认可的检验检测机构出具的测试报告佐证或政府相关部门颁发的佐证材料）；\n(7)▲车牌识别摄像机需支持电动调焦功能，配置有灯带，且补光灯支持手动1-100级调节功能；且镜头前配置有加热部件，具有除雾功能（提供国家认监委认可的检验检测机构出具的测试报告佐证或政府相关部门颁发的佐证材料）；\n(8)车牌识别摄像机需","",{"$nulls":4},""]
["分部分项工程量清单与计价表",{"$nulls":9},""]
["",{"$nulls":9},""]
["工程名称：柘荣汽车站“三旧改造”(新财富广场)项目-智能化工程",{"$nulls":7},"第23页 共25页",null,""]
["序号",null,"项目编码","项目名称","项目特征描述","计量单位","工程量","金    额(元)",null,null,""]
[{"$nulls":7},"综合单价",null,"合价",""]
["",null,"","","具有在恶劣天气下获得较佳拍摄图像的采集技术；\n(9)车牌识别摄像机需具有车辆图像各层次信息识别控制技术；\n(10)车牌识别摄像机需采用基于视频流的车牌识别方法识别车牌技术；\n(11)支持通讯及硬件故障判断，并报警提示；\n(12)黑白名单：支持黑白名单导入、删除、添加和修改；","",{"$nulls":4},""]
["56",null,"030507016006","停车场管理设备","(1)安全岛\n(2)混凝土制作，600*1500*150，现场定制","套",{"v":3,"d":"3.000"},347.49,null,1042.47,""]
["57",null,"030501017002","软件","(1)后台管理软件\n(2)模块化设计 平台需采用模块化设计，可根据应用场景进行灵活配置，能够接入桌面软件系统、微信公众号、APP软件等软件模块。\n(3)平台设计原则 需通过兼容性测试、易用性测试、可移植性测试，便于车场使用方使用。\n(4)首页数据分析 平台首页需能展示当前车场核心数据，至少包括以下内容：\n(5)1)车场总览信息；\n(6)2)昨日收入金额、昨日出场流量、本月累计收入金额、昨日异常车辆等； \n(7)3)进车、出车、收入的近7天、近30天、近1年的数据线状图等； \n(8)4)近7天峰值点的最高收入、最高出车、最高入车数据等； \n(9)5)24小时技术支持热线电话；\n(10)用户权限管理 1)需支持对平台操作用户进行角色、组织、访问车场权限等进行配置；\n(11)2)需支持用户基本信息的编辑，包括用户姓名、手机号码、工作邮箱、备注信息等；","套",{"v":1,"d":"1.000"},994.45,null,994.45,""]
["分部分项工程量清单与计价表",{"$nulls":9},""]
["",{"$nulls":9},""]
["工程名称：柘荣汽车站“三旧改造”(新财富广场)项目-智能化工程",{"$nulls":7},"第24页 共25页",null,""]
["序号",null,"项目编码","项目名称","项目特征描述","计量单位","工程量","金    额(元)",null,null,""]
[{"$nulls":7},"综合单价",null,"合价",""]
["",null,"","","(12)系统管理功能 1)需支持对车场基础信息进行配置，包括车场ID、名称、总车位数、剩余车位数等信息进行编辑；\n(13)2)需支持将一个车场划分为多个区域，分别进行配置；\n(14)3)需支持对车场通道进行新增、查询、编辑，包括车道名称、车道类型、通行控制、车道关联设备、车道进出前后区域等；\n(15)4)需支持对车场出入口所有硬件设备进行配置，包括设备名称、设备类型、设备IP地址、设备关联通道等；\n(16)5)需支持对车场出入口所有软硬件功能进行配置，包括基本参数配置、后台功能配置、岗亭配置、缴费机配置、液晶屏幕配置等等；\n(17)6)需支持车场告警信息提示功能，告警信息包括：车场名称、车场ID、告警时间、告警通道名称、设备IP地址、设备名称、故障类型、设备状态等；\n(18)7)需支持设备状态查询功能，可查询各个设备的运行状态、运行软件版本、检测时间等；\n(19)8)需支持日志查询功能，可查询车场各个用户操作日志、进出车辆日志等；","",{"$nulls":4},""]
["",null,"","分部小计","","",{"v":26,"d":"26.000"},null,null,88942.46,""]
["综合管网",{"$nulls":9},"分项工程(17安装)"]
["58",null,"030411001002","配管","(1)焊接钢管\n(2)DN25\n(3)电气配管\n(4)埋地敷设","m",{"v":41.18,"d":"41.180"},22.36,null,920.78,""]
["59",null,"030411001003","配管","(1)焊接钢管\n(2)DN32\n(3)电气配管\n(4)埋地敷设","m",{"v":115.82,"d":"115.820"},26.59,null,3079.65,""]
["60",null,"030411001004","配管","(1)焊接钢管\n(2)DN50","m",{"v":105.82,"d":"105.820"},40.18,null,4251.85,""]
["分部分项工程量清单与计价表",{"$nulls":9},""]
["",{"$nulls":9},""]
["工程名称：柘荣汽车站“三旧改造”(新财富广场)项目-智能化工程",{"$nulls":7},"第25页 共25页",null,""]
["序号",null,"项目编码","项目名称","项目特征描述","计量单位","工程量","金    额(元)",null,null,""]
[{"$nulls":7},"综合单价",null,"合价",""]
["",null,"","","(3)电气配管\n(4)埋地敷设","",{"$nulls":4},""]
["61",null,"010101003001","挖沟槽土方","(1)三类土\n(2)2m以内","m3",67.348,7.23,null,486.93,""]
["62",null,"010103001001","回填方","(1)符合设计以及施工要求\n(2)三类土\n(3)符合设计以及施工要求\n(4)原土回填","m3",{"v":65.08,"d":"65.080"},10.69,null,695.71,""]
["63",null,"010103002001","余方弃置","","m3",2.268,18.42,null,41.78,""]
["",null,"","分部小计","","",397.516,null,null,{"v":9476.7,"d":"9476.70"},""]
["",null,"","小号手孔井","","",{"$nulls":4},""]
["64",null,"040504001001","砌筑井","(1)1.18*1.16*0.7m\n(2)C20\n(3)M5\n(4)C20混凝土75mm厚\n(5)100mm厚C15混凝土垫层\n(6)M5砂浆砖砌体\n(7)内外墙壁1:2.5水泥砂浆抹面10mm厚\n(8)C20混凝土75mm厚；500*400普通铸铁井盖\n(9)大样图详见图号ZP01","座",{"v":3,"d":"3.000"},1267.19,null,3801.57,""]
["",null,"","分部小计","","",{"v":3,"d":"3.000"},null,null,3801.57,""]
["暂列金",{"$nulls":9},"单位工程(17安装)"]
["暂列金",{"$nulls":9},"分项工程(17安装)"]
["合        计",{"$nulls":8},430966.14,""]

{"sheet":"总价措施项目清单与计价表(含分项)","index":4,"n_rows":57,"n_cols":5,"rows_kept":57,"merged":[[0,0,0,4],[1,0,1,4],[2,0,2,3],[4,0,4,4],[5,0,5,4],[6,0,6,4],[10,0,10,4],[14,0,14,4],[18,0,18,4],[22,0,22,4],[26,0,26,4],[27,0,27,4],[31,0,31,4],[35,0,35,4],[39,0,39,4],[43,0,43,4],[47,0,47,4],[48,0,48,4],[49,0,49,4],[50,0,50,3],[52,0,52,4],[56,0,56,3]]}
["总价措施项目清单与计价表"]
[""]
["工程名称：柘荣汽车站“三旧改造”(新财富广场)项目-智能化工程",{"$nulls":3},"第1页 共2页"]
["序号","项 目 名 称","计 算 基 础\n(元)","费    率(%)","金    额(元)"]
["单项工程"]
["安装工程"]
["视频监控系统"]
["1","安全文明施工费",{"v":23192,"d":"23192.00"},"2.14",{"v":496,"d":"496.00"}]
["2","其他总价措施费",{"v":23192,"d":"23192.00"},"0.44",{"v":102,"d":"102.00"}]
["3","扬尘防治措施费",{"v":496,"d":"496.00"},"12.2",{"v":61,"d":"61.00"}]
["UPS配电系统"]
["1","安全文明施工费",{"v":979,"d":"979.00"},"2.14",{"v":21,"d":"21.00"}]
["2","其他总价措施费",{"v":979,"d":"979.00"},"0.44",{"v":4,"d":"4.00"}]
["3","扬尘防治措施费",{"v":21,"d":"21.00"},"12.2",{"v":3,"d":"3.00"}]
["综合布线系统"]
["1","安全文明施工费",{"v":83489,"d":"83489.00"},"2.14",{"v":1787,"d":"1787.00"}]
["2","其他总价措施费",{"v":83489,"d":"83489.00"},"0.44",{"v":367,"d":"367.00"}]
["3","扬尘防治措施费",{"v":1787,"d":"1787.00"},"12.2",{"v":218,"d":"218.00"}]
["五方通话系统"]
["1","安全文明施工费",{"v":479,"d":"479.00"},"2.14",{"v":10,"d":"10.00"}]
["2","其他总价措施费",{"v":479,"d":"479.00"},"0.44",{"v":2,"d":"2.00"}]
["3","扬尘防治措施费",{"v":10,"d":"10.00"},"12.2",{"v":1,"d":"1.00"}]
["消控室"]
["1","安全文明施工费",{"v":41503,"d":"41503.00"},"2.14",{"v":888,"d":"888.00"}]
["2","其他总价措施费",{"v":41503,"d":"41503.00"},"0.44",{"v":183,"d":"183.00"}]
["3","扬尘防治措施费",{"v":888,"d":"888.00"},"12.2",{"v":108,"d":"108.00"}]
["室外工程"]
["视频监控系统"]
["1","安全文明施工费",{"v":11791,"d":"11791.00"},"0.58",{"v":68,"d":"68.00"}]
["2","其他总价措施费",{"v":11791,"d":"11791.00"},"0.35",{"v":41,"d":"41.00"}]
["3","扬尘防治措施费",{"v":68,"d":"68.00"},"12.2",{"v":8,"d":"8.00"}]
["UPS配电系统"]
["1","安全文明施工费",{"v":862,"d":"862.00"},"0.58",{"v":5,"d":"5.00"}]
["2","其他总价措施费",{"v":862,"d":"862.00"},"0.35",{"v":3,"d":"3.00"}]
["3","扬尘防治措施费",{"v":5,"d":"5.00"},"12.2",{"v":1,"d":"1.00"}]
["综合布线系统"]
["1","安全文明施工费",{"v":11639,"d":"11639.00"},"2.14",{"v":249,"d":"249.00"}]
["2","其他总价措施费",{"v":11639,"d":"11639.00"},"0.44",{"v":51,"d":"51.00"}]
["3","扬尘防治措施费",{"v":249,"d":"249.00"},"12.2",{"v":30,"d":"30.00"}]
["停车场管理系统"]
["1","安全文明施工费",{"v":20157,"d":"20157.00"},"0.58",{"v":117,"d":"117.00"}]
["2","其他总价措施费",{"v":20157,"d":"20157.00"},"0.35",{"v":71,"d":"71.00"}]
["3","扬尘防治措施费",{"v":117,"d":"117.00"},"12.2",{"v":14,"d":"14.00"}]
["综合管网"]
["1","安全文明施工费",{"v":13278,"d":"13278.00"},"0.58",{"v":77,"d":"77.00"}]
["2","其他总价措施费",{"v":13278,"d":"13278.00"},"0.35",{"v":46,"d":"46.00"}]
["3","扬尘防治措施费",{"v":77,"d":"77.00"},"12.2",{"v":9,"d":"9.00"}]
["暂列金"]
["总价措施项目清单与计价表"]
[""]
["工程名称：柘荣汽车站“三旧改造”(新财富广场)项目-智能化工程",{"$nulls":3},"第2页 共2页"]
["序号","项 目 名 称","计 算 基 础\n(元)","费    率(%)","金    额(元)"]
["暂列金"]
["1","安全文明施工费",{"v":0,"d":"0.00"},"2.14",{"v":0,"d":"0.00"}]
["2","其他总价措施费",{"v":0,"d":"0.00"},"0.44",{"v":0,"d":"0.00"}]
["3","扬尘防治措施费",{"v":0,"d":"0.00"},"12.2",{"v":0,"d":"0.00"}]
["合    计",{"$nulls":3},{"v":5041,"d":"5041.00"}]

{"sheet":"单价措施项目清单与计价表","index":5,"n_rows":26,"n_cols":11,"rows_kept":26,"merged":[[0,0,0,9],[1,0,1,9],[2,0,2,7],[2,8,2,9],[3,0,4,1],[3,2,4,2],[3,3,4,3],[3,4,4,4],[3,5,4,5],[3,6,4,6],[3,7,3,9],[4,7,4,8],[5,0,5,9],[6,0,6,9],[7,0,7,9],[8,0,8,1],[8,7,8,8],[9,0,9,9],[10,0,10,1],[10,7,10,8],[11,0,11,9],[12,0,12,9],[13,0,13,1],[13,7,13,8],[14,0,14,9],[15,0,15,1],[15,7,15,8],[16,0,16,9],[17,0,17,9],[18,0,18,9],[19,0,19,9],[20,0,20,9],[21,0,21,1],[21,7,21,8],[22,0,22,9],[23,0,23,9],[24,0,24,9],[25,0,25,8]]}
["单价措施项目清单与计价表",{"$nulls":9},""]
["",{"$nulls":9},""]
["工程名称：柘荣汽车站“三旧改造”(新财富广场)项目-智能化工程",{"$nulls":7},"第1页 共1页",null,""]
["序号",null,"项目编码","项目名称","项目特征描述","计量单位","工程量","金    额(元)",null,null,""]
[{"$nulls":7},"综合单价",null,"合价",""]
["单项工程",{"$nulls":9},"单项工程(17安装)"]
["安装工程",{"$nulls":9},"单位工程(17安装)"]
["视频监控系统",{"$nulls":9},"分项工程(17安装)"]
["1",null,"031301017001","脚手架搭拆","","项",{"v":1,"d":"1.000"},{"v":88.1,"d":"88.10"},null,{"v":88.1,"d":"88.10"},""]
["UPS配电系统",{"$nulls":9},"分项工程(17安装)"]
["2",null,"031301017002","脚手架搭拆","","项",{"v":1,"d":"1.000"},3.18,null,3.18,""]
["综合布线系统",{"$nulls":9},"分项工程(17安装)"]
["五方通话系统",{"$nulls":9},"分项工程(17安装)"]
["3",null,"031301017003","脚手架搭拆","","项",{"v":1,"d":"1.000"},8.67,null,8.67,""]
["消控室",{"$nulls":9},"分项工程(17安装)"]
["4",null,"031301017004","脚手架搭拆","","项",{"v":1,"d":"1.000"},22.32,null,22.32,""]
["室外工程",{"$nulls":9},"单位工程(17安装)"]
["视频监控系统",{"$nulls":9},"分项工程(17安装)"]
["UPS配电系统",{"$nulls":9},"分项工程(17安装)"]
["综合布线系统",{"$nulls":9},"分项工程(17安装)"]
["停车场管理系统",{"$nulls":9},"分项工程(17安装)"]
["5",null,"011702001001","基础模板","(1)安全岛基础","m2",{"v":1.89,"d":"1.890"},77.05,null,145.62,""]
["综合管网",{"$nulls":9},"分项工程(17安装)"]
["暂列金",{"$nulls":9},"单位工程(17安装)"]
["暂列金",{"$nulls":9},"分项工程(17安装)"]
["合       计",{"$nulls":8},267.89,""]

{"sheet":"其他项目清单与计价汇总表","index":6,"n_rows":8,"n_cols":4,"rows_kept":8,"merged":[[0,0,0,3],[1,0,1,3],[2,0,2,2],[7,0,7,1]]}
["其他项目清单与计价汇总表"]
[""]
["工程名称：柘荣汽车站“三旧改造”(新财富广场)项目-智能化工程",null,null,"第1页 共1页"]
["序号","项 目 名 称","金额(元)","备注"]
["1","暂列金额",{"v":20000,"d":"20000.00"},""]
["2","专业工程暂估价",null,""]
["3","总承包服务费",null,""]
["合    计",null,{"v":20000,"d":"20000.00"},"——"]

{"sheet":"暂列金额明细表","index":7,"n_rows":11,"n_cols":5,"rows_kept":11,"merged":[[0,0,0,4],[1,0,1,4],[2,0,2,2],[2,3,2,4],[3,2,3,3],[4,2,4,3],[5,2,5,3],[6,2,6,3],[7,2,7,3],[8,2,8,3],[9,2,9,3],[10,0,10,1],[10,2,10,3]]}
["暂列金额明细表"]
[""]
["工程名称：柘荣汽车站“三旧改造”(新财富广场)项目-智能化工程",null,null,"第1页 共1页"]
["序号","项 目 名 称","金额(元)",null,"备  注"]
["1","设计变更和现场签证暂列金额",{"v":20000,"d":"20000.00"},null,""]
["2","优质工程增加费",null,null,""]
["3","缩短定额工期增加费",null,null,""]
["4","工程噪音超标排污费",null,null,""]
["5","渣土收纳费",null,null,""]
["6","加固工程检测费用",null,null,""]
["合    计",null,{"v":20000,"d":"20000.00"},null,"——"]

{"sheet":"专业工程暂估价明细表","index":8,"n_rows":5,"n_cols":5,"rows_kept":5,"merged":[[0,0,0,4],[1,0,1,4],[2,0,2,2],[2,3,2,4],[3,2,3,3],[4,0,4,1],[4,2,4,3]]}
["专业工程暂估价明细表"]
[""]
["工程名称：柘荣汽车站“三旧改造”(新财富广场)项目-智能化工程",null,null,"第1页 共1页"]
["序号","项 目 名 称","金额(元)",null,"备  注"]
["合    计",{"$nulls":3},"——"]

{"sheet":"总承包服务费计价表","index":9,"n_rows":5,"n_cols":5,"rows_kept":5,"merged":[[0,0,0,4],[1,0,1,4],[2,0,2,3],[4,0,4,3]]}
["总承包服务费计价表"]
[""]
["工程名称：柘荣汽车站“三旧改造”(新财富广场)项目-智能化工程",{"$nulls":3},"第1页 共1页"]
["序号","项 目 名 称","计算基础(元)","费率(%)","金额(元)"]
["合    计"]

{"sheet":"分部分项工程量清单综合单价分析表","index":10,"n_rows":323,"n_cols":15,"rows_kept":323,"merged":[[0,0,0,13],[1,0,1,13],[2,0,2,11],[2,12,2,13],[3,0,4,0],[3,1,4,1],[3,2,4,2],[3,3,4,3],[3,4,4,4],[3,5,3,12],[3,13,4,13],[5,0,5,13],[6,0,6,13],[7,0,7,13],[18,0,18,13],[19,0,19,13],[20,0,20,11],[20,12,20,13],[21,0,22,0],[21,1,22,1],[21,2,22,2],[21,3,22,3],[21,4,22,4],[21,5,21,12],[21,13,22,13],[29,0,29,13],[30,0,30,13],[31,0,31,11],[31,12,31,13],[32,0,33,0],[32,1,33,1],[32,2,33,2],[32,3,33,3],[32,4,33,4],[32,5,32,12],[32,13,33,13],[37,0,37,13],[38,0,38,13],[39,0,39,11],[39,12,39,13],[40,0,41,0],[40,1,41,1],[40,2,41,2],[40,3,41,3],[40,4,41,4],[40,5,40,12],[40,13,41,13],[47,0,47,13],[50,0,50,13],[51,0,51,13],[52,0,52,11],[52,12,52,13],[53,0,54,0],[53,1,54,1],[53,2,54,2],[53,3,54,3],[53,4,54,4],[53,5,53,12],[53,13,54,13],[57,0,57,13],[62,0,62,13],[63,0,63,13],[64,0,64,11],[64,12,64,13],[65,0,66,0],[65,1,66,1],[65,2,66,2],[65,3,66,3],[65,4,66,4],[65,5,65,12],[65,13,66,13],[70,0,70,13],[71,0,71,13],[72,0,72,11],[72,12,72,13],[73,0,74,0],[73,1,74,1],[73,2,74,2],[73,3,74,3],[73,4,74,4],[73,5,73,12],[73,13,74,13],[81,0,81,13],[82,0,82,13],[83,0,83,11],[83,12,83,13],[84,0,85,0],[84,1,85,1],[84,2,85,2],[84,3,85,3],[84,4,85,4],[84,5,84,12],[84,13,85,13],[88,0,88,13],[95,0,95,13],[97,0,97,13],[98,0,98,13],[99,0,99,11],[99,12,99,13],[100,0,101,0],[100,1,101,1],[100,2,101,2],[100,3,101,3],[100,4,101,4],[100,5,100,12],[100,13,101,13],[107,0,107,13],[108,0,108,13],[109,0,109,11],[109,12,109,13],[110,0,111,0],[110,1,111,1],[110,2,111,2],[110,3,111,3],[110,4,111,4],[110,5,110,12],[110,13,111,13],[113,0,113,13],[114,0,114,13],[115,0,115,11],[115,12,115,13],[116,0,117,0],[116,1,117,1],[116,2,117,2],[116,3,117,3],[116,4,117,4],[116,5,116,12],[116,13,117,13],[121,0,121,13],[122,0,122,13],[123,0,123,11],[123,12,123,13],[124,0,125,0],[124,1,125,1],[124,2,125,2],[124,3,125,3],[124,4,125,4],[124,5,124,12],[124,13,125,13],[131,0,131,13],[132,0,132,13],[133,0,133,11],[133,12,133,13],[134,0,135,0],[134,1,135,1],[134,2,135,2],[134,3,135,3],[134,4,135,4],[134,5,134,12],[134,13,135,13],[139,0,139,13],[140,0,140,13],[141,0,141,11],[141,12,141,13],[142,0,143,0],[142,1,143,1],[142,2,143,2],[142,3,143,3],[142,4,143,4],[142,5,142,12],[142,13,143,13],[145,0,145,13],[146,0,146,13],[147,0,147,11],[147,12,147,13],[148,0,149,0],[148,1,149,1],[148,2,149,2],[148,3,149,3],[148,4,149,4],[148,5,148,12],[148,13,149,13],[156,0,156,13],[157,0,157,13],[158,0,158,11],[158,12,158,13],[159,0,160,0],[159,1,160,1],[159,2,160,2],[159,3,160,3],[159,4,160,4],[159,5,159,12],[159,13,160,13],[165,0,165,13],[166,0,166,13],[168,0,168,13],[169,0,169,13],[170,0,170,11],[170,12,170,13],[171,0,172,0],[171,1,172,1],[171,2,172,2],[171,3,172,3],[171,4,172,4],[171,5,171,12],[171,13,172,13],[177,0,177,13],[178,0,178,13],[179,0,179,11],[179,12,179,13],[180,0,181,0],[180,1,181,1],[180,2,181,2],[180,3,181,3],[180,4,181,4],[180,5,180,12],[180,13,181,13],[188,0,188,13],[189,0,189,13],[190,0,190,11],[190,12,190,13],[191,0,192,0],[191,1,192,1],[191,2,192,2],[191,3,192,3],[191,4,192,4],[191,5,191,12],[191,13,192,13],[197,0,197,13],[201,0,201,13],[202,0,202,13],[203,0,203,11],[203,12,203,13],[204,0,205,0],[204,1,205,1],[204,2,205,2],[204,3,205,3],[204,4,205,4],[204,5,204,12],[204,13,205,13],[208,0,208,13],[214,0,214,13],[215,0,215,13],[216,0,216,11],[216,12,216,13],[217,0,218,0],[217,1,218,1],[217,2,218,2],[217,3,218,3],[217,4,218,4],[217,5,217,12],[217,13,218,13],[221,0,221,13],[229,0,229,13],[230,0,230,13],[231,0,231,11],[231,12,231,13],[232,0,233,0],[232,1,233,1],[232,2,233,2],[232,3,233,3],[232,4,233,4],[232,5,232,12],[232,13,233,13],[241,0,241,13],[242,0,242,13],[243,0,243,11],[243,12,243,13],[244,0,245,0],[244,1,245,1],[244,2,245,2],[244,3,245,3],[244,4,245,4],[244,5,244,12],[244,13,245,13],[247,0,247,13],[248,0,248,13],[249,0,249,11],[249,12,249,13],[250,0,251,0],[250,1,251,1],[250,2,251,2],[250,3,251,3],[250,4,251,4],[250,5,250,12],[250,13,251,13],[261,0,261,13],[262,0,262,13],[263,0,263,11],[263,12,263,13],[264,0,265,0],[264,1,265,1],[264,2,265,2],[264,3,265,3],[264,4,265,4],[264,5,264,12],[264,13,265,13],[267,0,267,13],[268,0,268,13],[269,0,269,11],[269,12,269,13],[270,0,271,0],[270,1,271,1],[270,2,271,2],[270,3,271,3],[270,4,271,4],[270,5,270,12],[270,13,271,13],[277,0,277,13],[278,0,278,13],[279,0,279,11],[279,12,279,13],[280,0,281,0],[280,1,281,1],[280,2,281,2],[280,3,281,3],[280,4,281,4],[280,5,280,12],[280,13,281,13],[285,0,285,13],[289,0,289,13],[290,0,290,13],[291,0,291,11],[291,12,291,13],[292,0,293,0],[292,1,293,1],[292,2,293,2],[292,3,293,3],[292,4,293,4],[292,5,292,12],[292,13,293,13],[309,0,309,13],[310,0,310,13],[311,0,311,11],[311,12,311,13],[312,0,313,0],[312,1,313,1],[312,2,313,2],[312,3,313,3],[312,4,313,4],[312,5,312,12],[312,13,313,13],[321,0,321,13],[322,0,322,13]]}
["分部分项工程量清单综合单价分析表",{"$nulls":13},""]
["",{"$nulls":13},""]
["工程名称：柘荣汽车站“三旧改造”(新财富广场)项目-智能化工程",{"$nulls":11},"第1页 共29页",null,""]
["序号","项目编码","项目名称及特征描述","单位","工程量","综合单价组成(元)",{"$nulls":7},"综合单价\n(元)",""]
[{"$nulls":5},"人工费","材料费","其中：\n设备费","施工机具使用费","企业管理费","利润","规费","税金",null,""]
["单项工程",{"$nulls":13},"单项工程(17安装)"]
["安装工程",{"$nulls":13},"单位工程(17安装)"]
["视频监控系统",{"$nulls":13},"分项工程(17安装)"]
["1","030411001001","配管\n(1)JDG管\n(2)DN20\n(3)电力配管\n(4)暗配","m",{"v":266.76,"d":"266.760"},4.91,7.52,null,null,{"v":1.2,"d":"1.20"},0.82,null,{"v":1.3,"d":"1.30"},15.75,""]
["1.1","30412008","JDG管 DN20","m",{"v":266.76,"d":"266.760"},4.91,7.52,null,null,{"v":1.2,"d":"1.20"},0.82,null,{"v":1.3,"d":"1.30"},15.75,""]
["","","分部小计","",{"v":266.76,"d":"266.760"},{"$nulls":9},""]
["2","030502005001","双绞线缆\n(1)UTP6\n(2)双绞线缆\n(3)管内穿线\n(4)≤4","m",{"v":618.11,"d":"618.110"},1.74,4.15,null,0.03,0.57,0.39,null,0.62,{"v":7.5,"d":"7.50"},""]
["2.1","30502021T","双绞线缆 UTP6 高于超五类非屏蔽","m",{"v":618.11,"d":"618.110"},1.74,4.15,null,0.03,0.57,0.39,null,0.62,{"v":7.5,"d":"7.50"},""]
["3","030502005002","双绞线缆\n(1)UTP6\n(2)双绞线缆\n(3)桥架内布线\n(4)≤4","m",{"v":852.29,"d":"852.290"},1.47,4.15,null,0.03,0.55,0.37,null,0.59,7.16,""]
["3.1","30502023T","双绞线缆 UTP6 高于超五类非屏蔽","m",{"v":852.29,"d":"852.290"},1.47,4.15,null,0.03,0.55,0.37,null,0.59,7.16,""]
["4","030411004001","配线\n(1)铜芯\n(2)3*1.5mm2\n(3)多芯软导线\n(4)RYY\n(5)暗配\n(6)管内","m",{"v":12.6,"d":"12.600"},1.21,{"v":6.1,"d":"6.10"},null,null,0.71,0.48,null,0.77,9.27,""]
["4.1","30413045","穿多芯软导线 RYY-3*1.5mm2","m",{"v":12.6,"d":"12.600"},1.21,{"v":6.1,"d":"6.10"},null,null,0.71,0.48,null,0.77,9.27,""]
["5","030411004002","配线\n(1)铜芯","m",{"v":50.06,"d":"50.060"},1.03,5.62,null,null,0.64,0.44,null,{"v":0.7,"d":"0.70"},8.43,""]
["分部分项工程量清单综合单价分析表",{"$nulls":13},""]
["",{"$nulls":13},""]
["工程名称：柘荣汽车站“三旧改造”(新财富广场)项目-智能化工程",{"$nulls":11},"第2页 共29页",null,""]
["序号","项目编码","项目名称及特征描述","单位","工程量","综合单价组成(元)",{"$nulls":7},"综合单价\n(元)",""]
[{"$nulls":5},"人工费","材料费","其中：\n设备费","施工机具使用费","企业管理费","利润","规费","税金",null,""]
["","","(2)3*1.5mm2\n(3)多芯软导线\n(4)RYY\n(5)暗配\n(6)线槽配线","",{"$nulls":10},""]
["5.1","30413109","线槽配线 RYY-3*1.5mm2","m单线",{"v":50.06,"d":"50.060"},1.03,5.62,null,null,0.64,0.44,null,{"v":0.7,"d":"0.70"},8.43,""]
["","","分部小计","",{"v":1533.06,"d":"1533.060"},{"$nulls":9},""]
["6","030507008001","监控摄像设备\n(1)400万网络枪式摄像机\n(2)采用≥400万1/3英寸CMOS图像传感器\n(3)设备内置≥4颗混合补光灯,可同时开启≥4颗红外补光灯或≥4颗白光补光灯\n(4)补光灯表面为磨砂面,灯珠朝向与样机照射方向一致\n(5)补光灯开启后,正面不可见补光灯灯珠\n(6)▲支持对人、机动车、全部(人或机动车)进行检测,当小狗、树叶等非人或车辆目标经过检测区域时,不会触发报警（提供首页具有CMA或CNAS标识的第三方检测报告复印件并加盖投标人公章做为依据，至少包含报告首页及对应功能测试页）\n(7)▲设备可同时采用DC12V电源与POE供电,当一路电源停止供电后,设备可正常工作（提供首页具有CMA或CNAS标识的第三方检测报告复印件并加盖投标人公章做为依据，至少包含报告首页及对应功能测试页）\n(8)内置≥1个麦克风\n(9)支持DC12V/PoE供电方式\n(10)支持≥IP67防护等级","台",{"v":19,"d":"19.000"},121.63,818.95,{"v":815,"d":"815.00"},1.28,12.29,8.35,null,86.63,1049.13,""]
["6.1","30507086","监控摄像设备 400万网络枪式摄像机","台",{"v":19,"d":"19.000"},121.63,818.95,{"v":815,"d":"815.00"},1.28,12.29,8.35,null,86.63,1049.13,""]
["7","030507008002","监控摄像设备\n(1)400万网络半球摄像机\n(2)采用不低于400万1/3英寸CMOS图像传感器\n(3)支持对人、机动车、全部(人或机动车)进","台",{"v":15,"d":"15.000"},121.63,838.95,{"v":835,"d":"835.00"},1.28,12.29,8.35,null,88.43,1070.93,""]
["分部分项工程量清单综合单价分析表",{"$nulls":13},""]
["",{"$nulls":13},""]
["工程名称：柘荣汽车站“三旧改造”(新财富广场)项目-智能化工程",{"$nulls":11},"第3页 共29页",null,""]
["序号","项目编码","项目名称及特征描述","单位","工程量","综合单价组成(元)",{"$nulls":7},"综合单价\n(元)",""]
[{"$nulls":5},"人工费","材料费","其中：\n设备费","施工机具使用费","企业管理费","利润","规费","税金",null,""]
["","","行检测,当小狗、树叶等非人或车辆目标经过检测区域时,不会触发报警\n(4)设备内置≥2颗混合补光灯,可同时开启≥2颗红外补光灯或≥2颗白光补光灯\n(5)设备可同时采用DC12V电源与POE供电,当一路电源停止供电后,设备可正常工作\n(6)支持数字宽动态，3D降噪，强光抑制，背光补偿，数字水印，适用不同监控环境\n(7)内置≥1个麦克风\n(8)支持DC12V/PoE供电方式\n(9)支持IP67防护等级","",{"$nulls":10},""]
["7.1","30507086","监控摄像设备 400万网络半球摄像机","台",{"v":15,"d":"15.000"},121.63,838.95,{"v":835,"d":"835.00"},1.28,12.29,8.35,null,88.43,1070.93,""]
["8","030507008003","监控摄像设备\n(1)智能高清球型摄像机\n(2)传感器类型≥1/2.8英寸CMOS；\n(3)像素：≥400万；最大分辨率：2560×1440；\n(4)最低照度：彩色：0.005lux@F1.6；黑白：0.0005lux@F1.6；0lux(红外灯开启)；\n(5)最大补光距离：≥150m（红外）；≥30m（白光）；补光类型：红外+白光；\n(6)支持雨刷功能；\n(7)镜头焦距：4.8mm～154mm；光学变倍：32倍；\n(8)周界防范：支持绊线入侵；支持区域入侵；支持穿越围栏；支持徘徊检测；支持物品遗留；支持物品搬移；支持快速移动；支持停车检测；支持人员聚集；支持人车分类报警；支持联动跟踪；\n(9)人脸检测：支持人脸检测；支持人脸轨迹框；支持优选；支持抓拍；支持上报最优的人脸抓图；支持人脸增强；支持人脸属性提取，支持6种属性8种表情，支持实时抓拍，优选抓拍，质量优先三种抓拍策略；\n(10)声警戒：≥16条语音报警内容，支持自定义语音内容导入；声音：高/中/低；持续","台",{"v":1,"d":"1.000"},121.63,5503.95,{"v":5500,"d":"5500.00"},1.28,12.29,8.35,null,508.28,6155.78,""]
["分部分项工程量清单综合单价分析表",{"$nulls":13},""]
["",{"$nulls":13},""]
["工程名称：柘荣汽车站“三旧改造”(新财富广场)项目-智能化工程",{"$nulls":11},"第4页 共29页",null,""]
["序号","项目编码","项目名称及特征描述","单位","工程量","综合单价组成(元)",{"$nulls":7},"综合单价\n(元)",""]
[{"$nulls":5},"人工费","材料费","其中：\n设备费","施工机具使用费","企业管理费","利润","规费","税金",null,""]
["","","时间可设置：5-30秒；\n(11)防抖功能：陀螺仪防抖；\n(12)音频输入：≥1路；音频输出：≥1路；\n(13)报警输入：≥2路，开关量输入（0～5V DC）；报警输出：≥1路；\n(14)防护等级：≥IP66；TVS 6000V防雷、防浪涌和防突波保护；","",{"$nulls":10},""]
["8.1","30507086","监控摄像设备 智能高清球型摄像机","台",{"v":1,"d":"1.000"},121.63,5503.95,{"v":5500,"d":"5500.00"},1.28,12.29,8.35,null,508.28,6155.78,""]
["9","030501012001","交换机\n(1)8口POE交换机\n(2)千兆POE电口≥8个， 千兆 SFP光口≥2个，Console口≥1个\n(3)交换性能≥256Gbps，包转发率≥27Mpps\n(4)支持IEEE 802.3af/at供电标准，单端口最大输出功率≥30W，整机最大输出功率≥140W\n(5)支持MAC地址≥8K，支持4K个VLAN，ARP表≥2046\n(6)支持交换机端口设置为信任端口或非信任端口，非信任端口也可设置白名单响应DHCP报文\n(7)支持防网关ARP欺骗，支持端口保护、隔离，支持防止ARP攻击功能，支持HTTPS\n(8)支持SNMPv1/v2c/v3，支持WEB网管特性\n(9)支持IEEE 802.3az 标准的 EEE节能技术：当EEE使能时，从而大幅度的减小端口在该阶段的功耗，达到了节能的目的。","台",{"v":4,"d":"4.000"},364.88,1769.08,{"v":1750,"d":"1750.00"},10.24,{"v":38.2,"d":"38.20"},25.94,null,198.75,2407.09,""]
["9.1","30501085","交换机 8口POE交换机","台",{"v":4,"d":"4.000"},364.88,1769.08,{"v":1750,"d":"1750.00"},10.24,{"v":38.2,"d":"38.20"},25.94,null,198.75,2407.09,""]
["","","分部小计","",{"v":39,"d":"39.000"},{"$nulls":9},""]
["UPS配电系统",{"$nulls":13},"分项工程(17安装)"]
["10","030502003002","分线接线箱(盒)\n(1)UPS楼层配电箱\n(2)机柜内安装","个",{"v":4,"d":"4.000"},43.79,65.51,null,null,10.59,7.19,null,11.44,138.52,""]
["10.1","30502005","UPS楼层配电箱","个",{"v":4,"d":"4.000"},43.79,65.51,null,null,10.59,7.19,null,11.44,138.52,""]
["分部分项工程量清单综合单价分析表",{"$nulls":13},""]
["",{"$nulls":13},""]
["工程名称：柘荣汽车站“三旧改造”(新财富广场)项目-智能化工程",{"$nulls":11},"第5页 共29页",null,""]
["序号","项目编码","项目名称及特征描述","单位","工程量","综合单价组成(元)",{"$nulls":7},"综合单价\n(元)",""]
[{"$nulls":5},"人工费","材料费","其中：\n设备费","施工机具使用费","企业管理费","利润","规费","税金",null,""]
["11","030411004003","配线\n(1)铜芯\n(2)3*2.5mm2\n(3)多芯软导线\n(4)RYY\n(5)暗配\n(6)管内","m",{"v":41.2,"d":"41.200"},1.21,6.88,null,null,0.78,0.53,null,0.85,10.25,""]
["11.1","30413046","穿多芯软导线 RYY-3*2.5mm2","m",{"v":41.2,"d":"41.200"},1.21,6.88,null,null,0.78,0.53,null,0.85,10.25,""]
["综合布线系统",{"$nulls":13},"分项工程(17安装)"]
["12","030502003003","分线接线箱(盒)\n(1)12U网络机柜\n(2)1、12U标准机架，尺寸：650*600*600\n(3)2、符合国际标准：ANSI/EIA RS-310-C、DIN 41494 Partl、IEC297-2、BS5954，进口高硬度粉面（BS6497）                    \n(4)3、带锁钢化玻璃前门，置顶散热排气风扇壹个，四输出万能电源插座壹个 ，钢质拆装式侧门，固定层板 壹块","个",{"v":8,"d":"8.000"},43.79,895.73,null,null,91.04,61.83,null,98.32,1190.71,""]
["12.1","30502005T","12U网络机柜","个",{"v":8,"d":"8.000"},43.79,895.73,null,null,91.04,61.83,null,98.32,1190.71,""]
["13","030502003004","分线接线箱(盒)\n(1)42U网络机柜\n(2)1、42\" 活动标准机架，尺寸：2000*600*800                                                                                             \n(3)2、符合国际标准：ANSI/EIA RS-310-C、DIN 41494 Partl、IEC297-2、BS5954，进口高硬度粉面（BS6497）                                                    \n(4)3、带锁钢化玻璃前门，置顶散热排气风扇壹个，四输出万能电源插座壹个 ，钢质拆装式侧门，固定层板 壹块","个",{"v":4,"d":"4.000"},43.79,2290.73,null,null,226.21,153.64,null,244.29,2958.66,""]
["13.1","30502005T","42U网络机柜","个",{"v":4,"d":"4.000"},43.79,2290.73,null,null,226.21,153.64,null,244.29,2958.66,""]
["分部分项工程量清单综合单价分析表",{"$nulls":13},""]
["",{"$nulls":13},""]
["工程名称：柘荣汽车站“三旧改造”(新财富广场)项目-智能化工程",{"$nulls":11},"第6页 共29页",null,""]
["序号","项目编码","项目名称及特征描述","单位","工程量","综合单价组成(元)",{"$nulls":7},"综合单价\n(元)",""]
[{"$nulls":5},"人工费","材料费","其中：\n设备费","施工机具使用费","企业管理费","利润","规费","税金",null,""]
["14","030502010001","配线架\n(1)12口光纤配线架\n(2)1、标准：YD/T778；\n(3)2、安装方式：19″机架式安装；\n(4)3、标配1个光纤熔接盘，2个光缆进线口，2个固定PG头，2个光缆护套固定装置，2个光缆加强件固定装置；\n(5)4、端口通用型设计，共3个4口支架，可兼容：LC双工、SC单工、FC、ST适配器，一个支架仅需一颗螺丝，便于安装和拆卸；\n(6)5、进出光纤方便灵活，有充裕的光纤盘存空间，光纤和尾纤弯曲半径不小于30mm；\n(7)6、端口数量：12口，空余端口可安装空白功能件（标配），安装LC双工、SC单工耦合器时安装支架的空隙可安装封堵功能件（标配）；\n(8)7、外壳材料：优质冷轧钢板；\n(9)8、外壳表面处理：静电喷塑黑色；\n(10)9、产品尺寸：宽度:482.6×深度:220×高度:44mm（高度1U）；\n(11)10、工作温度：-25℃~+60℃，相对湿度：≤85%（+30℃），非凝结；\n(12)11、配置说明：含满配耦合器及尾纤","架",{"v":8,"d":"8.000"},{"v":97.3,"d":"97.30"},460.25,null,null,54.03,36.69,null,58.34,706.61,""]
["14.1","30502041T","光纤配线架 12口","架",{"v":8,"d":"8.000"},{"v":97.3,"d":"97.30"},460.25,null,null,54.03,36.69,null,58.34,706.61,""]
["15","030502010002","配线架\n(1)48口光纤配线架\n(2)1、标准：YD/T778，ISO/IEC 11801，ANSI/TIA -568-C.3\n(3)2、安装方式：19″机架式安装\n(4)3、4个光缆进线口，带固定PG头，盒内配置光缆护套固定装置，光缆加强件固定装置\n(5)4、通用型设计，可兼容：LC双工、SC单工、FC、ST适配器，一个4口支架仅需一颗螺丝，便于安装和拆卸\n(6)5、进出光纤方便灵活，有充裕的光纤盘存空间，光纤和尾纤弯曲半径不小于30mm","架",{"v":4,"d":"4.000"},437.85,1320.53,null,null,170.39,115.73,null,184.01,2228.51,""]
["分部分项工程量清单综合单价分析表",{"$nulls":13},""]
["",{"$nulls":13},""]
["工程名称：柘荣汽车站“三旧改造”(新财富广场)项目-智能化工程",{"$nulls":11},"第7页 共29页",null,""]
["序号","项目编码","项目名称及特征描述","单位","工程量","综合单价组成(元)",{"$nulls":7},"综合单价\n(元)",""]
[{"$nulls":5},"人工费","材料费","其中：\n设备费","施工机具使用费","企业管理费","利润","规费","税金",null,""]
["","","(7)6、端口数量： 24口，空余端口可安装空白功能件，高度：1U\n(8)7、表面处理：静电喷塑\n(9)8、材料：优质冷扎钢板\n(10)9、表面颜色：黑色\n(11)10、工作温度：-5℃~+40℃，相对湿度：≤85%（+30℃），非凝结；\n(12)11、配置说明：含满配耦合器及尾纤","",{"$nulls":10},""]
["15.1","30502043","光纤配线架 48口","架",{"v":4,"d":"4.000"},437.85,1320.53,null,null,170.39,115.73,null,184.01,2228.51,""]
["16","030502009001","跳线\n(1)光纤跳线LC-LC\n(2)1、标准：YD/T1272，ISO/IEC 11801，ANSI/TIA-568-C.3\n(3)2、依据标准出厂前100%光学测试，性能优于国内和国际标准\n(4)3、高质量陶瓷插芯，插入损耗低，耐久性好\n(5)4、重复性，互换性，光学特性稳定\n(6)5、光纤类型：B1.3\n(7)6、光纤芯数：双芯\n(8)7、光纤插头：SC-LC\n(9)8、长度：3m\n(10)9、单芯光缆护套外径：2.8mm\n(11)10、护套颜色：黄色（B1.3）\n(12)11、插入损耗（含重复性）：≤0.2dB\n(13)12、互换性：≤0.2dB\n(14)13、回波损耗：≥50dB（单模）,≥35dB（多模）\n(15)14、重复性≥1000次\n(16)15、工作温度：-20℃~+60℃","条",{"v":25,"d":"25.000"},12.16,40.37,null,null,5.09,3.46,null,{"v":5.5,"d":"5.50"},66.58,""]
["16.1","30502038","光纤跳线LC-LC","条",{"v":25,"d":"25.000"},12.16,40.37,null,null,5.09,3.46,null,{"v":5.5,"d":"5.50"},66.58,""]
["17","030502014001","光纤连接\n(1)熔接\n(2)单模","芯",{"v":328,"d":"328.000"},36.49,60.08,null,12.31,10.55,7.17,null,11.39,137.99,""]
["17.1","30502064T","光纤连接(熔接法 单模)","芯",{"v":328,"d":"328.000"},36.49,60.08,null,12.31,10.55,7.17,null,11.39,137.99,""]
["分部分项工程量清单综合单价分析表",{"$nulls":13},""]
["",{"$nulls":13},""]
["工程名称：柘荣汽车站“三旧改造”(新财富广场)项目-智能化工程",{"$nulls":11},"第8页 共29页",null,""]
["序号","项目编码","项目名称及特征描述","单位","工程量","综合单价组成(元)",{"$nulls":7},"综合单价\n(元)",""]
[{"$nulls":5},"人工费","材料费","其中：\n设备费","施工机具使用费","企业管理费","利润","规费","税金",null,""]
["18","030502007001","光缆\n(1)12芯\n(2)光纤\n(3)管内","m",{"v":82.4,"d":"82.400"},1.46,4.61,null,0.03,0.59,{"v":0.4,"d":"0.40"},null,0.64,7.73,""]
["18.1","30502024","光纤 12芯","m",{"v":82.4,"d":"82.400"},1.46,4.61,null,0.03,0.59,{"v":0.4,"d":"0.40"},null,0.64,7.73,""]
["五方通话系统",{"$nulls":13},"分项工程(17安装)"]
["19","030411006001","接线盒\n(1)五方通话预留\n(2)86型\n(3)接线盒\n(4)暗装","个",{"v":2,"d":"2.000"},3.76,2.36,null,null,0.59,{"v":0.4,"d":"0.40"},null,0.64,7.75,""]
["19.1","30413193","接线盒 86型","个",{"v":2,"d":"2.000"},3.76,2.36,null,null,0.59,{"v":0.4,"d":"0.40"},null,0.64,7.75,""]
["20","030408002001","控制电缆\n(1)每个口按10m预留\n(2)WDZB1-RYYP\n(3)6*1.0mm2\n(4)铜芯\n(5)控制电缆\n(6)管内","m",{"v":20,"d":"20.000"},3.17,9.46,null,null,1.22,0.83,null,1.32,{"v":16,"d":"16.00"},""]
["20.1","30409287","控制电缆 WDZB1-RYYP-6*1.0mm2","m",{"v":20,"d":"20.000"},3.17,9.46,null,null,1.22,0.83,null,1.32,{"v":16,"d":"16.00"},""]
["21","030408007001","控制电缆头\n(1)6*1.0mm2\n(2)控制电缆头\n(3)预留口内\n(4)WDZB1-RYYP\n(5)铜芯电控制电缆头","个",{"v":2,"d":"2.000"},32.23,20.69,null,null,5.13,3.48,null,5.54,67.07,""]
["21.1","30409297","控制电缆终端头制作安装(电缆芯数≤6芯)","个",{"v":2,"d":"2.000"},32.23,20.69,null,null,5.13,3.48,null,5.54,67.07,""]
["消控室",{"$nulls":13},"分项工程(17安装)"]
["22","030507014001","显示设备\n(1)55英寸液晶拼接显示单元 \n(2)产品尺寸：55寸\n(3)双边拼缝：3.5mm\n(4)分辨率：1920*1080","台",{"v":4,"d":"4.000"},316.23,{"v":5808,"d":"5808.00"},{"v":5780,"d":"5780.00"},175.12,50.33,34.18,null,574.55,6958.41,""]
["分部分项工程量清单综合单价分析表",{"$nulls":13},""]
["",{"$nulls":13},""]
["工程名称：柘荣汽车站“三旧改造”(新财富广场)项目-智能化工程",{"$nulls":11},"第9页 共29页",null,""]
["序号","项目编码","项目名称及特征描述","单位","工程量","综合单价组成(元)",{"$nulls":7},"综合单价\n(元)",""]
[{"$nulls":5},"人工费","材料费","其中：\n设备费","施工机具使用费","企业管理费","利润","规费","税金",null,""]
["","","(5)亮度：500cd/m2\n(6)对比度：1200:1\n(7)色彩范围：8bit\n(8)刷新率：60Hz\n(9)功耗：155W\n(10)视角：178°(水平)/ 178°\n(11)供电方式：100–240VAC，50/60Hz\n(12)工作温度：0℃～+50℃\n(13)工作湿度：20%～90%RH（无凝结）\n(14)储存温度：–20℃～+55℃\n(15)储存湿度：5%～95%RH（无凝结）\n(16)输入接口：VGA(D-Sub)*1、CVBS(BNC)*2、DVI-D*1、HDMI*1、RS232(RJ45)*1、USB（升级和多媒体）*1\n(17)输出接口：CVBS(BNC)*2、RS232(RJ45)*1","",{"$nulls":10},""]
["22.1","30506180","液晶拼接显示单元 55英寸","台",{"v":4,"d":"4.000"},316.23,{"v":5808,"d":"5808.00"},{"v":5780,"d":"5780.00"},175.12,50.33,34.18,null,574.55,6958.41,""]
["23","030507014002","显示设备\n(1)55寸液晶拼接前维护支架\n(2)尺寸：55英寸\n(3)材质：方钢（黑漆）","台",{"v":4,"d":"4.000"},72.98,1428.23,null,null,145.47,{"v":98.8,"d":"98.80"},null,157.09,1902.57,""]
["23.1","30506183","显示器、监视器设备(显示器支架 悬挂式)","台",{"v":4,"d":"4.000"},72.98,1428.23,null,null,145.47,{"v":98.8,"d":"98.80"},null,157.09,1902.57,""]
["24","03B001","解码器\n(1)4路超高清解码器\n(2)采用1U机箱，支持≥4路HDMI接口输出；  \n(3)支持MPEG2/MPEG4/H.264/H.265/SVAC/MJPEG标准网络视频流解码；\n(4)最大可支持2路32MP@25fps/7路12MP@25fps/10路8MP@25fps/14路6MP@25fps/18路5MP@25fps/28路3MP@25fps/36路1080p@30fps/144路D1@30fps同时解码\n(5)单屏支持1/4/6/8/9/16/25/36固定分割，支持M×N自定义分割，M×N≤36；\n(6)支持将电视墙背景设置成蓝色或黑色，支","台",{"v":1,"d":"1.000"},48.65,8804.02,{"v":8800,"d":"8800.00"},2.65,5.36,3.64,null,797.79,9662.11,""]
["分部分项工程量清单综合单价分析表",{"$nulls":13},""]
["",{"$nulls":13},""]
["工程名称：柘荣汽车站“三旧改造”(新财富广场)项目-智能化工程",{"$nulls":11},"第10页 共29页",null,""]
["序号","项目编码","项目名称及特征描述","单位","工程量","综合单价组成(元)",{"$nulls":7},"综合单价\n(元)",""]
[{"$nulls":5},"人工费","材料费","其中：\n设备费","施工机具使用费","企业管理费","利润","规费","税金",null,""]
["","","持屏号叠加；\n(7)HDMI 输出口支持 1024×768,1280×720,1280×1024,1920×1080,3840×2160五种分辨率设置，奇数口支持 3840×2160 分辨率设置；\n(8)▲支持输出口资源复制借用，使每个输出口同时实现 36 路 1920×1080、30 帧/秒的视频画面分割显示。（提供首页具有CMA或CNAS标识的第三方检测报告复印件并加盖投标人公章做为依据，至少包含报告首页及对应功能测试页）\n(9)支持网络数据抓包、录像和日志文件，并下载到本地电脑 \n(10)▲通过网络抓屏软件，可将远程电脑桌面实时解码上墙显示；可对桌面整屏、单窗口、自定义区域抓屏上墙；单机可同时支持多个抓屏任务；（提供首页具有CMA或CNAS标识的第三方检测报告复印件并加盖投标人公章做为依据，至少包含报告首页及对应功能测试页）\n(11)▲设备控制兼容鸿蒙、麒麟操作系统。（提供首页具有CMA或CNAS标识的第三方检测报告复印件并加盖投标人公章做为依据，至少包含报告首页及对应功能测试页）\n(12)▲支持设置指定电脑允许的接管范围和窗口，除此之外的电脑内容不予以显示。（提供首页具有CMA或CNAS标识的第三方检测报告复印件并加盖投标人公章做为依据，至少包含报告首页及对应功能测试页）\n(13)▲支持在大屏上对事件的视频录像进行回放，支持暂停和播放操作。（提供首页具有CMA或CNAS标识的第三方检测报告复印件并加盖投标人公章做为依据，至少包含报告首页及对应功能测试页）\n(14)▲支持事件消息在大屏 UI 上实时显示； （提供首页具有CMA或CNAS标识的第三方检测报告复印件并加盖投标人公章做为依据","",{"$nulls":10},""]
["分部分项工程量清单综合单价分析表",{"$nulls":13},""]
["",{"$nulls":13},""]
["工程名称：柘荣汽车站“三旧改造”(新财富广场)项目-智能化工程",{"$nulls":11},"第11页 共29页",null,""]
["序号","项目编码","项目名称及特征描述","单位","工程量","综合单价组成(元)",{"$nulls":7},"综合单价\n(元)",""]
[{"$nulls":5},"人工费","材料费","其中：\n设备费","施工机具使用费","企业管理费","利润","规费","税金",null,""]
["","","，至少包含报告首页及对应功能测试页）\n(15)通讯接口支持≥2个232接口，≥3个USB接口，≥1个485接口，≥1个RJ-45 10M/100M/1000M自适应以太网口。","",{"$nulls":10},""]
["24.1","30507127","4路超高清解码器","台",{"v":1,"d":"1.000"},48.65,8804.02,{"v":8800,"d":"8800.00"},2.65,5.36,3.64,null,797.79,9662.11,""]
["25","030501012002","交换机\n(1)24口汇聚交换机\n(2)千兆POE电口≥24个， 1G/2.5G光口≥4个；Console口≥1个；\n(3)交换容量≥672Gbps/6.72Tbps；包转发率≥156Mpps/219Mpps；\n(4)支持IEEE 802.3af/at供电标准，整机最大输出功率≥370W\n(5)支持IGMP v1/v2/v3 Snooping，支持STP、RSTP、MSTP协议，支持端口聚合，支持手工和静态LACP；\n(6)支持防网关ARP欺骗，支持端口保护、隔离、防止ARP泛洪攻击功能，支持DHCP Snooping，支持交换机端口设置为信任端口或非信任端口，非信任端口也可设置白名单响应DHCP报文；\n(7)支持M-LAG技术，跨设备链路聚合（非堆叠技术实现），要求配对的设备有独立的控制平面；\n(8)▲支持通过网管中心平台一键替换“按钮”即可完成故障设备替换（提供首页具有CMA或CNAS标识的第三方检测报告复印件并加盖投标人公章做为依据，至少包含报告首页及对应功能测试页）；\n(9)▲支持通过APP进行远程管理，并且可以修改交换机网络配置（提供首页具有CMA或CNAS标识的第三方检测报告复印件并加盖投标人公章做为依据，至少包含报告首页及对应功能测试页）；\n(10)▲支持终端类型库，基于指纹终端识别库自动识别PC、路由器、摄像头设备、无线A","台",{"v":1,"d":"1.000"},364.88,3719.08,{"v":3700,"d":"3700.00"},10.24,{"v":38.2,"d":"38.20"},25.94,null,374.25,4532.59,""]
["分部分项工程量清单综合单价分析表",{"$nulls":13},""]
["",{"$nulls":13},""]
["工程名称：柘荣汽车站“三旧改造”(新财富广场)项目-智能化工程",{"$nulls":11},"第12页 共29页",null,""]
["序号","项目编码","项目名称及特征描述","单位","工程量","综合单价组成(元)",{"$nulls":7},"综合单价\n(元)",""]
[{"$nulls":5},"人工费","材料费","其中：\n设备费","施工机具使用费","企业管理费","利润","规费","税金",null,""]
["","","P等（提供首页具有CMA或CNAS标识的第三方检测报告复印件并加盖投标人公章做为依据，至少包含报告首页及对应功能测试页）；\n(11)▲交换机支持与外部安全感知平台联动，且联动实现从系统及接入层交换机对风险终端MAC地址进行封堵；交换机支持与外部防火墙联动，且联动实现从系统及接入层交换机对风险终端MAC地址进行封堵（提供首页具有CMA或CNAS标识的第三方检测报告复印件并加盖投标人公章做为依据，至少包含报告首页及对应功能测试页）；\n(12)▲支持在交换机上创建东西向安全策略，实现全网安全风险拦截；并支持各个区域/角色流量互访记录并呈现，支持攻击源定位，检测到攻击源后根据策略将终端拉黑，防止终端持续攻击（提供首页具有CMA或CNAS标识的第三方检测报告复印件并加盖投标人公章做为依据，至少包含报告首页及对应功能测试页）；","",{"$nulls":10},""]
["25.1","30501085","24口汇聚交换机","台",{"v":1,"d":"1.000"},364.88,3719.08,{"v":3700,"d":"3700.00"},10.24,{"v":38.2,"d":"38.20"},25.94,null,374.25,4532.59,""]
["26","080904002001","工作站\n(1)管理电脑\n(2)第12代英特尔酷睿i5 台式电脑整机（ 8G 1T Win10 ）27英寸显示屏","台",{"v":2,"d":"2.000"},243.25,5519.08,{"v":5500,"d":"5500.00"},0.67,25.48,17.31,null,522.52,6328.31,""]
["26.1","30501091T","管理电脑","台",{"v":2,"d":"2.000"},243.25,5519.08,{"v":5500,"d":"5500.00"},0.67,25.48,17.31,null,522.52,6328.31,""]
["27","030501017001","软件\n(1)提供监控点位分类结构树，可以通过分类筛选查找和定位监控点位，支持检索功能；快速调取监控点位实时画面，支持全屏播放；\n(2)提供监控实时预览视图功能，可以自定义设置多路监控在视图中，方便切换和展示查看，支持视图新增、编辑、删除；提供多路画面展示功能；\n(3)提供符合GB28181（支持RTSP）协议的摄","套",{"v":1,"d":"1.000"},303.92,{"v":500,"d":"500.00"},null,2.05,{"v":78.1,"d":"78.10"},53.04,null,84.34,1021.45,""]
["分部分项工程量清单综合单价分析表",{"$nulls":13},""]
["",{"$nulls":13},""]
["工程名称：柘荣汽车站“三旧改造”(新财富广场)项目-智能化工程",{"$nulls":11},"第13页 共29页",null,""]
["序号","项目编码","项目名称及特征描述","单位","工程量","综合单价组成(元)",{"$nulls":7},"综合单价\n(元)",""]
[{"$nulls":5},"人工费","材料费","其中：\n设备费","施工机具使用费","企业管理费","利润","规费","税金",null,""]
["","","像头历史视频回放功能，对摄像头进行分组管理，通过分组或者检索快速定位摄像头，可以查询和回放指 定时间段内的历史视频；","",{"$nulls":10},""]
["27.1","30501122","视频监控管理软件","套",{"v":1,"d":"1.000"},303.92,{"v":500,"d":"500.00"},null,2.05,{"v":78.1,"d":"78.10"},53.04,null,84.34,1021.45,""]
["28","030507013001","录像设备\n(1)64路NVR\n(2)设备应采用嵌入式Linux操作系统；\n(3)支持接入≥9块接口为SATA的硬盘，每个SATA口可接入最大16TB容量的硬盘； \n(4)最大支持64路摄像机接入，总码流≥384Mbps；最大存储码流≥384Mbps；最大转发码流≥384Mbps； \n(5)可自适应接入H.265、H.264、MPEG4、MJPE、SmartH.264、SmartH.265、SVAC编码格式的网络视频并解码支持≥2路分辨率为8192×3840、帧率为25fps或5路分辨率为4000×3000、帧率为25fps或8路分辨率为4096×2160、帧率为25fps或16路分辨率为2560×1440、帧率为30fps或32路分辨率为1920*1080、帧率为30fps的视频；（提供首页具有CMA或CNAS标识的第三方检测报告复印件并加盖投标人公章做为依据，至少包含报告首页及对应功能测试页）；\n(6)支持≥2路H.265编码、25fps、8192×3840分辨率的拼接摄像机视频实时预览功能；（提供首页具有CMA或CNAS标识的第三方检测报告复印件并加盖投标人公章做为依据，至少包含报告首页及对应功能测试页）； \n(7)可同时正放或倒放≥16路H.265或H.264编码1920X1080P分辨率的视频图像；或者≥16路H.265或H.264编码、2560×1440分辨率的视频图像；或≥8路H.265或H.264编码、4096×2160分辨率的视频图像；或≥2路H.265或H.264编码、8192×3840分辨率的视频图像；（提供首页具有CMA或CNAS标识的第三方检测报告复印件并加盖投标人公章做为依据，至","台",{"v":1,"d":"1.000"},364.88,7695.24,{"v":7680,"d":"7680.00"},15.66,38.35,26.05,null,732.62,{"v":8872.8,"d":"8872.80"},""]
["分部分项工程量清单综合单价分析表",{"$nulls":13},""]
["",{"$nulls":13},""]
["工程名称：柘荣汽车站“三旧改造”(新财富广场)项目-智能化工程",{"$nulls":11},"第14页 共29页",null,""]
["序号","项目编码","项目名称及特征描述","单位","工程量","综合单价组成(元)",{"$nulls":7},"综合单价\n(元)",""]
[{"$nulls":5},"人工费","材料费","其中：\n设备费","施工机具使用费","企业管理费","利润","规费","税金",null,""]
["","","少包含报告首页及对应功能测试页）；\n(8)支持码流采用AES256加密技术加密后在网络中传输，支持码流采用TLS通道加密技术加密后在网络中传输，后台配置数据、帐户数据和密钥数据均采用AES256加密技术加密存储；（提供首页具有CMA或CNAS标识的第三方检测报告复印件并加盖投标人公章做为依据，至少包含报告首页及对应功能测试页）；\n(9)支持同时接入≥2路普通的网络摄像机，触发人脸检测报警时，可联动录像、抓拍图片、弹出报警画面、语音提示、上传中心、发送邮件、蜂鸣报警、轮巡、云台联动以及日志记录；（提供首页具有CMA或CNAS标识的第三方检测报告复印件并加盖投标人公章做为依据，至少包含报告首页及对应功能测试页）；\n(10)可检测视频中异常音频，出现干扰信号和声音变化幅度过大时，进行报警提示（提供首页具有CMA或CNAS标识的第三方检测报告复印件并加盖投标人公章做为依据，至少包含报告首页及对应功能测试页）；\n(11)设备应自动记录与设备信息安全相关的日志信息，作为独立的安全日志,内容包括用户登录/登出、重要和敏感操作、安全事件等,并划分独立的记录空间存储安全日志,其它日志信息不能覆盖安全日志；（提供首页具有CMA或CNAS标识的第三方检测报告复印件并加盖投标人公章做为依据，至少包含报告首页及对应功能测试页）；\n(12)支持摄像头属性调节页面直接展示视频效果，调节效果随参数调整实时展现；\n(13)可对指定网卡设置多个路由表信息，可访问多个不同局域网网段的网络环境设备；（提供首页具有CMA或CNAS标识的第三方检测报告复印件并加盖投标人公章做为依据，至少包含报告首页及对应功能测试页）；\n(14)支持硬盘状态监测功能，包括硬盘温度","",{"$nulls":10},""]
["分部分项工程量清单综合单价分析表",{"$nulls":13},""]
["",{"$nulls":13},""]
["工程名称：柘荣汽车站“三旧改造”(新财富广场)项目-智能化工程",{"$nulls":11},"第15页 共29页",null,""]
["序号","项目编码","项目名称及特征描述","单位","工程量","综合单价组成(元)",{"$nulls":7},"综合单价\n(元)",""]
[{"$nulls":5},"人工费","材料费","其中：\n设备费","施工机具使用费","企业管理费","利润","规费","税金",null,""]
["","","、磁盘振动、链路稳定性，并支持状态信息报警提示。支持查看最近≥7天的硬盘状态信息\n(15)视频接口：≥2个VGA接口、≥2个HDMI接口；\n(16)网络接口：≥2个千兆以太网口；\n(17)音频接口：≥1个音频输入≥2个音频输出；\n(18)报警接口：≥16路报警输入，≥8路报警输出","",{"$nulls":10},""]
["28.1","30507138","64路超脑NVR","台",{"v":1,"d":"1.000"},364.88,7695.24,{"v":7680,"d":"7680.00"},15.66,38.35,26.05,null,732.62,{"v":8872.8,"d":"8872.80"},""]
["29","030501004001","存储设备\n(1)存储硬盘\n(2)8T","台",{"v":8,"d":"8.000"},{"v":973,"d":"973.00"},2003.22,{"v":1950,"d":"1950.00"},143.28,113.32,76.97,null,297.88,3607.67,""]
["29.1","30501028","存储硬盘 8T","台",{"v":8,"d":"8.000"},{"v":973,"d":"973.00"},2003.22,{"v":1950,"d":"1950.00"},143.28,113.32,76.97,null,297.88,3607.67,""]
["30","080805003001","工作站、工作台\n(1)操作台\n(2)操作台规格为2400宽*(700+300)深*750高mm\n(3)操作台柜体采用1.0-1.5mm优质冷轧钢板制作，具有良好美观性和舒适度。\n(4)操作台表面进行脱脂、酸洗、防锈磷化后再防静电喷涂处理,颜色为灰白。\n(5)操作台全套采用优质冷轧钢板制造,达到国际IP23级安全保护标准。\n(6)配置:3块固定层板,3把高速排风扇,3个键盘抽屉.3个五位电源插座。\n(7)操作台底部为标准19寸机架式结构,可装电脑主机等设备。每位设备层之间相通,方便走线。\n(8)操作台主体为焊结式结构.\n(9)1.4mm冷轧钢板,表面喷塑\n(10)底部机柜分隔,隔板应能承受录像机等设备的重量;后部面板可拆卸","台",{"v":1,"d":"1.000"},656.29,4075.65,null,35.63,461.98,313.77,null,{"v":498.9,"d":"498.90"},6042.22,""]
["30.1","30609007","操作台","台",{"v":1,"d":"1.000"},656.29,4075.65,null,35.63,461.98,313.77,null,{"v":498.9,"d":"498.90"},6042.22,""]
["分部分项工程量清单综合单价分析表",{"$nulls":13},""]
["",{"$nulls":13},""]
["工程名称：柘荣汽车站“三旧改造”(新财富广场)项目-智能化工程",{"$nulls":11},"第16页 共29页",null,""]
["序号","项目编码","项目名称及特征描述","单位","工程量","综合单价组成(元)",{"$nulls":7},"综合单价\n(元)",""]
[{"$nulls":5},"人工费","材料费","其中：\n设备费","施工机具使用费","企业管理费","利润","规费","税金",null,""]
["31","030505005001","敷设射频同轴电缆","m",{"v":30,"d":"30.000"},1.46,262.63,null,0.02,25.59,17.38,null,27.64,334.72,""]
["31.1","30505120","HDMI线","m",{"v":30,"d":"30.000"},1.46,262.63,null,0.02,25.59,17.38,null,27.64,334.72,""]
["32","080608003001","UPS不间断电源设备\n(1)功率10KVA（单进单出）后备30分钟\n(2)输入电压范围：165-275V\n(3)频率范围：45-66HZ\n(4)满载功率因数： ≥0.98\n(5)输出电压：220±2%\n(6)电池模式输出频率： 50±0.2%\n(7)过载能力：105%～125%维持10分钟后旁路；126%～150%维持1 分钟后旁路；＞150%以上维持1秒后旁路\n(8)报警功能：电池低压，市电异常，过载，UPS故障、过温保护\n(9)保护功能：输入过压保护、电池欠压保护、过载保护、短路保护、过温保护\n(10)为了便于维护,主机与电池同一厂家","台",{"v":1,"d":"1.000"},348.82,5554.96,{"v":5500,"d":"5500.00"},20.07,41.07,{"v":27.9,"d":"27.90"},null,539.35,6532.17,""]
["32.1","30405049","UPS电源 10KVA/0.5H","台",{"v":1,"d":"1.000"},348.82,5554.96,{"v":5500,"d":"5500.00"},20.07,41.07,{"v":27.9,"d":"27.90"},null,539.35,6532.17,""]
["室外工程",{"$nulls":13},"单位工程(17安装)"]
["视频监控系统",{"$nulls":13},"分项工程(17安装)"]
["33","030507008004","监控摄像设备\n(1)400万网络枪式摄像机\n(2)采用≥400万1/3英寸CMOS图像传感器\n(3)设备内置≥4颗混合补光灯,可同时开启≥4颗红外补光灯或≥4颗白光补光灯\n(4)补光灯表面为磨砂面,灯珠朝向与样机照射方向一致\n(5)补光灯开启后,正面不可见补光灯灯珠\n(6)支持对人、机动车、全部(人或机动车)进行检测,当小狗、树叶等非人或车辆目标经过检测区域时,不会触发报警\n(7)设备可同时采用DC12V电源与POE供电,当一路电源停止供电后,设备可正常工作\n(8)内置≥1个麦克风","台",{"v":12,"d":"12.000"},121.63,818.95,{"v":815,"d":"815.00"},1.28,8.61,8.13,null,86.27,1044.87,""]
["分部分项工程量清单综合单价分析表",{"$nulls":13},""]
["",{"$nulls":13},""]
["工程名称：柘荣汽车站“三旧改造”(新财富广场)项目-智能化工程",{"$nulls":11},"第17页 共29页",null,""]
["序号","项目编码","项目名称及特征描述","单位","工程量","综合单价组成(元)",{"$nulls":7},"综合单价\n(元)",""]
[{"$nulls":5},"人工费","材料费","其中：\n设备费","施工机具使用费","企业管理费","利润","规费","税金",null,""]
["","","(9)支持DC12V/PoE供电方式\n(10)支持≥IP67防护等级","",{"$nulls":10},""]
["33.1","30507086","监控摄像设备 400万网络枪式摄像机","台",{"v":12,"d":"12.000"},121.63,818.95,{"v":815,"d":"815.00"},1.28,8.61,8.13,null,86.27,1044.87,""]
["34","030507008005","监控摄像设备\n(1)智能高清球型摄像机\n(2)传感器类型≥1/2.8英寸CMOS；\n(3)像素：≥400万；最大分辨率：2560×1440；\n(4)最低照度：彩色：0.005lux@F1.6；黑白：0.0005lux@F1.6；0lux(红外灯开启)；\n(5)最大补光距离：≥150m（红外）；≥30m（白光）；补光类型：红外+白光；\n(6)支持雨刷功能；\n(7)镜头焦距：4.8mm～154mm；光学变倍：32倍；\n(8)周界防范：支持绊线入侵；支持区域入侵；支持穿越围栏；支持徘徊检测；支持物品遗留；支持物品搬移；支持快速移动；支持停车检测；支持人员聚集；支持人车分类报警；支持联动跟踪；\n(9)人脸检测：支持人脸检测；支持人脸轨迹框；支持优选；支持抓拍；支持上报最优的人脸抓图；支持人脸增强；支持人脸属性提取，支持6种属性8种表情，支持实时抓拍，优选抓拍，质量优先三种抓拍策略；\n(10)声警戒：≥16条语音报警内容，支持自定义语音内容导入；声音：高/中/低；持续时间可设置：5-30秒；\n(11)防抖功能：陀螺仪防抖；\n(12)音频输入：≥1路；音频输出：≥1路；\n(13)报警输入：≥2路，开关量输入（0～5V DC）；报警输出：≥1路；\n(14)防护等级：≥IP66；TVS 6000V防雷、防浪涌和防突波保护；","台",{"v":1,"d":"1.000"},121.63,5503.95,{"v":5500,"d":"5500.00"},1.28,8.61,8.13,null,507.92,6151.52,""]
["34.1","30507086","监控摄像设备 智能高清球型摄像机","台",{"v":1,"d":"1.000"},121.63,5503.95,{"v":5500,"d":"5500.00"},1.28,8.61,8.13,null,507.92,6151.52,""]
["分部分项工程量清单综合单价分析表",{"$nulls":13},""]
["",{"$nulls":13},""]
["工程名称：柘荣汽车站“三旧改造”(新财富广场)项目-智能化工程",{"$nulls":11},"第18页 共29页",null,""]
["序号","项目编码","项目名称及特征描述","单位","工程量","综合单价组成(元)",{"$nulls":7},"综合单价\n(元)",""]
[{"$nulls":5},"人工费","材料费","其中：\n设备费","施工机具使用费","企业管理费","利润","规费","税金",null,""]
["35","030507008006","监控摄像设备\n(1)摄像机支架 4m\n(2)金属壁装支架\n(3)压铸纯铝合金材质，表面做喷塑处理\n(4)支架带出线孔，安装更加美观\n(5)摄像机安装座表面有海绵垫，保证和摄像机底座结合更紧密\n(6)摄像机安装座可旋转，方便摄像机角度调整","台",{"v":3,"d":"3.000"},58.38,906.23,null,null,{"v":65.5,"d":"65.50"},61.81,null,98.27,1190.19,""]
["35.1","30507105","摄像机支架","套",{"v":3,"d":"3.000"},58.38,906.23,null,null,{"v":65.5,"d":"65.50"},61.81,null,98.27,1190.19,""]
["36","030502003005","分线接线箱(盒)\n(1)300*500*150\n(2)室外安防箱\n(3)室外落地安装","个",{"v":3,"d":"3.000"},63.25,590.95,null,null,44.42,41.92,null,66.65,807.19,""]
["36.1","30502006","室外安防箱 300*500*150","个",{"v":3,"d":"3.000"},63.25,590.95,null,null,44.42,41.92,null,66.65,807.19,""]
["37","030501012003","交换机\n(1)8口POE交换机\n(2)千兆POE电口≥8个， 千兆 SFP光口≥2个，Console口≥1个\n(3)交换性能≥256Gbps，包转发率≥27Mpps\n(4)支持IEEE 802.3af/at供电标准，单端口最大输出功率≥30W，整机最大输出功率≥140W\n(5)支持MAC地址≥8K，支持4K个VLAN，ARP表≥2046\n(6)支持交换机端口设置为信任端口或非信任端口，非信任端口也可设置白名单响应DHCP报文\n(7)支持防网关ARP欺骗，支持端口保护、隔离，支持防止ARP攻击功能，支持HTTPS\n(8)支持SNMPv1/v2c/v3，支持WEB网管特性\n(9)支持IEEE 802.3az 标准的 EEE节能技术：当EEE使能时，从而大幅度的减小端口在该阶段的功耗，达到了节能的目的。","台",{"v":3,"d":"3.000"},364.88,1769.08,{"v":1750,"d":"1750.00"},10.24,26.77,25.26,null,197.66,2393.89,""]
["37.1","30501085","交换机 8口POE交换机","台",{"v":3,"d":"3.000"},364.88,1769.08,{"v":1750,"d":"1750.00"},10.24,26.77,25.26,null,197.66,2393.89,""]
["分部分项工程量清单综合单价分析表",{"$nulls":13},""]
["",{"$nulls":13},""]
["工程名称：柘荣汽车站“三旧改造”(新财富广场)项目-智能化工程",{"$nulls":11},"第19页 共29页",null,""]
["序号","项目编码","项目名称及特征描述","单位","工程量","综合单价组成(元)",{"$nulls":7},"综合单价\n(元)",""]
[{"$nulls":5},"人工费","材料费","其中：\n设备费","施工机具使用费","企业管理费","利润","规费","税金",null,""]
["38","030502005003","双绞线缆\n(1)UTP6\n(2)双绞线缆\n(3)管内穿线\n(4)≤4","m",{"v":289.15,"d":"289.150"},1.74,4.15,null,0.03,{"v":0.4,"d":"0.40"},0.38,null,{"v":0.6,"d":"0.60"},{"v":7.3,"d":"7.30"},""]
["38.1","30502021T","双绞线缆 UTP6 高于超五类非屏蔽","m",{"v":289.15,"d":"289.150"},1.74,4.15,null,0.03,{"v":0.4,"d":"0.40"},0.38,null,{"v":0.6,"d":"0.60"},{"v":7.3,"d":"7.30"},""]
["39","030502009002","跳线\n(1)光纤跳线LC-LC\n(2)标准：YD/T1272，ISO/IEC 11801，ANSI/TIA-568-C.3\n(3)依据标准出厂前100%光学测试，性能优于国内和国际标准\n(4)高质量陶瓷插芯，插入损耗低，耐久性好\n(5)重复性，互换性，光学特性稳定\n(6)光纤类型：B1.3\n(7)光纤芯数：双芯\n(8)光纤插头：SC-LC\n(9)长度：3m\n(10)单芯光缆护套外径：2.8mm\n(11)护套颜色：黄色（B1.3）\n(12)插入损耗（含重复性）：≤0.2dB\n(13)互换性：≤0.2dB\n(14)回波损耗：≥50dB（单模）,≥35dB（多模）\n(15)重复性≥1000次\n(16)工作温度：-20℃~+60℃","条",{"v":3,"d":"3.000"},12.16,40.37,null,null,3.57,3.37,null,5.35,64.82,""]
["39.1","30502038","光纤跳线LC-LC","条",{"v":3,"d":"3.000"},12.16,40.37,null,null,3.57,3.37,null,5.35,64.82,""]
["UPS配电系统",{"$nulls":13},"分项工程(17安装)"]
["40","030502003006","分线接线箱(盒)\n(1)UPS楼层配电箱\n(2)机柜内安装","个",{"v":3,"d":"3.000"},43.79,65.51,null,null,7.42,{"v":7,"d":"7.00"},null,11.13,134.85,""]
["40.1","30502005","UPS楼层配电箱","个",{"v":3,"d":"3.000"},43.79,65.51,null,null,7.42,{"v":7,"d":"7.00"},null,11.13,134.85,""]
["41","030411004004","配线\n(1)铜芯","m",{"v":45.79,"d":"45.790"},1.21,6.88,null,null,0.55,0.52,null,0.82,9.98,""]
["分部分项工程量清单综合单价分析表",{"$nulls":13},""]
["",{"$nulls":13},""]
["工程名称：柘荣汽车站“三旧改造”(新财富广场)项目-智能化工程",{"$nulls":11},"第20页 共29页",null,""]
["序号","项目编码","项目名称及特征描述","单位","工程量","综合单价组成(元)",{"$nulls":7},"综合单价\n(元)",""]
[{"$nulls":5},"人工费","材料费","其中：\n设备费","施工机具使用费","企业管理费","利润","规费","税金",null,""]
["","","(2)3*2.5mm2\n(3)多芯软导线\n(4)RYY\n(5)暗配\n(6)管内","",{"$nulls":10},""]
["41.1","30413046","穿多芯软导线 RYY-3*2.5mm2","m",{"v":45.79,"d":"45.790"},1.21,6.88,null,null,0.55,0.52,null,0.82,9.98,""]
["综合布线系统",{"$nulls":13},"分项工程(17安装)"]
["42","030502007002","光缆\n(1)4芯\n(2)光纤\n(3)管内穿线","m",{"v":1293.2,"d":"1293.200"},1.46,2.98,null,0.03,0.43,0.29,null,0.47,5.66,""]
["42.1","30502024T","单模光纤 4芯","m",{"v":1293.2,"d":"1293.200"},1.46,2.98,null,0.03,0.43,0.29,null,0.47,5.66,""]
["43","030502009003","跳线\n(1)光纤跳线LC-LC\n(2)标准：YD/T1272，ISO/IEC 11801，ANSI/TIA-568-C.3\n(3)依据标准出厂前100%光学测试，性能优于国内和国际标准\n(4)高质量陶瓷插芯，插入损耗低，耐久性好\n(5)重复性，互换性，光学特性稳定\n(6)光纤类型：B1.3\n(7)光纤芯数：双芯\n(8)光纤插头：SC-LC\n(9)长度：3m\n(10)单芯光缆护套外径：2.8mm\n(11)护套颜色：黄色（B1.3）\n(12)插入损耗（含重复性）：≤0.2dB\n(13)互换性：≤0.2dB\n(14)回波损耗：≥50dB（单模）,≥35dB（多模）\n(15)重复性≥1000次\n(16)工作温度：-20℃~+60℃","条",{"v":40,"d":"40.000"},12.16,40.37,null,null,5.09,3.46,null,{"v":5.5,"d":"5.50"},66.58,""]
["43.1","30502038","光纤跳线LC-LC","条",{"v":40,"d":"40.000"},12.16,40.37,null,null,5.09,3.46,null,{"v":5.5,"d":"5.50"},66.58,""]
["44","030502014002","光纤连接","芯",{"v":12,"d":"12.000"},36.49,60.08,null,12.31,10.55,7.17,null,11.39,137.99,""]
["分部分项工程量清单综合单价分析表",{"$nulls":13},""]
["",{"$nulls":13},""]
["工程名称：柘荣汽车站“三旧改造”(新财富广场)项目-智能化工程",{"$nulls":11},"第21页 共29页",null,""]
["序号","项目编码","项目名称及特征描述","单位","工程量","综合单价组成(元)",{"$nulls":7},"综合单价\n(元)",""]
[{"$nulls":5},"人工费","材料费","其中：\n设备费","施工机具使用费","企业管理费","利润","规费","税金",null,""]
["","","(1)熔接\n(2)单模","",{"$nulls":10},""]
["44.1","30502064T","光纤连接(熔接法 单模)","芯",{"v":12,"d":"12.000"},36.49,60.08,null,12.31,10.55,7.17,null,11.39,137.99,""]
["停车场管理系统",{"$nulls":13},"分项工程(17安装)"]
["45","030411004006","配线\n(1)铜芯\n(2)3*1mm2\n(3)多芯软导线\n(4)RYY\n(5)暗配\n(6)管内穿线","m",{"v":65.33,"d":"65.330"},0.99,4.36,null,null,0.36,0.34,null,0.54,6.59,""]
["45.1","30413044","穿多芯软导线 RYY-3*1mm2","m",{"v":65.33,"d":"65.330"},0.99,4.36,null,null,0.36,0.34,null,0.54,6.59,""]
["46","030411004005","配线\n(1)铜芯\n(2)3*4mm2\n(3)多芯软导线\n(4)RYY\n(5)暗配\n(6)管内穿线","m",{"v":159.65,"d":"159.650"},1.21,8.05,null,null,0.63,0.59,null,0.94,11.42,""]
["46.1","30413047","穿多芯软导线 RYY-3*4mm2","m",{"v":159.65,"d":"159.650"},1.21,8.05,null,null,0.63,0.59,null,0.94,11.42,""]
["47","030411004007","配线\n(1)铜芯\n(2)3*2.5mm2\n(3)电线\n(4)BYJ\n(5)暗配\n(6)管内穿线","m",{"v":206.46,"d":"206.460"},0.77,2.08,null,null,0.19,0.18,null,0.29,3.51,""]
["47.1","30413024","电线 BYJ-3*2.5mm2","单线",{"v":206.46,"d":"206.460"},0.77,2.08,null,null,0.19,0.18,null,0.29,3.51,""]
["48","030502005004","双绞线缆\n(1)UTP6\n(2)双绞线缆\n(3)管内穿线\n(4)≤4","m",{"v":134.15,"d":"134.150"},1.74,4.15,null,0.03,{"v":0.4,"d":"0.40"},0.38,null,{"v":0.6,"d":"0.60"},{"v":7.3,"d":"7.30"},""]
["分部分项工程量清单综合单价分析表",{"$nulls":13},""]
["",{"$nulls":13},""]
["工程名称：柘荣汽车站“三旧改造”(新财富广场)项目-智能化工程",{"$nulls":11},"第22页 共29页",null,""]
["序号","项目编码","项目名称及特征描述","单位","工程量","综合单价组成(元)",{"$nulls":7},"综合单价\n(元)",""]
[{"$nulls":5},"人工费","材料费","其中：\n设备费","施工机具使用费","企业管理费","利润","规费","税金",null,""]
["48.1","30502021T","双绞线缆 UTP6 高于超五类非屏蔽","m",{"v":134.15,"d":"134.150"},1.74,4.15,null,0.03,{"v":0.4,"d":"0.40"},0.38,null,{"v":0.6,"d":"0.60"},{"v":7.3,"d":"7.30"},""]
["49","030502007003","光缆\n(1)6芯\n(2)光纤\n(3)管内穿线","m",{"v":159.65,"d":"159.650"},1.46,3.64,null,0.03,0.35,0.33,null,0.52,6.33,""]
["49.1","30502024","单模光纤 6芯","m",{"v":159.65,"d":"159.650"},1.46,3.64,null,0.03,0.35,0.33,null,0.52,6.33,""]
["50","030408001001","电力电缆\n(1)YJV\n(2)3*4mm2\n(3)铜芯\n(4)电力电缆\n(5)室外管内穿线","m",46.935,2.85,17.69,null,0.97,1.46,1.38,null,2.19,26.54,""]
["50.1","30409135","电力电缆 YJV-3*4mm2","m",46.935,2.85,17.69,null,0.97,1.46,1.38,null,2.19,26.54,""]
["","","分部小计","",772.175,{"$nulls":9},""]
["51","030507016002","停车场管理设备\n(1)标准道闸\n(2)▲道闸需能执行“开、光、停”控制，从遥控机发出执行输出控制信号的响应时间＜2秒，遥控距离≥30M（提供国家认监委认可的检验检测机构出具的测试报告佐证或政府相关部门颁发的佐证材料）；\n(3)▲道闸升降时间2-6S，具备变频调速功能，可实现起落杆加减速调整，如高速起杆、慢速落杆，且起落杆速度不少于三挡可调；栏杆臂起落角度范围在0°-90°、偏差在±3°；且运行噪音＜60dB（提供国家认监委认可的检验检测机构出具的测试报告佐证或政府相关部门颁发的佐证材料）；\n(4)杆体表面要求有反光性能，杆体可选直杆、长椭圆杆、折臂杆、栅栏杆；\n(5)物理防砸：闸杆配带有橡胶胶条或外层包裹泡沫珍珠棉，可以减轻因为意外而造成的损失。 \n(6)3D车检防砸功能，闸杆在下落过程中若接","台",{"v":3,"d":"3.000"},364.88,7851.89,{"v":7800,"d":"7800.00"},39.56,30.98,29.24,null,748.49,9065.04,""]
["分部分项工程量清单综合单价分析表",{"$nulls":13},""]
["",{"$nulls":13},""]
["工程名称：柘荣汽车站“三旧改造”(新财富广场)项目-智能化工程",{"$nulls":11},"第23页 共29页",null,""]
["序号","项目编码","项目名称及特征描述","单位","工程量","综合单价组成(元)",{"$nulls":7},"综合单价\n(元)",""]
[{"$nulls":5},"人工费","材料费","其中：\n设备费","施工机具使用费","企业管理费","利润","规费","税金",null,""]
["","","收到3D车检输入触发信号则立即抬杠，触发期间不会落杆，待红外线输入恢复后自动落杆；\n(7)自检功能：运行中自动刷新检测电路出现的异常并报警；\n(8)防冻功能：机构需采用航空专用防冻润滑脂,在北方寒冷地区机构不会冻结，道闸能正常运行；\n(9)闸杆防撞功能：汽车以15公里/小时的速度撞击闸杆后，闸杆被撞出，道闸主轴等其他结构件不会变形、损坏，闸杆重新安装后，道闸能正常运行。（铝合金圆杆，碳纤维圆杆选配功能）\n(10)▲道闸具有上电自锁，停电时能解脱自锁，实现手动控制；具有断电自动抬杠功能（选配）、过流保护功能、防砸功能、遇阻反弹功能（提供国家认监委认可的检验检测机构出具的测试报告佐证或政府相关部门颁发的佐证材料）；\n(11)▲设备通过GB/T 2423.1、GB/T 2423.2、GB/T 4208检验要求；通过温度循环试验（-30℃~70℃，16小时），结构正常、工作正常；设备内无进水，防水等级≥IPX4；且通过防电击测试，配置有接地端子或连接件（提供国家认监委认可的检验检测机构出具的测试报告佐证或政府相关部门颁发的佐证材料）。\n(12)工作温度：-30℃至70 ℃\n(13)安装方式：立式\n(14)运行噪音：≤60Db\n(15)挡杆起杆时间：2-6S可选；\n(16)档杆落杆时间：2-6S可选；\n(17)闸杆支持：直杆、长椭圆杆、折臂杆、栅栏杆（选择）；\n(18)闸杆方向：左/右\n(19)过载保护，过载自动起杆\n(20)使用次数：≥800万次(循环次数）","",{"$nulls":10},""]
["分部分项工程量清单综合单价分析表",{"$nulls":13},""]
["",{"$nulls":13},""]
["工程名称：柘荣汽车站“三旧改造”(新财富广场)项目-智能化工程",{"$nulls":11},"第24页 共29页",null,""]
["序号","项目编码","项目名称及特征描述","单位","工程量","综合单价组成(元)",{"$nulls":7},"综合单价\n(元)",""]
[{"$nulls":5},"人工费","材料费","其中：\n设备费","施工机具使用费","企业管理费","利润","规费","税金",null,""]
["","","(21)遥控距离: ≥30米\n(22)防护等级：≥IPX4\n(23)外观材质：钣金烤漆+银色水漆","",{"$nulls":10},""]
["51.1","30507155","标准道闸","台",{"v":3,"d":"3.000"},364.88,7851.89,{"v":7800,"d":"7800.00"},39.56,30.98,29.24,null,748.49,9065.04,""]
["52","030507016001","停车场管理设备\n(1)车辆检测器\n(2)工作电压： AC220V±15% /50HZ \n(3)功率： <5W\n(4)反应时间： 10ms \n(5)继电器输出： 240V/5 A  AC\n(6)频率范围： 4级可调：低频/中低频/中高频/高频 \n(7)灵敏度： 4级可调：高/中高/中低/低\n(8)连接类型： 11针插脚，DIN导轨  \n(9)探测环电感量： 50-1000 uH，（推荐100～300 uH） \n(10)探测环引线： ≤10米，总电阻小于10Ω，每米至少双绞20次\n(11)工作温度： -30~+70℃ \n(12)相对湿度 ：<95% 无冷凝\n(13)防护等级： IP50","台",{"v":7,"d":"7.000"},{"v":486.5,"d":"486.50"},504.02,{"v":500,"d":"500.00"},16.95,34.46,32.52,null,{"v":96.7,"d":"96.70"},1171.15,""]
["52.1","30507165","车辆检测器","台",{"v":7,"d":"7.000"},{"v":486.5,"d":"486.50"},504.02,{"v":500,"d":"500.00"},16.95,34.46,32.52,null,{"v":96.7,"d":"96.70"},1171.15,""]
["53","030507016003","停车场管理设备\n(1)同进同出控制器","台",{"v":1,"d":"1.000"},{"v":389.2,"d":"389.20"},2400.74,{"v":2400,"d":"2400.00"},11.28,27.24,25.71,null,256.88,3111.05,""]
["53.1","30507150","同进同出控制器","台",{"v":1,"d":"1.000"},{"v":389.2,"d":"389.20"},2400.74,{"v":2400,"d":"2400.00"},11.28,27.24,25.71,null,256.88,3111.05,""]
["54","030507016004","停车场管理设备\n(1)地感线圈\n(2)绝缘体 FEP 导体 镀锡铜线\n(3)额定温度 -55℃～200℃ 性能 耐磨、防腐蚀\n(4)长度 50m","套",{"v":7,"d":"7.000"},243.25,{"v":261.1,"d":"261.10"},{"v":200,"d":"200.00"},38.26,23.26,21.95,null,{"v":52.9,"d":"52.90"},640.72,""]
["54.1","30507163","地感线圈","套",{"v":7,"d":"7.000"},243.25,{"v":261.1,"d":"261.10"},{"v":200,"d":"200.00"},38.26,23.26,21.95,null,{"v":52.9,"d":"52.90"},640.72,""]
["55","030507016005","停车场管理设备\n(1)卡口专用高速摄像机（主机）","台",{"v":4,"d":"4.000"},437.85,9564.02,{"v":9560,"d":"9560.00"},10.92,30.74,29.01,null,906.53,10979.07,""]
["分部分项工程量清单综合单价分析表",{"$nulls":13},""]
["",{"$nulls":13},""]
["工程名称：柘荣汽车站“三旧改造”(新财富广场)项目-智能化工程",{"$nulls":11},"第25页 共29页",null,""]
["序号","项目编码","项目名称及特征描述","单位","工程量","综合单价组成(元)",{"$nulls":7},"综合单价\n(元)",""]
[{"$nulls":5},"人工费","材料费","其中：\n设备费","施工机具使用费","企业管理费","利润","规费","税金",null,""]
["","","(2)车牌识别摄像机需具有良好的防护性及稳定性，车牌识别摄像机需采用内置摄像机、补光灯及控制模块的工业级一体式设计；\n(3)▲车牌识别摄像机镜头抓拍图片分辨率≥2560*1944，且符合GA/T 833-2016检验要求；且支持机动车，非机动车抓拍，支持真车检测、车牌防伪功能；支持OSD叠加功能，叠加内容至少包括时间、日期、自定义文本内容（提供国家认监委认可的检验检测机构出具的测试报告佐证或政府相关部门颁发的佐证材料）；\n(4)▲车牌识别摄像机需支持对蓝、黄、白、黑、绿色车牌颜色识别；平均识别时间≤80ms；车辆号牌识别准确率≥99.99%（提供国家认监委认可的检验检测机构出具的测试报告佐证或政府相关部门颁发的佐证材料）；\n(5)触发抓拍：有3种模式，分别为视频触发和车检触发及混合触发。\n(6)▲车牌识别摄像机屏幕需配置≥80*40全彩LED点阵屏；车辆入场或者出场，屏幕可显示二维码、时间等；支持语音播报功能（提供国家认监委认可的检验检测机构出具的测试报告佐证或政府相关部门颁发的佐证材料）；\n(7)▲车牌识别摄像机需支持电动调焦功能，配置有灯带，且补光灯支持手动1-100级调节功能；且镜头前配置有加热部件，具有除雾功能（提供国家认监委认可的检验检测机构出具的测试报告佐证或政府相关部门颁发的佐证材料）；\n(8)车牌识别摄像机需具有在恶劣天气下获得较佳拍摄图像的采集技术；\n(9)车牌识别摄像机需具有车辆图像各层次信息识别控制技术；\n(10)车牌识别摄像机需采用基于视频流的车牌识别方法识别车牌技术；\n(11)支持通讯及硬件故障判断，并报警提示","",{"$nulls":10},""]
["分部分项工程量清单综合单价分析表",{"$nulls":13},""]
["",{"$nulls":13},""]
["工程名称：柘荣汽车站“三旧改造”(新财富广场)项目-智能化工程",{"$nulls":11},"第26页 共29页",null,""]
["序号","项目编码","项目名称及特征描述","单位","工程量","综合单价组成(元)",{"$nulls":7},"综合单价\n(元)",""]
[{"$nulls":5},"人工费","材料费","其中：\n设备费","施工机具使用费","企业管理费","利润","规费","税金",null,""]
["","","；\n(12)黑白名单：支持黑白名单导入、删除、添加和修改；","",{"$nulls":10},""]
["55.1","30507164","卡口专用高速摄像机（主机）","台",{"v":4,"d":"4.000"},437.85,9564.02,{"v":9560,"d":"9560.00"},10.92,30.74,29.01,null,906.53,10979.07,""]
["56","030507016006","停车场管理设备\n(1)安全岛\n(2)混凝土制作，600*1500*150，现场定制","套",{"v":3,"d":"3.000"},164.19,72.94,null,{"v":44.5,"d":"44.50"},19.12,18.05,null,28.69,347.49,""]
["56.1","30507169","停车场管理设备(安全岛)","m3",0.405,1216.25,540.27,null,329.65,141.65,133.67,null,212.53,2574.02,""]
["57","030501017002","软件\n(1)后台管理软件\n(2)模块化设计 平台需采用模块化设计，可根据应用场景进行灵活配置，能够接入桌面软件系统、微信公众号、APP软件等软件模块。\n(3)平台设计原则 需通过兼容性测试、易用性测试、可移植性测试，便于车场使用方使用。\n(4)首页数据分析 平台首页需能展示当前车场核心数据，至少包括以下内容：\n(5)1)车场总览信息；\n(6)2)昨日收入金额、昨日出场流量、本月累计收入金额、昨日异常车辆等； \n(7)3)进车、出车、收入的近7天、近30天、近1年的数据线状图等； \n(8)4)近7天峰值点的最高收入、最高出车、最高入车数据等； \n(9)5)24小时技术支持热线电话；\n(10)用户权限管理 1)需支持对平台操作用户进行角色、组织、访问车场权限等进行配置；\n(11)2)需支持用户基本信息的编辑，包括用户姓名、手机号码、工作邮箱、备注信息等；\n(12)系统管理功能 1)需支持对车场基础信息进行配置，包括车场ID、名称、总车位数、","套",{"v":1,"d":"1.000"},303.92,{"v":500,"d":"500.00"},null,2.05,54.73,51.64,null,82.11,994.45,""]
["分部分项工程量清单综合单价分析表",{"$nulls":13},""]
["",{"$nulls":13},""]
["工程名称：柘荣汽车站“三旧改造”(新财富广场)项目-智能化工程",{"$nulls":11},"第27页 共29页",null,""]
["序号","项目编码","项目名称及特征描述","单位","工程量","综合单价组成(元)",{"$nulls":7},"综合单价\n(元)",""]
[{"$nulls":5},"人工费","材料费","其中：\n设备费","施工机具使用费","企业管理费","利润","规费","税金",null,""]
["","","剩余车位数等信息进行编辑；\n(13)2)需支持将一个车场划分为多个区域，分别进行配置；\n(14)3)需支持对车场通道进行新增、查询、编辑，包括车道名称、车道类型、通行控制、车道关联设备、车道进出前后区域等；\n(15)4)需支持对车场出入口所有硬件设备进行配置，包括设备名称、设备类型、设备IP地址、设备关联通道等；\n(16)5)需支持对车场出入口所有软硬件功能进行配置，包括基本参数配置、后台功能配置、岗亭配置、缴费机配置、液晶屏幕配置等等；\n(17)6)需支持车场告警信息提示功能，告警信息包括：车场名称、车场ID、告警时间、告警通道名称、设备IP地址、设备名称、故障类型、设备状态等；\n(18)7)需支持设备状态查询功能，可查询各个设备的运行状态、运行软件版本、检测时间等；\n(19)8)需支持日志查询功能，可查询车场各个用户操作日志、进出车辆日志等；","",{"$nulls":10},""]
["57.1","30501122","后台管理软件","套",{"v":1,"d":"1.000"},303.92,{"v":500,"d":"500.00"},null,2.05,54.73,51.64,null,82.11,994.45,""]
["","","分部小计","",{"v":26,"d":"26.000"},{"$nulls":9},""]
["综合管网",{"$nulls":13},"分项工程(17安装)"]
["58","030411001002","配管\n(1)焊接钢管\n(2)DN25\n(3)电气配管\n(4)埋地敷设","m",{"v":41.18,"d":"41.180"},6.13,11.73,null,0.26,1.23,1.16,null,1.85,22.36,""]
["58.1","30412067","埋地敷设(公称直径≤25mm)","m",{"v":41.18,"d":"41.180"},6.13,11.73,null,0.26,1.23,1.16,null,1.85,22.36,""]
["59","030411001003","配管\n(1)焊接钢管\n(2)DN32","m",{"v":115.82,"d":"115.820"},7.03,14.26,null,0.26,1.46,1.38,null,{"v":2.2,"d":"2.20"},26.59,""]
["分部分项工程量清单综合单价分析表",{"$nulls":13},""]
["",{"$nulls":13},""]
["工程名称：柘荣汽车站“三旧改造”(新财富广场)项目-智能化工程",{"$nulls":11},"第28页 共29页",null,""]
["序号","项目编码","项目名称及特征描述","单位","工程量","综合单价组成(元)",{"$nulls":7},"综合单价\n(元)",""]
[{"$nulls":5},"人工费","材料费","其中：\n设备费","施工机具使用费","企业管理费","利润","规费","税金",null,""]
["","","(3)电气配管\n(4)埋地敷设","",{"$nulls":10},""]
["59.1","30412068","埋地敷设(公称直径≤32mm)","m",{"v":115.82,"d":"115.820"},7.03,14.26,null,0.26,1.46,1.38,null,{"v":2.2,"d":"2.20"},26.59,""]
["60","030411001004","配管\n(1)焊接钢管\n(2)DN50\n(3)电气配管\n(4)埋地敷设","m",{"v":105.82,"d":"105.820"},11.54,20.67,null,0.35,2.21,2.09,null,3.32,40.18,""]
["60.1","30412070","埋地敷设(公称直径≤50mm)","m",{"v":105.82,"d":"105.820"},11.54,20.67,null,0.35,2.21,2.09,null,3.32,40.18,""]
["61","010101003001","挖沟槽土方\n(1)三类土\n(2)2m以内","m3",67.348,3.08,null,null,2.78,{"v":0.4,"d":"0.40"},0.37,null,{"v":0.6,"d":"0.60"},7.23,""]
["61.1","10101018T","人工挖沟槽土方(三类土 槽深2m以内) 人工辅助机械开挖不超过总挖方量5%","m3",3.367,53.74,{"$nulls":3},3.65,3.44,null,5.47,{"v":66.3,"d":"66.30"},""]
["61.2","10101061","小型挖掘机挖槽坑土方(不装车 三类土)","m3",63.981,0.41,null,null,2.93,0.23,0.21,null,0.34,4.12,""]
["62","010103001001","回填方\n(1)符合设计以及施工要求\n(2)三类土\n(3)符合设计以及施工要求\n(4)原土回填","m3",{"v":65.08,"d":"65.080"},6.07,null,null,2.59,0.59,0.56,null,0.88,10.69,""]
["62.1","10101103","回填工程(填土机械夯实 槽坑)","m3",{"v":65.08,"d":"65.080"},6.07,null,null,2.59,0.59,0.56,null,0.88,10.69,""]
["63","010103002001","余方弃置","m3",2.268,0.54,null,null,14.39,1.02,0.95,null,1.52,18.42,""]
["63.1","10101074","机械装土方(挖掘机装土方)","m3",2.268,0.36,null,null,2.52,{"v":0.2,"d":"0.20"},0.18,null,0.29,3.55,""]
["63.2","10101086T","自卸汽车运土(载重10t以外 运距5km以内)","m3",2.268,0.18,null,null,11.87,0.82,0.77,null,1.23,14.87,""]
["","","分部小计","",397.516,{"$nulls":9},""]
["","","小号手孔井","",{"$nulls":10},""]
["64","040504001001","砌筑井\n(1)1.18*1.16*0.7m\n(2)C20\n(3)M5\n(4)C20混凝土75mm厚","座",{"v":3,"d":"3.000"},293.14,730.49,null,3.39,69.73,{"v":65.8,"d":"65.80"},null,104.63,1267.19,""]
["分部分项工程量清单综合单价分析表",{"$nulls":13},""]
["",{"$nulls":13},""]
["工程名称：柘荣汽车站“三旧改造”(新财富广场)项目-智能化工程",{"$nulls":11},"第29页 共29页",null,""]
["序号","项目编码","项目名称及特征描述","单位","工程量","综合单价组成(元)",{"$nulls":7},"综合单价\n(元)",""]
[{"$nulls":5},"人工费","材料费","其中：\n设备费","施工机具使用费","企业管理费","利润","规费","税金",null,""]
["","","(5)100mm厚C15混凝土垫层\n(6)M5砂浆砖砌体\n(7)内外墙壁1:2.5水泥砂浆抹面10mm厚\n(8)C20混凝土75mm厚；500*400普通铸铁井盖\n(9)大样图详见图号ZP01","",{"$nulls":10},""]
["64.1","40501005T","C15排水井垫层(预拌非泵送普通混凝土)","m3",0.137,180.85,431.23,null,0.64,{"v":41.6,"d":"41.60"},39.26,null,62.42,{"v":756,"d":"756.00"},""]
["64.2","40501007T","砌筑井壁(砖砌井壁 矩形)","m3",0.652,216.25,{"v":402.9,"d":"402.90"},null,4.17,42.32,39.94,null,{"v":63.5,"d":"63.50"},769.08,""]
["64.3","40501025T","勾缝及抹灰(砖墙 抹灰 井内侧)","m2",1.372,{"v":27.5,"d":"27.50"},7.72,null,0.39,2.42,2.28,null,3.63,43.94,""]
["64.4","40501036T","C20钢筋预拌非泵送普通混凝土井盖、井圈制作(预拌非泵送普通混凝土井圈)","m3",0.056,512.19,751.34,null,{"v":0.9,"d":"0.90"},85.85,81.02,null,128.82,1560.12,""]
["64.5","40903070T","电缆井设置(井盖安装(套) 铸铁盖、座)","套",{"v":1,"d":"1.000"},60.96,356.05,null,null,28.31,26.72,null,42.48,514.52,""]
["","","分部小计","",{"v":3,"d":"3.000"},{"$nulls":9},""]
["暂列金",{"$nulls":13},"单位工程(17安装)"]
["暂列金",{"$nulls":13},"分项工程(17安装)"]

{"sheet":"单价措施项目清单综合单价分析表","index":11,"n_rows":30,"n_cols":15,"rows_kept":30,"merged":[[0,0,0,13],[1,0,1,13],[2,0,2,11],[2,12,2,13],[3,0,4,0],[3,1,4,1],[3,2,4,2],[3,3,4,3],[3,4,4,4],[3,5,3,12],[3,13,4,13],[4,11,4,12],[5,0,5,13],[6,0,6,13],[7,0,7,13],[8,11,8,12],[9,11,9,12],[10,0,10,13],[11,11,11,12],[12,11,12,12],[13,0,13,13],[14,0,14,13],[15,11,15,12],[16,11,16,12],[17,0,17,13],[18,11,18,12],[19,11,19,12],[20,0,20,13],[21,0,21,13],[22,0,22,13],[23,0,23,13],[24,0,24,13],[25,11,25,12],[26,11,26,12],[27,0,27,13],[28,0,28,13],[29,0,29,13]]}
["单价措施项目清单综合单价分析表",{"$nulls":13},""]
["",{"$nulls":13},""]
["工程名称：柘荣汽车站“三旧改造”(新财富广场)项目-智能化工程",{"$nulls":11},"第1页 共1页",null,""]
["序号","项目编码","项目名称及特征描述","单位","工程量","综合单价组成(元)",{"$nulls":7},"综合单价\n(元)",""]
[{"$nulls":5},"人工费","材料费","施工机具使用费","企业管理费","利润","规费","税金",null,null,""]
["单项工程",{"$nulls":13},"单项工程(17安装)"]
["安装工程",{"$nulls":13},"单位工程(17安装)"]
["视频监控系统",{"$nulls":13},"分项工程(17安装)"]
["1","031301017001","脚手架搭拆","项",{"v":1,"d":"1.000"},24.09,44.74,null,6.88,4.82,null,7.57,null,{"v":88.1,"d":"88.10"},""]
["1.1","BJ-4","电气设备安装工程脚手架搭拆费","元",68.828,0.35,0.65,null,{"v":0.1,"d":"0.10"},0.07,null,0.11,null,1.28,""]
["UPS配电系统",{"$nulls":13},"分项工程(17安装)"]
["2","031301017002","脚手架搭拆","项",{"v":1,"d":"1.000"},0.87,1.62,null,0.25,0.17,null,0.27,null,3.18,""]
["2.1","BJ-4","电气设备安装工程脚手架搭拆费","元",2.486,0.35,0.65,null,{"v":0.1,"d":"0.10"},0.07,null,0.11,null,1.28,""]
["综合布线系统",{"$nulls":13},"分项工程(17安装)"]
["五方通话系统",{"$nulls":13},"分项工程(17安装)"]
["3","031301017003","脚手架搭拆","项",{"v":1,"d":"1.000"},2.37,{"v":4.4,"d":"4.40"},null,0.68,0.47,null,0.75,null,8.67,""]
["3.1","BJ-4","电气设备安装工程脚手架搭拆费","元",6.773,0.35,0.65,null,{"v":0.1,"d":"0.10"},0.07,null,0.11,null,1.28,""]
["消控室",{"$nulls":13},"分项工程(17安装)"]
["4","031301017004","脚手架搭拆","项",{"v":1,"d":"1.000"},{"v":6.1,"d":"6.10"},11.34,null,1.74,1.22,null,1.92,null,22.32,""]
["4.1","BJ-4","电气设备安装工程脚手架搭拆费","元",17.441,0.35,0.65,null,{"v":0.1,"d":"0.10"},0.07,null,0.11,null,1.28,""]
["室外工程",{"$nulls":13},"单位工程(17安装)"]
["视频监控系统",{"$nulls":13},"分项工程(17安装)"]
["UPS配电系统",{"$nulls":13},"分项工程(17安装)"]
["综合布线系统",{"$nulls":13},"分项工程(17安装)"]
["停车场管理系统",{"$nulls":13},"分项工程(17安装)"]
["5","011702001001","基础模板\n(1)安全岛基础","m2",{"v":1.89,"d":"1.890"},45.69,{"v":16,"d":"16.00"},0.76,4.24,{"v":4,"d":"4.00"},null,6.36,null,77.05,""]
["5.1","10117035","现浇混凝土胶合板模板(垫层)","m2",{"v":1.89,"d":"1.890"},45.69,{"v":16,"d":"16.00"},0.76,4.24,{"v":4,"d":"4.00"},null,6.36,null,77.05,""]
["综合管网",{"$nulls":13},"分项工程(17安装)"]
["暂列金",{"$nulls":13},"单位工程(17安装)"]
["暂列金",{"$nulls":13},"分项工程(17安装)"]

{"sheet":"人工、材料设备、机械汇总表","index":12,"n_rows":203,"n_cols":8,"rows_kept":203,"merged":[[0,0,0,7],[1,0,1,7],[2,0,2,5],[2,6,2,7],[44,0,44,7],[45,0,45,7],[46,0,46,5],[46,6,46,7],[87,0,87,7],[88,0,88,7],[89,0,89,5],[89,6,89,7],[130,0,130,7],[131,0,131,7],[132,0,132,5],[132,6,132,7],[170,0,170,7],[171,0,171,7],[172,0,172,5],[172,6,172,7]]}
["人工、材料设备、机械汇总表"]
[""]
["工程名称：柘荣汽车站“三旧改造”(新财富广场)项目-智能化工程",{"$nulls":5},"第1页 共5页"]
["序号","工料机编码","工料机名称","规格、型号等特殊要求","单位","数量","单价","合价"]
["一","","人工","","","","",0]
["1","00010040","定额人工费","","元","","",{"v":57815.7,"d":"57815.70"}]
["二","","材料","","","","",""]
["1","01010110","螺纹钢筋","HRB335Φ14","t",0.004,{"v":2734.51,"d":"2734.510"},11.07]
["2","01030040","镀锌铁丝","13#-17#","kg",1.418,{"v":8.32,"d":"8.320"},11.79]
["3","01030140","镀锌铁丝","22#","kg",0.006,{"v":9.27,"d":"9.270"},0.05]
["4","01030190","镀锌铁丝","Φ2.2～1.2","kg",1.601,{"v":8.22,"d":"8.220"},13.16]
["5","01090200","圆钢","Φ10以内","kg",{"v":3.48,"d":"3.480"},2.894,10.07]
["6","01530010","封铅","含铅65% 锡35%","kg",0.282,{"v":48.67,"d":"48.670"},13.71]
["7","02070240","橡胶垫","δ2","m2",0.047,{"v":3.42,"d":"3.420"},0.16]
["8","02130120","三色塑料带","20mm×40m","m",{"v":0.4,"d":"0.400"},{"v":0.3,"d":"0.300"},0.12]
["9","02270001","白布","","kg",0.581,{"v":26.36,"d":"26.360"},15.31]
["10","02270040","细白布","宽900","m",{"v":0.1,"d":"0.100"},{"v":4.27,"d":"4.270"},0.43]
["11","02270260","棉纱","","kg",1.062,{"v":5.22,"d":"5.220"},5.54]
["12","03010440","铁钉","","kg",1.215,{"v":9.93,"d":"9.930"},12.06]
["13","03010550","圆钉","","kg",0.176,{"v":9.93,"d":"9.930"},1.74]
["14","03011950","镀锌锁紧螺母","3×15-20","个",40.606,{"v":0.22,"d":"0.220"},8.93]
["15","03011990","镀锌锁紧螺母","3×20","个",0.446,{"v":0.26,"d":"0.260"},0.12]
["16","03015010","六角螺栓","M6～8×20～70","套",{"v":4,"d":"4.000"},{"v":0.27,"d":"0.270"},1.08]
["17","03015050","六角螺栓","M12×20～100","套",{"v":6,"d":"6.000"},{"v":0.33,"d":"0.330"},1.98]
["18","03015420","膨胀螺栓","M6","个",{"v":7.51,"d":"7.510"},{"v":6.15,"d":"6.150"},46.18]
["19","03015480","膨胀螺栓","M12","套",{"v":2,"d":"2.000"},{"v":1.64,"d":"1.640"},3.28]
["20","03015520","膨胀螺栓","M16","套",{"v":28.56,"d":"28.560"},{"v":4.25,"d":"4.250"},121.38]
["21","03130280","焊锡丝","","kg",{"v":0.2,"d":"0.200"},{"v":24.34,"d":"24.340"},4.87]
["22","03130370","电焊条","结422Φ3.2","kg",2.083,{"v":6.86,"d":"6.860"},14.29]
["23","03130650","焊锡膏","","kg",{"v":0.04,"d":"0.040"},{"v":36.99,"d":"36.990"},1.48]
["24","03130830","冲击钻头","Φ8","个",0.047,{"v":4.78,"d":"4.780"},0.22]
["25","03130970","合金钢钻头","Φ10","个",0.094,{"v":3.66,"d":"3.660"},0.34]
["26","03131110","锯条","综合","根",6.315,{"v":0.44,"d":"0.440"},2.78]
["27","03131120","钢锯条","","根",7.136,{"v":0.23,"d":"0.230"},1.64]
["28","03131540","金属片","Φ150","片",2.401,{"v":0.98,"d":"0.980"},2.35]
["29","03131890","锡基钎料","","kg",0.691,{"v":42.48,"d":"42.480"},29.34]
["30","03210180","垫铁","","kg",{"v":1.2,"d":"1.200"},{"v":4.82,"d":"4.820"},5.78]
["31","03210610","零星卡具","","kg",0.405,{"v":5.73,"d":"5.730"},2.32]
["32","04010001","水泥","32.5","kg",0.207,0.358,0.07]
["33","04010050","袋装水泥","32.5","kg",245.416,0.358,87.86]
["34","04010170","散装水泥","42.5","kg",278.185,0.372,103.48]
["35","04030120","中(细)砂","损耗2%+膨胀1.18","m3",null,{"v":200.92,"d":"200.920"},0.07]
["36","04030150","中(粗)砂","损耗2%+膨胀1.18","m3",0.372,{"v":200.92,"d":"200.920"},{"v":74.7,"d":"74.70"}]
["37","04030230","净干砂（机制砂）","","m3",0.986,{"v":147.43,"d":"147.430"},{"v":145.4,"d":"145.40"}]
["人工、材料设备、机械汇总表"]
[""]
["工程名称：柘荣汽车站“三旧改造”(新财富广场)项目-智能化工程",{"$nulls":5},"第2页 共5页"]
["序号","工料机编码","工料机名称","规格、型号等特殊要求","单位","数量","单价","合价"]
["38","04050240","碎石","Φ5-31.5","m3",0.539,{"v":115.71,"d":"115.710"},62.38]
["39","04050250","碎石","Φ5-40","m3",{"v":0.35,"d":"0.350"},{"v":115.71,"d":"115.710"},40.44]
["40","04090030","粉煤灰","Ⅱ级","kg",28.292,0.223,6.31]
["41","04130720","水泥实心砖","240×115×53 MU10","块",1065.824,{"v":0.52,"d":"0.520"},554.23]
["42","05030010","松板枋材","","m3",0.008,{"v":2080,"d":"2080.000"},16.85]
["43","05030210","杉木锯材","","m3",0.026,{"v":1858,"d":"1858.000"},47.45]
["44","05030220","松木锯材","","m3",0.009,{"v":1379,"d":"1379.000"},12.51]
["45","13010370","沥青清漆","","kg",1.274,{"v":9.82,"d":"9.820"},12.51]
["46","13010390","煤焦沥青漆","L01-17","kg",0.611,{"v":10.62,"d":"10.620"},6.49]
["47","13050100","醇酸防锈漆","C53-1","kg",4.046,{"v":9.91,"d":"9.910"},{"v":40.1,"d":"40.10"}]
["48","13050220","沥青绝缘漆","","kg",0.047,{"v":13.18,"d":"13.180"},0.62]
["49","14030060","汽油","92#","kg",3.959,{"v":6.24,"d":"6.240"},{"v":24.7,"d":"24.70"}]
["50","14050050","溶剂汽油","200#","kg",1.263,{"v":6.94,"d":"6.940"},8.76]
["51","14210010","环氧树脂","综合","kg",{"v":21,"d":"21.000"},{"v":14.34,"d":"14.340"},301.14]
["52","14330190","硬脂酸","一级","㎏",0.047,{"v":7.79,"d":"7.790"},0.37]
["53","14350570","脱模剂","","kg",0.369,{"v":2.92,"d":"2.920"},1.08]
["54","14351100","减水剂","WR-S","kg",1.621,{"v":3.57,"d":"3.570"},5.79]
["55","14430290","塑料胶粘带","20mm×20m","个",{"v":0.01,"d":"0.010"},{"v":3.05,"d":"3.050"},0.03]
["56","17010450","焊接钢管","DN25","m",42.415,8.502,360.62]
["57","17010460","焊接钢管","DN32","m",119.295,10.921,1302.82]
["58","17010490","焊接钢管","DN50","m",108.995,16.931,1845.39]
["59","17030290","JDG管","DN20","m",274.763,{"v":6.19,"d":"6.190"},1700.78]
["60","17250590","塑料软管","DE5","m",{"v":0.08,"d":"0.080"},{"v":0.13,"d":"0.130"},0.01]
["61","17254370","热塑管","","m",{"v":0.31,"d":"0.310"},{"v":14.1,"d":"14.100"},4.37]
["62","18037090","固定卡子","Φ40","个",{"v":2.06,"d":"2.060"},{"v":1,"d":"1.000"},2.06]
["63","18150130","管接头","DN15×5","个",43.313,{"v":15.93,"d":"15.930"},689.97]
["64","27060080","接地线","BV5.5-16","m",{"v":0.8,"d":"0.800"},{"v":10.32,"d":"10.320"},8.26]
["65","27170100","尼龙扎带","综合","根",{"v":20,"d":"20.000"},{"v":0.04,"d":"0.040"},{"v":0.8,"d":"0.80"}]
["66","27170180","电气绝缘胶带","18mm×10m×0.13mm","卷",6.875,{"v":3.54,"d":"3.540"},24.34]
["67","28000010","电线","BYJ-3*2.5mm2","m",216.783,{"v":1.88,"d":"1.880"},407.55]
["68","28010390","镀锡裸铜软绞线","TJRX 16MM2","kg",{"v":0.28,"d":"0.280"},{"v":38.05,"d":"38.050"},10.65]
["69","28010480","硬铜绞线","TJ-35","m",{"v":1.95,"d":"1.950"},{"v":21.55,"d":"21.550"},42.02]
["70","28030550","线槽配线","RYY-3*1.5mm2","m",51.061,{"v":5.51,"d":"5.510"},281.35]
["71","28031880","穿多芯软导线","RYY-3*1.5mm2","m",13.608,{"v":5.51,"d":"5.510"},74.98]
["72","28031880","穿多芯软导线","RYY-3*2.5mm2","m",93.949,{"v":6.23,"d":"6.230"},{"v":585.3,"d":"585.30"}]
["73","28031880","穿多芯软导线","RYY-3*1mm2","m",70.556,{"v":3.9,"d":"3.900"},275.17]
["74","28031880","穿多芯软导线","RYY-3*4mm2","m",172.422,{"v":7.26,"d":"7.260"},1251.78]
["75","28031970","铜芯聚氯乙烯绝缘电线","BV-6","m",{"v":55.08,"d":"55.080"},{"v":3.91,"d":"3.910"},215.36]
["76","28032000","铜芯聚氯乙烯绝缘电线","BV-16","m",{"v":67.32,"d":"67.320"},{"v":10.4,"d":"10.400"},700.13]
["人工、材料设备、机械汇总表"]
[""]
["工程名称：柘荣汽车站“三旧改造”(新财富广场)项目-智能化工程",{"$nulls":5},"第3页 共5页"]
["序号","工料机编码","工料机名称","规格、型号等特殊要求","单位","数量","单价","合价"]
["77","28032060","铜芯聚氯乙烯绝缘软电线","BVR-4","m",59.221,{"v":3.28,"d":"3.280"},194.24]
["78","28110020","电力电缆","YJV-3*4mm2","m",47.404,{"v":13.73,"d":"13.730"},650.86]
["79","28112060","控制电缆","WDZB1-RYYP-6*1.0mm2","m",{"v":20.3,"d":"20.300"},{"v":8.45,"d":"8.450"},171.54]
["80","28250001","单模光纤","6芯","m",162.843,{"v":3.55,"d":"3.550"},578.09]
["81","28250001","光纤","12芯","m",84.048,{"v":4.5,"d":"4.500"},378.22]
["82","28250001","单模光纤","4芯","m",1319.064,{"v":2.9,"d":"2.900"},3825.29]
["83","28270120","双绞线缆","UTP6","m",1988.385,{"v":3.92,"d":"3.920"},7794.47]
["84","28290001","HDMI线","","m",{"v":30.3,"d":"30.300"},{"v":260,"d":"260.000"},{"v":7878,"d":"7878.00"}]
["85","28310030","光纤跳线LC-LC","","条",{"v":68,"d":"68.000"},{"v":40,"d":"40.000"},{"v":2720,"d":"2720.00"}]
["86","29060001","套管","KT2型","个",{"v":2.1,"d":"2.100"},{"v":0.69,"d":"0.690"},1.45]
["87","29060070","钢管塑料护口","25-32","个",24.257,{"v":0.16,"d":"0.160"},3.88]
["88","29060080","钢管塑料护口","40-50","个",16.349,{"v":0.58,"d":"0.580"},9.48]
["89","29060790","镀锌电线管塑料护口","DN15～20","个",109.905,{"v":0.05,"d":"0.050"},{"v":5.5,"d":"5.50"}]
["90","29060820","镀锌钢管塑料护口","DN15～20","个",{"v":4.45,"d":"4.450"},{"v":0.05,"d":"0.050"},0.22]
["91","29090200","铜接线端子","100A","个",{"v":3.3,"d":"3.300"},{"v":2.3,"d":"2.300"},7.59]
["92","29090310","铜接线端子","DT-16","个",{"v":2.04,"d":"2.040"},{"v":2.5,"d":"2.500"},{"v":5.1,"d":"5.10"}]
["93","29090520","铜端子","6mm2","个",{"v":55.08,"d":"55.080"},{"v":1.89,"d":"1.890"},{"v":104.1,"d":"104.10"}]
["94","29090530","铜端子","16mm2","个",{"v":44.44,"d":"44.440"},{"v":3.04,"d":"3.040"},{"v":135.1,"d":"135.10"}]
["95","29110110","接线盒","86型","个",{"v":2.04,"d":"2.040"},{"v":2.14,"d":"2.140"},4.37]
["96","29110390","UPS楼层配电箱","","个",{"v":7,"d":"7.000"},{"v":24.78,"d":"24.780"},173.46]
["97","29110390","室外安防箱","300*500*150","个",{"v":3,"d":"3.000"},{"v":550,"d":"550.000"},{"v":1650,"d":"1650.00"}]
["98","29110390","12U网络机柜","","个",{"v":8,"d":"8.000"},{"v":855,"d":"855.000"},{"v":6840,"d":"6840.00"}]
["99","29110390","42U网络机柜","","个",{"v":4,"d":"4.000"},{"v":2250,"d":"2250.000"},{"v":9000,"d":"9000.00"}]
["100","29170150","镀锌地线夹","20","套",{"v":219.81,"d":"219.810"},{"v":0.12,"d":"0.120"},26.38]
["101","29250020","镀锌电缆吊挂","3.0×50","套",2.394,{"v":30.17,"d":"30.170"},72.22]
["102","29250090","镀锌电缆卡子","2×35","套",15.663,{"v":3.15,"d":"3.150"},49.34]
["103","30030010","显示器支架","","副",{"v":4,"d":"4.000"},{"v":1404,"d":"1404.000"},{"v":5616,"d":"5616.00"}]
["104","30130130","光纤连接器材","","套",{"v":343.4,"d":"343.400"},{"v":13.68,"d":"13.680"},4697.71]
["105","30130160","尾纤","10m单头","根",{"v":340,"d":"340.000"},{"v":45,"d":"45.000"},{"v":15300,"d":"15300.00"}]
["106","33050060","铸铁爬梯","","kg",16.595,{"v":6.9,"d":"6.900"},{"v":114.5,"d":"114.50"}]
["107","34050001","标签纸","综合","m",{"v":0.3,"d":"0.300"},{"v":11.73,"d":"11.730"},3.52]
["108","34090350","白绸","","m2",{"v":12,"d":"12.000"},{"v":15.04,"d":"15.040"},180.48]
["109","34110030","电","","kW·h",0.436,{"v":0.51,"d":"0.510"},0.22]
["110","34110080","水","","m3",1.273,{"v":2.91,"d":"2.910"},{"v":3.7,"d":"3.70"}]
["111","34130010","标志牌","塑料扁形","个",4.016,{"v":0.88,"d":"0.880"},3.53]
["112","35010001","钢模板","","kg",0.008,{"v":6.19,"d":"6.190"},0.05]
["113","35010020","组合钢模板","","kg",0.842,{"v":5.75,"d":"5.750"},4.84]
["114","35010140","胶合板","18厚、一级、酚醛","m2",0.393,{"v":40,"d":"40.000"},15.74]
["115","35020001","钢模支撑","","kg",0.369,{"v":6.19,"d":"6.190"},2.28]
["人工、材料设备、机械汇总表"]
[""]
["工程名称：柘荣汽车站“三旧改造”(新财富广场)项目-智能化工程",{"$nulls":5},"第4页 共5页"]
["序号","工料机编码","工料机名称","规格、型号等特殊要求","单位","数量","单价","合价"]
["116","36010260","铸铁井盖井座","","套",{"v":3,"d":"3.000"},{"v":329,"d":"329.000"},{"v":987,"d":"987.00"}]
["117","36210150","端子号牌","","个",{"v":10,"d":"10.000"},{"v":0.16,"d":"0.160"},{"v":1.6,"d":"1.60"}]
["118","49010030","其他材料费","","%",66.405,{"v":1,"d":"1.000"},{"v":66.4,"d":"66.40"}]
["119","49010040","其他材料费","","元",{"v":1662,"d":"1662.000"},{"v":1,"d":"1.000"},{"v":1662,"d":"1662.00"}]
["120","49010040","其他材料费","","元",62.093,{"v":1,"d":"1.000"},62.09]
["121","49011001","光纤配线架","12口","架",{"v":8,"d":"8.000"},{"v":448,"d":"448.000"},{"v":3584,"d":"3584.00"}]
["122","49011002","视频监控管理软件","","套",{"v":1,"d":"1.000"},{"v":500,"d":"500.000"},{"v":500,"d":"500.00"}]
["123","49011003","操作台","","台",{"v":1,"d":"1.000"},{"v":4050,"d":"4050.000"},{"v":4050,"d":"4050.00"}]
["124","49011004","后台管理软件","","套",{"v":1,"d":"1.000"},{"v":500,"d":"500.000"},{"v":500,"d":"500.00"}]
["125","49011005","光纤配线架","48口","架",{"v":4,"d":"4.000"},{"v":1296,"d":"1296.000"},{"v":5184,"d":"5184.00"}]
["126","49011006","摄像机支架","","套",{"v":3,"d":"3.000"},{"v":882,"d":"882.000"},{"v":2646,"d":"2646.00"}]
["127","80010020","水泥砂浆","1:2(32.5)","m3",null,384.629,0.15]
["128","80010350","现拌砌筑砂浆","M5(42.5) 砂子4.75mm 稠度50~70mm","m3",0.531,216.377,114.93]
["129","80010490","现拌抹灰砂浆","1:2.5 M40(42.5) 砂子4.75mm 稠度50~70mm","m3",0.089,348.684,31.14]
["130","80213570","预拌非泵送普通混凝土","C15(42.5) 碎石31.5mm 塌落度120-160mm","m3",0.417,{"v":410.44,"d":"410.440"},171.22]
["131","80213575","预拌非泵送普通混凝土","C20(42.5) 碎石31.5mm 塌落度120-160mm","m3",0.171,{"v":431.13,"d":"431.130"},73.52]
["三","","设备","","","","",""]
["1","79011001","监控摄像设备","400万网络枪式摄像机","台",{"v":31,"d":"31.000"},{"v":815,"d":"815.000"},{"v":25265,"d":"25265.00"}]
["2","79011001","监控摄像设备","400万网络半球摄像机","台",{"v":15,"d":"15.000"},{"v":835,"d":"835.000"},{"v":12525,"d":"12525.00"}]
["3","79011001","监控摄像设备","智能高清球型摄像机","台",{"v":2,"d":"2.000"},{"v":5500,"d":"5500.000"},{"v":11000,"d":"11000.00"}]
["4","79011001","交换机","8口POE交换机","台",{"v":7,"d":"7.000"},{"v":1750,"d":"1750.000"},{"v":12250,"d":"12250.00"}]
["5","79011002","4路超高清解码器","","台",{"v":1,"d":"1.000"},{"v":8800,"d":"8800.000"},{"v":8800,"d":"8800.00"}]
["6","79011002","24口汇聚交换机","","台",{"v":1,"d":"1.000"},{"v":3700,"d":"3700.000"},{"v":3700,"d":"3700.00"}]
["7","79011002","液晶拼接显示单元","55英寸","台",{"v":4,"d":"4.000"},{"v":5780,"d":"5780.000"},{"v":23120,"d":"23120.00"}]
["8","79011003","64路超脑NVR","","台",{"v":1,"d":"1.000"},{"v":7680,"d":"7680.000"},{"v":7680,"d":"7680.00"}]
["9","79011003","存储硬盘","8T","台",{"v":8,"d":"8.000"},{"v":1950,"d":"1950.000"},{"v":15600,"d":"15600.00"}]
["10","79011004","标准道闸","","台",{"v":3,"d":"3.000"},{"v":7800,"d":"7800.000"},{"v":23400,"d":"23400.00"}]
["11","79011005","同进同出控制器","","台",{"v":1,"d":"1.000"},{"v":2400,"d":"2400.000"},{"v":2400,"d":"2400.00"}]
["12","79011005","地感线圈","","套",{"v":7,"d":"7.000"},{"v":200,"d":"200.000"},{"v":1400,"d":"1400.00"}]
["13","79011005","卡口专用高速摄像机（主机）","","台",{"v":4,"d":"4.000"},{"v":9560,"d":"9560.000"},{"v":38240,"d":"38240.00"}]
["14","79011005","车辆检测器","","台",{"v":7,"d":"7.000"},{"v":500,"d":"500.000"},{"v":3500,"d":"3500.00"}]
["15","79011005","UPS电源","10KVA/0.5H","台",{"v":1,"d":"1.000"},{"v":5500,"d":"5500.000"},{"v":5500,"d":"5500.00"}]
["16","79011007","管理电脑","","台",{"v":2,"d":"2.000"},{"v":5500,"d":"5500.000"},{"v":11000,"d":"11000.00"}]
["四","","施工机具","","","","",""]
["1","98050050","真有效值万用表","工业用","台班",32.914,{"v":6.03,"d":"6.030"},198.47]
["2","98050110","万用表","手持式","台班",0.204,{"v":6.83,"d":"6.830"},1.39]
["人工、材料设备、机械汇总表"]
[""]
["工程名称：柘荣汽车站“三旧改造”(新财富广场)项目-智能化工程",{"$nulls":5},"第5页 共5页"]
["序号","工料机编码","工料机名称","规格、型号等特殊要求","单位","数量","单价","合价"]
["3","98110100","高压绝缘电阻测试仪","","台班",0.066,{"v":39.84,"d":"39.840"},2.62]
["4","98110180","接地电阻测试仪","钳形","台班",{"v":0.1,"d":"0.100"},{"v":13.31,"d":"13.310"},1.33]
["5","98150050","手持光损耗测试仪","","台班",{"v":17,"d":"17.000"},{"v":11.49,"d":"11.490"},195.33]
["6","98170020","对讲机","","台班",17.235,{"v":5.51,"d":"5.510"},94.96]
["7","98390001","彩色监视器","","台班",{"v":20.6,"d":"20.600"},{"v":4.89,"d":"4.890"},100.73]
["8","98470140","笔记本电脑","","台班",{"v":22.1,"d":"22.100"},{"v":10.24,"d":"10.240"},{"v":226.3,"d":"226.30"}]
["9","99010030","履带式单斗挖掘机","液压 斗容量1.25m3","台班",0.002,1277.878,3.19]
["10","99010130","轮胎式单斗挖掘机","液压 斗容量0.6m3","台班",{"v":0.25,"d":"0.250"},668.618,166.84]
["11","99050010","电动滚筒式混凝土搅拌机","出料容量400L","台班",0.016,{"v":255.16,"d":"255.160"},4.03]
["12","99070030","履带式推土机","功率75kW","台班",0.029,796.354,22.91]
["13","99070510","载货汽车","装载质量4t","台班",0.203,465.891,94.34]
["14","99070520","载货汽车","装载质量5t","台班",0.073,501.785,{"v":36.8,"d":"36.80"}]
["15","99070530","载货汽车","装载质量6t","台班",0.002,519.898,1.18]
["16","99070540","载货汽车","装载质量8t","台班",{"v":0.03,"d":"0.030"},575.729,17.27]
["17","99070670","自卸汽车","装载质量15t","台班",{"v":0.03,"d":"0.030"},{"v":885.73,"d":"885.730"},26.92]
["18","99070870","机动翻斗车","装载质量1t","台班",0.156,281.658,{"v":44,"d":"44.00"}]
["19","99090300","汽车式起重机","提升质量5t","台班",0.002,451.339,0.91]
["20","99090310","汽车式起重机","提升质量8t","台班",0.033,806.406,26.49]
["21","99090620","叉式起重机","提升质量3t","台班",{"v":0.03,"d":"0.030"},559.658,16.79]
["22","99110020","手动液压叉车","","台班",{"v":7,"d":"7.000"},{"v":182.74,"d":"182.740"},1279.18]
["23","99130280","电动夯实机","夯击能力20～62N.m","台班",6.215,{"v":27.16,"d":"27.160"},{"v":168.8,"d":"168.80"}]
["24","99191670","混凝土切缝机","功率 7.5kW","台班",{"v":9.8,"d":"9.800"},23.454,229.85]
["25","99191890","电动揋弯机","100以内","台班",0.147,{"v":52.72,"d":"52.720"},7.77]
["26","99210001","木工圆锯机","直径500mm","台班",0.017,20.364,0.34]
["27","99210060","木工单面压刨床","刨削宽度 600mm","台班",0.003,25.781,0.08]
["28","99250590","交流电焊机","容量21kVA","台班",1.157,{"v":60.84,"d":"60.840"},{"v":70.4,"d":"70.40"}]
["29","99370040","平台作业升降车","提升高度9m","台班",{"v":2,"d":"2.000"},274.738,549.48]
["30","99390060","光纤熔接机","","台班",{"v":34,"d":"34.000"},{"v":117.4,"d":"117.400"},{"v":3991.6,"d":"3991.60"}]
["31","99450640","线号打印机","","台班",{"v":0.04,"d":"0.040"},{"v":4.31,"d":"4.310"},0.17]